{"text_format":"2","workbook":"xlsx","n_sheets":16,"sheets":["CAPA AP","Planilha Resumo AP","Orçamento Sintético - AP - P","Orçamento Analítico - AP - P","Crono. - AP - P","Orçamento Sintético - AP - T","Orçamento Analítico - AP - T","Crono. - AP - T","CAPA PA","Planilha Resumo PA","Orçamento Sintético - PA - P","Orçamento Analítico - PA - P","Crono. - PA - P","Orçamento Sintético - PA - T","Orçamento Analítico - PA - T","Crono. - PA - T"],"not_rendered":{"charts":0,"images":2,"macros":0,"external_links":0,"defined_names":9114,"comments":0,"pivot_tables":0},"unopened":[],"bounds":{"document_bytes":16777216,"sheet_cells":100000,"run_cost":"one","rows_first":2000,"rows_last":500,"rows_between":2000,"halvings":0,"cell_chars":16384,"cell_head_chars":4096},"cells_cut":0,"cells_raw":0,"read":"whole","date_system":"1900"}

{"sheet":"CAPA AP","index":0,"n_rows":7,"n_cols":2,"rows_kept":7,"cut":false,"hidden":false,"merged":[[6,1,16,13]]}
[]
[]
[]
[]
[]
[]
[null,"EXECUÇÃO DE SERVIÇOS DE PERFURAÇÃO E INSTALAÇÃO DE POÇOS TUBULARES NO AMAPÁ"]

{"sheet":"Planilha Resumo AP","index":1,"n_rows":15,"n_cols":7,"rows_kept":15,"cut":false,"hidden":false,"merged":[[12,1,12,2],[14,1,14,2],[1,1,1,6],[2,1,2,6],[3,1,3,6],[4,1,4,6],[8,1,8,2],[8,4,8,5],[12,4,12,6],[14,4,14,6]]}
[]
[null,"OBJETO: EXECUÇÃO DE SERVIÇOS DE PERFURAÇÃO E INSTALAÇÃO DE POÇOS TUBULARES EM MUNICÍPIOS LOCALIZADOS NO ESTADO DO AMAPÁ, NA ÁREA DE ATUAÇÃO DA CODEVASF"]
[null,"PLANILHA ORÇAMENTÁRIA ESTIMATIVA GERAL"]
[null,"DATABASE DO ORÇAMENTO: SETEMBRO/2024 - NÃO DESONERADO"]
[null,"PLANILHA RESUMIDA - GRUPO 1 - AMAPÁ"]
[null,"ITEM","DISCRIMINAÇÃO","UND","Quantidade de Poços","PREÇO \nUNITÁRIO","TOTAL"]
[null,1,"Perfuração e instalação de poço tubular parcialmente revestido, instalado com sistema fotovoltaico, bomba submersa, reservatório e bebedouro para animais.","un",40,150204.76,6008190.4500000002]
[null,2,"Perfuração e instalação de poços poço tubular totalmente revestido, instalado com sistema fotovoltaico, bomba submersa, reservatório e bebedouro para animais.","un",60,215915.23,12954914.029999999]
[null,"TOTAL GERAL ESTIMADO GRUPO",null,"un",100,null,18963104.48]
[]
[]
[]
[null,"Base de Preços Consultados",null,null,"SINAPI - 08/2024 - Amapá\nSBC - 10/2024 - Amapá\nSICRO3 - 04/2024 - Amapá\nORSE - 06/2024 - Sergipe\nSEINFRA - 028 - Ceará\nCPOS/CDHU - 09/2024 - São Paulo\nFDE - 07/2024 - São Paulo\nEMBASA - 05/2024 - Bahia"]
[]
[null,"Encargos Sociais",null,null,"Não Desonerado: \n Horista: 115,81%\n Mensalista: 69,84%"]

{"sheet":"Orçamento Sintético - AP - P","index":2,"n_rows":59,"n_cols":12,"rows_kept":59,"cut":false,"hidden":false,"merged":[[0,2,1,5]]}
[null,null,"OBJETO: EXECUÇÃO DE SERVIÇOS DE PERFURAÇÃO E INSTALAÇÃO DE POÇOS TUBULARES EM MUNICÍPIOS LOCALIZADOS NO ESTADO DO AMAPÁ, NA ÁREA DE ATUAÇÃO DA CODEVASF",{"$nulls":4},"Quantidade de Poços","BDI SERVIÇO","BDI INSUMO","Total","Preço Unitário Por Poço"]
[{"$nulls":7},40,0.26340000000000002,0.15279999999999999,6008190.4500000002,150204.76]
["Item","Código","Banco","TIPO","Descrição.","un.","Mem. calc.","Quanti.","Valor Unit","Valor Unit com BDI","Total","Peso (%)"]
[1,null,null,null,"Serviços preliminares.",{"$nulls":5},56314.19,9.3729036169284546E-3]
["1.1","COMPOSIÇÃO - 1","Próprio","Serviço","Administração local da obra - poço parcialmente revestido.","un.",1,40,223.16,281.94,11277.6,1.8770377027579077E-3]
["1.2","COMPOSIÇÃO - 2","Próprio","Serviço","Serviço de locação geológica de campo com relatório hidro geológico e perfil construtivo e geológico esperado. relatório de viabilidade de implantação das estruturas e vistorias preliminares.","un.",1,40,587.79999999999995,742.63,29705.200000000001,4.944117575367472E-3]
["1.3",103689,"SINAPI","Insumo","Fornecimento e instalação de placa de obra com chapa galvanizada e estrutura de madeira. .","m²",0.72,28.8,461.78,532.34,15331.39,2.551748338803075E-3]
[2,null,null,null,"Mobilizaçâo e desmobilizaçâo equipes perfuraçâo e instalação.",null,null,null,"Valor Unit",null,174571.04,2.9055510382497946E-2]
["2.1","COMPOSIÇÃO - 3","Próprio","Serviço","Transporte de comboio perfuração.","km",150,6000,4.6399999999999997,5.86,35160,5.8520115653124807E-3]
["2.2","COMPOSIÇÃO - 4","Próprio","Serviço","Transporte de comboio instalação.","km",150,6000,5.9,7.45,44700,7.439844054876789E-3]
["2.3","COMPOSIÇÃO - 5","Próprio","Serviço","Transporte de equipe teste de vazão.","km",150,6000,2.59,3.27,19620,3.2655422898586711E-3]
["2.4","COTAÇÃO-001","Próprio","Insumo","Transporte hidroviário perfuração e instalação poços - trecho ida e volta.","un.",0.17,6.8,9579.11,11042.8,75091.039999999994,1.2498112472450001E-2]
[3,null,null,null,"Perfuração e completação de poço tubular.",null,null,null,"Valor Unit",null,1194338.24,0.19878501687642075]
["3.1",5051,"ORSE","Insumo","Perfuraçao em rocha metassedimentar - metassedimento alterado / compacto dn 6\" (poço 120m).","m",90,3600,156.31,180.19,648684,0.10796661746965761]
["3.2",5057,"ORSE","Insumo","Perfuração rocha sedimentar sedimento / camadas inconsolidadas dn 12.1/2\" - poço até 150m.","m",30,1200,247.66,285.5,342600,5.7022160474290554E-2]
["3.3","COMPOSIÇÃO - 6","Próprio","Serviço","Serviço de lançamento cimentação anelar, incluso materiais.","m³",1.6,64,541.72,684.41,43802.239999999998,7.2904213613934283E-3]
["3.4",9854,"SINAPI","Insumo","Tubo pvc de revestimento geomecanico nervurado standard, dn = 154 mm, comprimento = 2 m.","m",30,1200,115.12,132.71,159252,2.6505817571079157E-2]
[4,null,null,null,"Pós perfuração.",null,null,null,"Valor Unit",null,474716.4,7.9011543317505858E-2]
["4.1",6305,"ORSE","Insumo","Desenvolvimento com compressor 250psi / 750cfm.","h",2,80,411.16,473.99,37919.199999999997,6.3112513352501995E-3]
["4.2","COMPOSIÇÃO - 7","Próprio","Serviço","Inspeção ótica em poço tubular câmera com rotação de 360º, visada lateral, com fonte própria de luz, entregue vídeo em cores e marcação de profundidades.","m",120,4800,9.42,11.9,57120,9.5070222016680576E-3]
["4.3","COMPOSIÇÃO - 8","Próprio","Serviço","Serviço de coleta e análise físico-química e bacteriológica.","un.",1,40,621.19000000000005,784.81,31392.400000000001,5.2249342395596001E-3]
["4.4","24.80.22","EMBASA","Serviço","Ensaio de bombeamento poço tubular incluso materiais e grupo gerador.","h",24,960,255.47,322.76,309849.59999999998,5.1571201442191295E-2]
["4.5","COMPOSIÇÃO - 9","Próprio","Serviço","Serviço de instalação de laje sanitária com dimensões (1,5x1,5x0,3) metros , incluso material.","un.",1,40,760.55,960.88,38435.199999999997,6.3971340988366963E-3]
[5,null,null,null,"Reservação.",null,null,null,"Valor Unit",null,1144745.6000000001,0.19053084444085824]
["5.1","COMPOSIÇÃO - 10","Próprio","Serviço","Fornecimento e instalação de reservatório e base elevada 10 m³.","un.",0.8,32,26884.18,33965.47,1086895.04,0.18090222822414026]
["5.2","COMPOSIÇÃO - 11","Próprio","Serviço","Fornecimento e execução de reservatório apoiado de 5 m³.","un.",0.2,8,5723.7,7231.32,57850.559999999998,9.6286162167179626E-3]
[6,null,null,null,"Bebedouro.",null,null,null,"Valor Unit",null,88405.2,1.4714114130653098E-2]
["6.1","COMPOSIÇÃO - 12","Próprio","Serviço","Serviço de execução do bebedouro em concreto armado, incluso materiais.","un.",1,40,1749.35,2210.13,88405.2,1.4714114130653098E-2]
[7,null,null,null,"Chafariz.",null,null,null,"Valor Unit",null,55286.400000000001,9.2018387999002263E-3]
["7.1","COMPOSIÇÃO - 13","Próprio","Serviço","Fornecimento de material e instalação do chafariz.","un.",1,40,1094,1382.16,55286.400000000001,9.2018387999002263E-3]
[8,null,null,null,"Cavalete.",null,null,null,"Valor Unit",null,77390.399999999994,1.2880816719117149E-2]
["8.1","COMPOSIÇÃO - 14","Próprio","Serviço","Fornecimento de conexões e instalação do cavalete com hidrômetro e clorador de pastilhas.","un.",1,40,1531.39,1934.76,77390.399999999994,1.2880816719117149E-2]
[9,null,null,null,"Instalações hidráulicas.",null,null,null,"Valor Unit",null,738820.35,0.12296886327895946]
["9.1","COMPOSIÇÃO - 15","Próprio","Serviço","Fornecimento e instalação da rede adutora poço-reservatório-bebedouro em pn80 e dn50mm.","m",400,16000,25.26,31.91,510560,8.4977332900624009E-2]
["9.2","COMPOSIÇÃO - 16","Próprio","Serviço","Montagem hidráulica do equipamento de bombeamento.","un.",1,40,134.82,170.33,6813.2,1.1339853582703924E-3]
["9.3",38200,"SINAPI","Insumo","Corda de poliamida 12 mm tipo bombeiro, para trabalho em altura.","100m",0.93,37.200000000000003,800.3,922.59,34320.35,5.7122606691004602E-3]
["9.4",9860,"SINAPI","Insumo","Tubo pvc, roscavel, 2\", para agua fria predial.","m",90,3600,36.93,42.57,153252,2.5507180785189657E-2]
["9.5",3912,"SINAPI","Insumo","Luva de ferro galvanizado, com rosca bsp, de 2\".","un.",16,640,39.21,45.2,28928,4.8147608237019187E-3]
["9.6",5128,"ORSE","Insumo","Tampa de poço galvanizada em 6\" un.","un.",1,40,107.28,123.67,4946.8,8.233427420730313E-4]
[10,null,null,null,"Estrutura de fixação para módulos fotovoltáicos.",null,null,null,"Valor Unit",null,134166.91,2.2330668629187679E-2]
["10.1","COMPOSIÇÃO - 17","Próprio","Serviço","Serviço de fixação de estruturas para os módulos fotovoltaicos e suportes de concreto, incluso materiais.","m²",10.119999999999999,404.8,262.33999999999997,331.44,134166.91,2.2330668629187679E-2]
[11,null,null,null,"Instalações elétricas e bóia elétrica.",null,null,null,"Valor Unit",null,739050.8,0.12300721925351085]
["11.1","COMPOSIÇÃO - 18","Próprio","Serviço","Montagem e instalação elétrica do kit de bombeamento e sistema fotovoltaico inclusive sistema de aterramento.","un.",1,40,1163.97,1470.56,58822.400000000001,9.7903687457177729E-3]
["11.2",34622,"SINAPI","Insumo","Fornecimento de cabo flexivel pvc 750 v, 3 condutores de 6,0 mm2.","m",105,4200,25.14,28.98,121716,2.0258345838554435E-2]
["11.3","COMPOSIÇÃO - 19","Próprio","Serviço","Fornecimento e instalação de automático de bóia superior e inferior.","un.",1,40,61.54,77.75,3110,5.176267340193918E-4]
["11.4",39257,"SINAPI","Insumo","Cabo multipolar de cobre, flexivel, classe 4 ou 5, isolacao em hepr, cobertura em pvc-st2, antichama bwf-b, 0,6/1 kv, 3 condutores de 1,5 mm2.","m",200,8000,6.83,7.87,62960,1.0479028673267173E-2]
["11.5","COTAÇÃO-002","Próprio","Serviço","Fornecimento de kit de bombeamento fotovoltaico, incluindo uma bomba cc de 1500w com controladora de carga externa, caixa de proteção metálica, módulos fotovoltaicos compatíveis com a geração de 2200wp além de componentes elétricos necessários para interligação dos painéis, como cabos, conectores mc4 e presilhas de fixação.","un.",1,40,9744.39,12311.06,492442.4,8.1961849261952074E-2]
[12,null,null,null,"Urbanização.",null,null,null,"Valor Unit",null,169005.8,2.8129234818113993E-2]
["12.1","COMPOSIÇÃO - 20","Próprio","Serviço","Cerca com mourões de concreto de 15x15cm, espaçados de 3m e cravados a 0,5m, escoras de 10x10cm nos cantos, e 9 fios de arame de aço ovalado 15x17.","m",28,1120,87.97,111.14,124476.8,2.0717851911635058E-2]
["12.2","COMPOSIÇÃO - 21","Próprio","Serviço","Serviço de instalação de portão de ferro com suporte e batedor conforme projeto, incluso material.","m²",1.5,60,587.41999999999996,742.15,44529,7.4113829064789381E-3]
[13,null,null,null,"Outros serviços e insumos excepcionais.",null,null,null,"Valor Unit",null,961379.12,0.16001142573634627]
["13.1","COMPOSIÇÃO - 22","Próprio","Serviço","Fornecimento e instalação do pré filtro para revestimento interno.","m³",1.212,48.48,1653.13,2088.56,101253.39,1.6852559991669371E-2]
["13.2","COMPOSIÇÃO - 23","Próprio","Serviço","Execução de tamponamento conforme especificação.","m³",0.24,9.6,942.15,1190.31,11426.98,1.90190042993727E-3]
["13.3","COMPOSIÇÃO - 24","Próprio","Serviço","Fornecimento e instalação do filtro para revestimento interno ø 4 1/2\".","m",0.6,24,100.97,127.57,3061.68,5.0958437910369493E-4]
["13.4","COMPOSIÇÃO - 25","Próprio","Serviço","Fornecimento e instalação do revestimento interno ø 4 1/2\".","m",34.799999999999997,1392,92.2,116.49,162154.07999999999,2.698883821167819E-2]
["13.5","M3929","SICRO3","Insumo","Tubo em aço-carbono - e = 3,00 mm e d = 150 mm (6\").","m",9,360,171.2287,197.39,71060.399999999994,1.1827254910003726E-2]
["13.6",41699,"SINAPI","Insumo","Tubo de revestimento, em aco, corpo schedule 40, ponteira schedule 80, rosqueavel e segmentado para perfuracao, diametro 8.","m",6,240,2189.0100000000002,2523.4899999999998,605637.6,0.10080199771297196]
["13.7","M039706073","EMBASA","Insumo","Filtro nold em aço galvanizado dn 6\".","m",0.04,1.6,763.9,880.62,1408.99,2.3451154082507487E-4]
["13.8","COMPOSIÇÃO - 26","Próprio","Serviço","Limpeza manual , remoção de cerca, capina e instalação dos equipamentos (área do poço, painéis solares, bebedouro e reservatório).","m²",70,2800,1.52,1.92,5376,8.9477856015699364E-4]

{"sheet":"Orçamento Analítico - AP - P","index":3,"n_rows":447,"n_cols":10,"rows_kept":447,"cut":false,"hidden":false,"merged":[[313,5,313,6],[314,4,314,5],[315,4,315,5],[316,4,316,5],[317,4,317,5],[318,4,318,5],[319,4,319,5],[254,7,254,8],[257,5,257,6],[258,4,258,5],[259,4,259,5],[260,4,260,5],[261,4,261,5],[262,4,262,5],[263,4,263,5],[265,7,265,8],[305,4,305,5],[306,4,306,5],[307,4,307,5],[308,4,308,5],[310,7,310,8],[304,4,304,5],[221,4,221,5],[222,4,222,5],[223,4,223,5],[224,4,224,5],[225,4,225,5],[226,4,226,5],[227,4,227,5],[228,4,228,5],[229,4,229,5],[230,4,230,5],[232,7,232,8],[235,5,235,6],[236,4,236,5],[237,4,237,5],[238,4,238,5],[239,4,239,5],[240,4,240,5],[241,4,241,5],[242,4,242,5],[279,7,279,8],[285,7,285,8],[291,7,291,8],[297,7,297,8],[300,5,300,6],[301,4,301,5],[302,4,302,5],[303,4,303,5],[273,7,273,8],[219,4,219,5],[220,4,220,5],[294,4,294,5],[295,4,295,5],[271,4,271,5],[276,4,276,5],[277,4,277,5],[282,4,282,5],[283,4,283,5],[288,4,288,5],[289,4,289,5],[243,4,243,5],[244,4,244,5],[245,4,245,5],[246,4,246,5],[247,4,247,5],[248,4,248,5],[249,4,249,5],[250,4,250,5],[251,4,251,5],[252,4,252,5],[268,4,268,5],[269,4,269,5],[270,4,270,5],[210,4,210,5],[211,4,211,5],[212,4,212,5],[213,4,213,5],[214,4,214,5],[215,4,215,5],[216,4,216,5],[217,4,217,5],[218,4,218,5],[198,4,198,5],[199,4,199,5],[200,4,200,5],[201,4,201,5],[202,4,202,5],[203,4,203,5],[205,7,205,8],[208,5,208,6],[209,4,209,5],[189,4,189,5],[190,4,190,5],[191,4,191,5],[192,4,192,5],[193,4,193,5],[194,4,194,5],[195,4,195,5],[196,4,196,5],[197,4,197,5],[177,4,177,5],[179,7,179,8],[182,5,182,6],[183,4,183,5],[184,4,184,5],[185,4,185,5],[186,4,186,5],[187,4,187,5],[188,4,188,5],[168,4,168,5],[169,4,169,5],[170,4,170,5],[171,4,171,5],[172,4,172,5],[173,4,173,5],[174,4,174,5],[175,4,175,5],[176,4,176,5],[156,4,156,5],[157,4,157,5],[158,4,158,5],[159,4,159,5],[160,4,160,5],[162,7,162,8],[165,4,165,5],[166,4,166,5],[167,4,167,5],[147,4,147,5],[148,4,148,5],[149,4,149,5],[150,4,150,5],[151,4,151,5],[152,4,152,5],[153,4,153,5],[154,4,154,5],[155,4,155,5],[138,4,138,5],[139,4,139,5],[140,4,140,5],[141,4,141,5],[142,4,142,5],[143,4,143,5],[144,4,144,5],[145,4,145,5],[146,4,146,5],[126,4,126,5],[127,4,127,5],[128,4,128,5],[129,4,129,5],[130,4,130,5],[132,7,132,8],[135,5,135,6],[136,4,136,5],[137,4,137,5],[111,4,111,5],[112,4,112,5],[114,7,114,8],[117,4,117,5],[118,4,118,5],[119,4,119,5],[120,4,120,5],[122,7,122,8],[125,4,125,5],[96,4,96,5],[98,7,98,8],[101,4,101,5],[102,4,102,5],[103,4,103,5],[104,4,104,5],[106,7,106,8],[109,4,109,5],[110,4,110,5],[93,5,93,6],[94,4,94,5],[95,4,95,5],[81,4,81,5],[82,4,82,5],[84,7,84,8],[87,4,87,5],[88,4,88,5],[80,4,80,5],[50,7,50,8],[53,4,53,5],[54,4,54,5],[55,4,55,5],[56,4,56,5],[58,7,58,8],[61,4,61,5],[62,4,62,5],[90,7,90,8],[0,2,2,6],[3,0,3,9],[5,5,5,6],[6,4,6,5],[7,4,7,5],[8,4,8,5],[11,7,11,8],[9,4,9,5],[14,4,14,5],[15,4,15,5],[16,4,16,5],[17,4,17,5],[18,4,18,5],[20,7,20,8],[23,4,23,5],[24,4,24,5],[25,4,25,5],[26,4,26,5],[27,4,27,5],[64,7,64,8],[67,5,67,6],[68,4,68,5],[69,4,69,5],[71,7,71,8],[74,4,74,5],[77,7,77,8],[75,4,75,5],[28,4,28,5],[29,4,29,5],[30,4,30,5],[31,4,31,5],[33,7,33,8],[36,5,36,6],[37,4,37,5],[38,4,38,5],[39,4,39,5],[40,4,40,5],[42,7,42,8],[45,4,45,5],[46,4,46,5],[47,4,47,5],[48,4,48,5],[376,4,376,5],[377,4,377,5],[378,4,378,5],[379,4,379,5],[380,4,380,5],[400,4,400,5],[405,4,405,5],[406,4,406,5],[407,4,407,5],[396,4,396,5],[397,4,397,5],[398,4,398,5],[399,4,399,5],[364,4,364,5],[365,4,365,5],[366,4,366,5],[367,4,367,5],[368,4,368,5],[369,4,369,5],[371,7,371,8],[374,4,374,5],[375,4,375,5],[349,4,349,5],[351,7,351,8],[354,4,354,5],[355,4,355,5],[357,7,357,8],[360,5,360,6],[361,4,361,5],[362,4,362,5],[363,4,363,5],[337,4,337,5],[338,4,338,5],[339,4,339,5],[340,4,340,5],[341,4,341,5],[342,4,342,5],[343,4,343,5],[345,7,345,8],[348,4,348,5],[320,4,320,5],[321,4,321,5],[322,4,322,5],[323,4,323,5],[324,4,324,5],[325,4,325,5],[328,7,328,8],[334,7,334,8],[326,4,326,5],[331,4,331,5],[332,4,332,5],[445,7,445,8],[429,4,429,5],[430,4,430,5],[435,4,435,5],[436,4,436,5],[441,4,441,5],[442,4,442,5],[443,4,443,5],[414,4,414,5],[415,4,415,5],[416,4,416,5],[417,4,417,5],[418,4,418,5],[423,4,423,5],[424,4,424,5],[402,7,402,8],[420,7,420,8],[426,7,426,8],[432,7,432,8],[438,7,438,8],[408,4,408,5],[409,4,409,5],[411,7,411,8],[382,7,382,8],[385,5,385,6],[386,4,386,5],[387,4,387,5],[388,4,388,5],[389,4,389,5],[390,4,390,5],[391,4,391,5],[393,7,393,8]]}
[null,null,"OBJETO: EXECUÇÃO DE SERVIÇOS DE PERFURAÇÃO E INSTALAÇÃO DE POÇOS TUBULARES EM MUNICÍPIOS LOCALIZADOS NO ESTADO DO AMAPÁ, NA ÁREA DE ATUAÇÃO DA CODEVASF"]
[]
[]
["PLANILHA ANALÍTICA - POÇO PARCIALMENTE REVESTIDO - AMAPÁ"]
[]
[1,null,null,"Serviços preliminares.",{"$nulls":5},1444.63]
["1.1","Código","Banco","Descrição.","Tipo",null,"Und","Quant.","Valor Unit","Total"]
["Composição","COMPOSIÇÃO - 1","Próprio","Administração local da obra - poço parcialmente revestido.","CANT - CANTEIRO DE OBRAS",null,"un","1.00",223.16,223.16]
["Composição Auxiliar",12710,"SBC","Despesas gerais de manutencao canteiro de obras.","INSTALACOES PROVISORIAS",null,"mes","0.03",1805.82,54.17]
["Composição Auxiliar",100321,"SINAPI","Técnico em segurança do trabalho com encargos complementares.","SEDI - SERVIÇOS DIVERSOS",null,"mes","0.03",5633.07,168.99]
[{"$nulls":4},"MO sem LS =>",72.59,"ls =>","84.07","MO com LS =>",156.66]
[{"$nulls":4},"Valor do BDI =>",58.78,null,"Valor com BDI =>",null,281.94]
[{"$nulls":6},"quant. =>","1.00","Preço Total =>",281.94]
[]
["1.2","Código","Banco","Descrição.","Tipo",null,"und","Quant.","Valor Unit","Total"]
["Composição","COMPOSIÇÃO - 2","Próprio","Serviço de locação geológica de campo com relatório hidro geológico e perfil construtivo e geológico esperado. relatório de viabilidade de implantação das estruturas e vistorias preliminares.","SERT - SERVIÇOS TÉCNICOS",null,"un","1.00",587.79999999999995,587.79999999999995]
["Composição Auxiliar","1945-01-30","EMBASA","Geologo senior.",3001,null,"hora","5.00",97.41,487.05]
["Insumo",5896,"ORSE","Veículo tipo sedan ou pick-up capacidade 0,6 ton h.","Equipamento",null,"h","5.00",8.33,41.65]
["Insumo",4222,"SINAPI","Gasolina comum.","Material",null,"l","10.00",5.91,59.1]
[{"$nulls":4},"MO sem LS =>",225.68,"ls =>","261.37","MO com LS =>",487.05]
[{"$nulls":4},"Valor do BDI =>",154.83000000000001,null,"Valor com BDI =>",null,742.63]
[{"$nulls":6},"quant. =>","1.00","Preço Total =>",742.63]
[]
["1.3","Código","Banco","Descrição.","Tipo",null,"und","Quant.","Valor Unit","Total"]
["Composição",103689,"SINAPI","Fornecimento e instalação de placa de obra com chapa galvanizada e estrutura de madeira. af_03/2022_ps.","PAVI - PAVIMENTAÇÃO",null,"m²","1.00",461.78,461.78]
["Composição Auxiliar",102234,"SINAPI","Pintura imunizante para madeira, 2 demãos. af_01/2021.","PINT - PINTURAS",null,"m²","0.50",28.09,14.05]
["Composição Auxiliar",88262,"SINAPI","Carpinteiro de formas com encargos complementares.","SEDI - SERVIÇOS DIVERSOS",null,"h","0.37",24.94,9.3000000000000007]
["Composição Auxiliar",88316,"SINAPI","Servente com encargos complementares.","SEDI - SERVIÇOS DIVERSOS",null,"h","2024-12-01",18.989999999999998,21.24]
["Insumo",4509,"SINAPI","Sarrafo *2,5 x 10* cm em pinus, mista ou equivalente da regiao - bruta.","Material",null,"m","3.21",5.18,16.62]
["Insumo",4813,"SINAPI","Placa de obra (para construcao civil) em chapa galvanizada *n. 22*, adesivada, de *2,4 x 1,2* m (sem postes para fixacao).","Material",null,"m²","1.00",400,400]
["Insumo",5065,"SINAPI","Prego de aco polido com cabeca 10 x 10 (7/8 x 17).","Material",null,"kg","0.01",30.96,0.35]
["Insumo",5069,"SINAPI","Prego de aco polido com cabeca 17 x 27 (2 1/2 x 11).","Material",null,"kg","0.01",16.59,0.22]
[{"$nulls":4},"MO sem LS =>",13.34,"ls =>","15.46","MO com LS =>",28.8]
[{"$nulls":4},"Valor do BDI =>",121.63,null,"Valor com BDI =>",null,583.41]
[{"$nulls":6},"quant. =>","0.72","Preço Total =>",420.06]
[]
[2,null,null,"Mobilizaçâo e desmobilizaçâo equipes perfuraçâo e instalação.",{"$nulls":5},4544.38]
["2.1","Código","Banco","Descrição.","Tipo",null,"und","Quant.","Valor Unit","Total"]
["Composição","COMPOSIÇÃO - 3","Próprio","Transporte de comboio perfuração.","TRAN - TRANSPORTES, CARGAS E DESCARGAS",null,"km","1.00",4.6399999999999997,4.6399999999999997]
["Composição Auxiliar",5824,"SINAPI","Caminhão toco, pbt 16.000 kg, carga útil máx. 10.685 kg, dist. entre eixos 4,8 m, potência 189 cv, inclusive carroceria fixa aberta de madeira p/ transporte geral de carga seca, dimen. aprox. 2,5 x 7,00 x 0,50 m - chp diurno. af_06/2014.","CHOR - CUSTOS HORÁRIOS DE MÁQUINAS E EQUIPAMENTOS",null,"chp","0.02",222.02,3.7]
["Composição Auxiliar",5826,"SINAPI","Caminhão toco, pbt 16.000 kg, carga útil máx. 10.685 kg, dist. entre eixos 4,8 m, potência 189 cv, inclusive carroceria fixa aberta de madeira p/ transporte geral de carga seca, dimen. aprox. 2,5 x 7,00 x 0,50 m - chi diurno. af_06/2014.","CHOR - CUSTOS HORÁRIOS DE MÁQUINAS E EQUIPAMENTOS",null,"chi","0.02",56.63,0.94]
[{"$nulls":4},"MO sem LS =>",0.32,"ls =>","0.36","MO com LS =>",0.68]
[{"$nulls":4},"Valor do BDI =>",1.22,null,"Valor com BDI =>",null,5.86]
[{"$nulls":6},"quant. =>","150.00","Preço Total =>",879]
[]
["2.2","Código","Banco","Descrição.","Tipo",null,"und","Quant.","Valor Unit","Total"]
["Composição","COMPOSIÇÃO - 4","Próprio","Transporte de comboio instalação.","TRAN - TRANSPORTES, CARGAS E DESCARGAS",null,"km","1.00",5.9,5.9]
["Composição Auxiliar",5928,"SINAPI","Guindauto hidráulico, capacidade máxima de carga 6200 kg, momento máximo de carga 11,7 tm, alcance máximo horizontal 9,70 m, inclusive caminhão toco pbt 16.000 kg, potência de 189 cv - chp diurno. af_06/2014.","CHOR - CUSTOS HORÁRIOS DE MÁQUINAS E EQUIPAMENTOS",null,"chp","0.02",286.48,4.7699999999999996]
["Composição Auxiliar",5930,"SINAPI","Guindauto hidráulico, capacidade máxima de carga 6200 kg, momento máximo de carga 11,7 tm, alcance máximo horizontal 9,70 m, inclusive caminhão toco pbt 16.000 kg, potência de 189 cv - chi diurno. af_06/2014.","CHOR - CUSTOS HORÁRIOS DE MÁQUINAS E EQUIPAMENTOS",null,"chi","0.02",67.92,1.1299999999999999]
[{"$nulls":4},"MO sem LS =>",0.36,"ls =>","0.42","MO com LS =>",0.78]
[{"$nulls":4},"Valor do BDI =>",1.55,null,"Valor com BDI =>",null,7.45]
[{"$nulls":6},"quant. =>","150.00","Preço Total =>",1117.5]
[]
["2.3","Código","Banco","Descrição.","Tipo",null,"und","Quant.","Valor Unit","Total"]
["Composição","COMPOSIÇÃO - 5","Próprio","Transporte de equipe teste de vazão.","TRAN - TRANSPORTES, CARGAS E DESCARGAS",null,"km","1.00",2.59,2.59]
["Composição Auxiliar",73467,"SINAPI","Caminhão toco, pbt 14.300 kg, carga útil máx. 9.710 kg, dist. entre eixos 3,56 m, potência 185 cv, inclusive carroceria fixa aberta de madeira p/ transporte geral de carga seca, dimen. aprox. 2,50 x 6,50 x 0,50 m - chp diurno. af_06/2014.","CHOR - CUSTOS HORÁRIOS DE MÁQUINAS E EQUIPAMENTOS",null,"chp","0.01",257.5,2.14]
["Composição Auxiliar",91395,"SINAPI","Caminhão toco, pbt 14.300 kg, carga útil máx. 9.710 kg, dist. entre eixos 3,56 m, potência 185 cv, inclusive carroceria fixa aberta de madeira p/ transporte geral de carga seca, dimen. aprox. 2,50 x 6,50 x 0,50 m - chi diurno. af_06/2014.","CHOR - CUSTOS HORÁRIOS DE MÁQUINAS E EQUIPAMENTOS",null,"chi","0.01",53.76,0.45]
[{"$nulls":4},"MO sem LS =>",0.16,"ls =>","0.18","MO com LS =>",0.34]
[{"$nulls":4},"Valor do BDI =>",0.68,null,"Valor com BDI =>",null,3.27]
[{"$nulls":6},"quant. =>","150.00","Preço Total =>",490.5]
[]
["2.4","Código","Banco","Descrição.","Tipo",null,"und","Quant.","Valor Unit","Total"]
["Insumo","COTAÇÃO-001","Próprio","Transporte hidroviário perfuração e instalação poços - trecho ida e volta.","Transporte",null,"un.","1.00",9579.11,9579.11]
[{"$nulls":4},"MO sem LS =>",0,"ls =>","0.00","MO com LS =>",0]
[{"$nulls":4},"Valor do BDI =>",2523.14,null,"Valor com BDI =>",null,12102.25]
[{"$nulls":6},"quant. =>","0.17","Preço Total =>",2057.38]
[]
[3,null,null,"Perfuração e completação de poço tubular.",{"$nulls":5},32713.97]
["3.1","Código","Banco","Descrição.","Tipo",null,"und","Quant.","Valor Unit","Total"]
["Insumo",5051,"ORSE","Perfuraçao em rocha metassedimentar - metassedimento alterado / compacto dn 6\" (poço 120m).","Serviços",null,"m","1.00",156.31,156.31]
[{"$nulls":4},"MO sem LS =>",0,"ls =>","0.00","MO com LS =>",0]
[{"$nulls":4},"Valor do BDI =>",41.17,null,"Valor com BDI =>",null,197.48]
[{"$nulls":6},"quant. =>","90.00","Preço Total =>",17773.2]
[]
["3.2","Código","Banco","Descrição.","Tipo",null,"und","Quant.","Valor Unit","Total"]
["Insumo",5057,"ORSE","Perfuração rocha sedimentar sedimento / camadas inconsolidadas dn 12.1/2\" - poço até 150m.","Serviços",null,"m","1.00",247.66,247.66]
[{"$nulls":4},"MO sem LS =>",0,"ls =>","0.00","MO com LS =>",0]
[{"$nulls":4},"Valor do BDI =>",65.23,null,"Valor com BDI =>",null,312.89]
[{"$nulls":6},"quant. =>","30.00","Preço Total =>",9386.7000000000007]
[]
["3.3","Código","Banco","Descrição.","Tipo",null,"und","Quant.","Valor Unit","Total"]
["Composição","COMPOSIÇÃO - 6","Próprio","Serviço de lançamento cimentação anelar, incluso materiais.","SEDI - SERVIÇOS DIVERSOS",null,"m³","1.00",541.72,541.72]
["Composição Auxiliar",1903,"ORSE","Argamassa cimento e areia traço t-1 (1:3) - 1 saco cimento 50kg / 3 padiolas areia dim. 0.35 x 0.45 x 0.23 m - confecção mecânica e transporte.","Argamassas",null,"m³","1.00",541.72,541.72]
[{"$nulls":4},"MO sem LS =>",25.3,"ls =>","29.30","MO com LS =>",54.6]
[{"$nulls":4},"Valor do BDI =>",142.69,null,"Valor com BDI =>",null,684.41]
[{"$nulls":6},"quant. =>","1.74","Preço Total =>",1190.8699999999999]
[]
["3.4","Código","Banco","Descrição.","Tipo",null,"und","Quant.","Valor Unit","Total"]
["Insumo",9854,"SINAPI","Tubo pvc de revestimento geomecanico nervurado standard, dn = 154 mm, comprimento = 2 m.","Material",null,"m","1.00",115.12,115.12]
[{"$nulls":4},"MO sem LS =>",0,"ls =>","0.00","MO com LS =>",0]
[{"$nulls":4},"Valor do BDI =>",30.32,null,"Valor com BDI =>",null,145.44]
[{"$nulls":6},"quant. =>","30.00","Preço Total =>",4363.2]
[]
[4,null,null,"Pós perfuração.",{"$nulls":5},11958.85]
["4.1","Código","Banco","Descrição.","Tipo",null,"und","Quant.","Valor Unit","Total"]
["Composição",6305,"ORSE","Desenvolvimento com compressor 250psi / 750cfm.","Conversão InfoWOrca",null,"h","1.00",411.16,411.16]
["Insumo",5030,"ORSE","Desenvolvimento com compressor 250psi - 750cfm h.","Serviços",null,"h","1.00",411.16,411.16]
[{"$nulls":4},"MO sem LS =>",0,"ls =>","0.00","MO com LS =>",0]
[{"$nulls":4},"Valor do BDI =>",108.3,null,"Valor com BDI =>",null,519.46]
[{"$nulls":6},"quant. =>","2.00","Preço Total =>",1038.92]
[]
["4.2","Código","Banco","Descrição.","Tipo",null,"und","Quant.","Valor Unit","Total"]
["Composição","COMPOSIÇÃO - 7","Próprio","Inspeção ótica em poço tubular câmera com rotação de 360º, visada lateral, com fonte própria de luz, entregue vídeo em cores e marcação de profundidades.","SEES - SERVIÇOS ESPECIAIS",null,"m","1.00",9.42,9.42]
["Insumo","H020050004","EMBASA","Aparelho de perfilagem optica.","Material",null,"m","1.00",4.4000000000000004,4.4000000000000004]
["Insumo","B590000022","EMBASA","Tecnico medio.","Mão de Obra",null,"h","0.08",60.15,5.0199999999999996]
[{"$nulls":4},"MO sem LS =>",2.33,"ls =>","2.69","MO com LS =>",5.0199999999999996]
[{"$nulls":4},"Valor do BDI =>",2.48,null,"Valor com BDI =>",null,11.9]
[{"$nulls":6},"quant. =>","120.00","Preço Total =>",1428]
[]
["4.3","Código","Banco","Descrição.","Tipo",null,"und","Quant.","Valor Unit","Total"]
["Composição","COMPOSIÇÃO - 8","Próprio","Serviço de coleta e análise físico-química e bacteriológica.","SEDI - SERVIÇOS DIVERSOS",null,"un","1.00",621.19000000000005,621.19000000000005]
["Composição Auxiliar",6312,"ORSE","Análise físico-química da água.","Conversão InfoWOrca",null,"un","1.00",565.21,565.21]
["Composição Auxiliar",6313,"ORSE","Análise bacteriológica da água.","Conversão InfoWOrca",null,"un","1.00",55.98,55.98]
[{"$nulls":4},"MO sem LS =>",0,"ls =>","0.00","MO com LS =>",0]
[{"$nulls":4},"Valor do BDI =>",163.62,null,"Valor com BDI =>",null,784.81]
[{"$nulls":6},"quant. =>","1.00","Preço Total =>",784.81]
[]
["4.4","Código","Banco","Descrição.","Tipo",null,"und","Quant.","Valor Unit","Total"]
["Composição","24.80.22","EMBASA","Ensaio de bombeamento poço tubular incluso materiais e grupo gerador.",2480,null,"h","1.00",255.47,255.47]
["Composição Auxiliar","24.00.15","EMBASA","Equipe (3 profissionais campo) - bombeio.",2400,null,"h","1.00",190.55,190.55]
["Insumo","H020050001","EMBASA","Unidade de ensaio e bombeamento - ueb1 ate 150m3 no sedimento.","Material",null,"h","1.00",64.92,64.92]
[{"$nulls":4},"MO sem LS =>",88.3,"ls =>","102.25","MO com LS =>",190.55]
[{"$nulls":4},"Valor do BDI =>",67.290000000000006,null,"Valor com BDI =>",null,322.76]
[{"$nulls":6},"quant. =>","24.00","Preço Total =>",7746.24]
[]
["4.5","Código","Banco","Descrição.","Tipo",null,"und","Quant.","Valor Unit","Total"]
["Composição","COMPOSIÇÃO - 9","Próprio","Serviço de instalação de laje sanitária com dimensões (1,5x1,5x0,3) metros , incluso material.","SEDI - SERVIÇOS DIVERSOS",null,"un","1.00",760.55,760.55]
["Composição Auxiliar",92522,"SINAPI","Montagem e desmontagem de fôrma de laje maciça, pé-direito simples, em chapa de madeira compensada resinada, 8 utilizações. af_09/2020.","FUES - FUNDAÇÕES E ESTRUTURAS",null,"m²","1.80",43.5,78.3]
["Composição Auxiliar",93358,"SINAPI","Escavação manual de vala com profundidade menor ou igual a 1,30 m. af_02/2021.","MOVT - MOVIMENTO DE TERRA",null,"m³","0.23",75.12,16.899999999999999]
["Composição Auxiliar",94975,"SINAPI","Concreto fck = 15mpa, traço 1:3,4:3,5 (em massa seca de cimento/ areia média/ brita 1) - preparo manual. af_05/2021.","FUES - FUNDAÇÕES E ESTRUTURAS",null,"m³","0.68",720.03,486.02]
["Composição Auxiliar",103670,"SINAPI","Lançamento com uso de baldes, adensamento e acabamento de concreto em estruturas. af_02/2022.","FUES - FUNDAÇÕES E ESTRUTURAS",null,"m³","0.68",265.67,179.33]
[{"$nulls":4},"MO sem LS =>",111.18,"ls =>","128.78","MO com LS =>",239.96]
[{"$nulls":4},"Valor do BDI =>",200.33,null,"Valor com BDI =>",null,960.88]
[{"$nulls":6},"quant. =>","1.00","Preço Total =>",960.88]
[]
[5,null,null,"Reservação.",{"$nulls":5},28618.639999999999]
["5.1","Código","Banco","Descrição.","Tipo",null,"und","Quant.","Valor Unit","Total"]
["Composição","COMPOSIÇÃO - 10","Próprio","Fornecimento e instalação de reservatório e base elevada 10 m³.","ASTU - ASSENTAMENTO DE TUBOS E PECAS",null,"un","1.00",26884.18,26884.18]
["Composição Auxiliar",92759,"SINAPI","Armação de pilar ou viga de estrutura convencional de concreto armado utilizando aço ca-60 de 5,0 mm - montagem. af_06/2022.","FUES - FUNDAÇÕES E ESTRUTURAS",null,"kg","2024-10-29",14.68,427.19]
["Composição Auxiliar",92761,"SINAPI","Armação de pilar ou viga de estrutura convencional de concreto armado utilizando aço ca-50 de 8,0 mm - montagem. af_06/2022.","FUES - FUNDAÇÕES E ESTRUTURAS",null,"kg","48.00",13.4,643.20000000000005]
["Composição Auxiliar",93358,"SINAPI","Escavação manual de vala com profundidade menor ou igual a 1,30 m. af_02/2021.","MOVT - MOVIMENTO DE TERRA",null,"m³","5.20",75.12,390.62]
["Composição Auxiliar",92763,"SINAPI","Armação de pilar ou viga de estrutura convencional de concreto armado utilizando aço ca-50 de 12,5 mm - montagem. af_06/2022.","FUES - FUNDAÇÕES E ESTRUTURAS",null,"kg","118.40",10.199999999999999,1207.68]
["Composição Auxiliar",94970,"SINAPI","Concreto fck = 20mpa, traço 1:2,7:3 (em massa seca de cimento/ areia média/ brita 1) - preparo mecânico com betoneira 600 l. af_05/2021.","FUES - FUNDAÇÕES E ESTRUTURAS",null,"m³","4.89",710.53,3474.49]
["Composição Auxiliar",103670,"SINAPI","Lançamento com uso de baldes, adensamento e acabamento de concreto em estruturas. af_02/2022.","FUES - FUNDAÇÕES E ESTRUTURAS",null,"m³","6.85",265.67,1819.84]
["Composição Auxiliar",84651,"SINAPI","Pintura com tinta impermeavel mineral em po, duas demaos.","PINT - PINTURAS",null,"m²","28.66",12.86,368.57]
["Composição Auxiliar",90776,"SINAPI","Encarregado geral com encargos complementares.","SEDI - SERVIÇOS DIVERSOS",null,"h","1.00",26.91,26.91]
["Composição Auxiliar",102482,"SINAPI","Concreto fck = 25mpa, traço 1:2,2:2,5 (em massa seca de cimento/ areia média/ seixo rolado) - preparo mecânico com betoneira 600 l. af_05/2021.","FUES - FUNDAÇÕES E ESTRUTURAS",null,"m³","1.96",1199.6500000000001,2351.31]
["Composição Auxiliar",92263,"SINAPI","Fabricação de fôrma para pilares e estruturas similares, em chapa de madeira compensada resinada, e = 17 mm. af_09/2020.","FUES - FUNDAÇÕES E ESTRUTURAS",null,"m²","2024-10-18",188.68,3415.11]
["Composição Auxiliar",89272,"SINAPI","Guindaste hidráulico autopropelido, com lança telescópica 28,80 m, capacidade máxima 30 t, potência 97 kw, tração 4 x 4 - chp diurno. af_11/2014.","CHOR - CUSTOS HORÁRIOS DE MÁQUINAS E EQUIPAMENTOS",null,"chp","13.00",219,2847]
["Composição Auxiliar",5824,"SINAPI","Caminhão toco, pbt 16.000 kg, carga útil máx. 10.685 kg, dist. entre eixos 4,8 m, potência 189 cv, inclusive carroceria fixa aberta de madeira p/ transporte geral de carga seca, dimen. aprox. 2,5 x 7,00 x 0,50 m - chp diurno. af_06/2014.","CHOR - CUSTOS HORÁRIOS DE MÁQUINAS E EQUIPAMENTOS",null,"chp","24.00",222.02,5328.48]
["Composição Auxiliar",88267,"SINAPI","Encanador ou bombeiro hidráulico com encargos complementares.","SEDI - SERVIÇOS DIVERSOS",null,"h","4.00",24.54,98.16]
["Composição Auxiliar",88248,"SINAPI","Auxiliar de encanador ou bombeiro hidráulico com encargos complementares.","SEDI - SERVIÇOS DIVERSOS",null,"h","4.00",20.399999999999999,81.599999999999994]
["Insumo",11677,"SINAPI","Registro de esfera, pvc, com volante, vs, soldavel, dn 50 mm, com corpo dividido.","Material",null,"un","1.00",50.7,50.7]
["Insumo",3146,"SINAPI","Fita veda rosca em rolos de 18 mm x 10 m (l x c).","Material",null,"un","0.18",4,0.72]
["Insumo",37106,"SINAPI","Caixa d'agua / reservatorio em poliester reforcado com fibra de vidro, 10000 litros, com tampa.","Material",null,"un","1.00",4067.91,4067.91]
["Insumo",9875,"SINAPI","Tubo pvc, soldavel, de 50 mm, agua fria (nbr-5648).","Material",null,"m","15.20",12.71,193.19]
["Insumo",113,"SINAPI","Adaptador pvc soldavel curto com bolsa e rosca, 60 mm x 2\", para agua fria.","Material",null,"un","1.00",9.1999999999999993,9.1999999999999993]
["Insumo",3871,"SINAPI","Luva soldavel com rosca, pvc, 50 mm x 1 1/2\", para agua fria predial.","Material",null,"un","1.00",15.04,15.04]
["Insumo",3540,"SINAPI","Joelho pvc, soldavel, 90 graus, 50 mm, cor marrom, para agua fria predial.","Material",null,"un","5.00",4.1100000000000003,20.55]
["Insumo",99,"SINAPI","Adaptador pvc soldavel, com flange e anel de vedacao, 50 mm x 1 1/2\", para caixa d'agua.","Material",null,"un","2.00",21.59,43.18]
["Insumo",119,"SINAPI","Adesivo plastico para pvc, bisnaga com 75 gr.","Material",null,"un","0.45",7.84,3.53]
[{"$nulls":4},"MO sem LS =>",1968.61,"ls =>","2280.24","MO com LS =>",4248.8500000000004]
[{"$nulls":4},"Valor do BDI =>",7081.29,null,"Valor com BDI =>",null,33965.47]
[{"$nulls":6},"quant. =>","0.80","Preço Total =>",27172.38]
[]
["5.2","Código","Banco","Descrição.","Tipo",null,"und","Quant.","Valor Unit","Total"]
["Composição","COMPOSIÇÃO - 11","Próprio","Fornecimento e execução de reservatório apoiado de 5 m³.","SEDI - SERVIÇOS DIVERSOS",null,"un","1.00",5723.7,5723.7]
["Composição Auxiliar",5928,"SINAPI","Guindauto hidráulico, capacidade máxima de carga 6200 kg, momento máximo de carga 11,7 tm, alcance máximo horizontal 9,70 m, inclusive caminhão toco pbt 16.000 kg, potência de 189 cv - chp diurno. af_06/2014.","CHOR - CUSTOS HORÁRIOS DE MÁQUINAS E EQUIPAMENTOS",null,"chp","4.00",286.48,1145.92]
["Composição Auxiliar",88309,"SINAPI","Pedreiro com encargos complementares.","SEDI - SERVIÇOS DIVERSOS",null,"h","3.00",25.31,75.930000000000007]
["Composição Auxiliar",88316,"SINAPI","Servente com encargos complementares.","SEDI - SERVIÇOS DIVERSOS",null,"h","3.00",18.989999999999998,56.97]
["Composição Auxiliar",88262,"SINAPI","Carpinteiro de formas com encargos complementares.","SEDI - SERVIÇOS DIVERSOS",null,"h","3.00",24.94,74.819999999999993]
["Composição Auxiliar",102617,"SINAPI","Caixa d´água em poliéster reforçado com fibra de vidro, 5000 litros - fornecimento e instalação. af_06/2021.","INHI - INSTALAÇÕES HIDROS SANITÁRIAS",null,"un","1.00",2906.34,2906.34]
["Composição Auxiliar",92783,"SINAPI","Armação de laje de uma estrutura convencional de concreto armado em uma edificação térrea ou sobrado utilizando aço ca-60 de 4,2 mm - montagem. af_12/2015.","FUES - FUNDAÇÕES E ESTRUTURAS",null,"kg","3.20",18.399999999999999,58.88]
["Composição Auxiliar",92759,"SINAPI","Armação de pilar ou viga de estrutura convencional de concreto armado utilizando aço ca-60 de 5,0 mm - montagem. af_06/2022.","FUES - FUNDAÇÕES E ESTRUTURAS",null,"kg","5.60",14.68,82.21]
["Composição Auxiliar",94964,"SINAPI","Concreto fck = 20mpa, traço 1:2,7:3 (em massa seca de cimento/ areia média/ brita 1) - preparo mecânico com betoneira 400 l. af_05/2021.","FUES - FUNDAÇÕES E ESTRUTURAS",null,"m³","1.56",719.05,1121.72]
["Composição Auxiliar",84651,"SINAPI","Pintura com tinta impermeavel mineral em po, duas demaos.","PINT - PINTURAS",null,"m²","2.70",12.86,34.72]
["Composição Auxiliar",92783,"SINAPI","Armação de laje de uma estrutura convencional de concreto armado em uma edificação térrea ou sobrado utilizando aço ca-60 de 4,2 mm - montagem. af_12/2015.","FUES - FUNDAÇÕES E ESTRUTURAS",null,"kg","3.20",18.399999999999999,58.88]
["Insumo",7155,"SINAPI","Tela de aco soldada nervurada, ca-60, q-138, (2,20 kg/m2), diametro do fio = 4,2 mm, largura = 2,45 m, espacamento da malha = 10 x 10 cm.","Material",null,"m²","6.16",17.420000000000002,107.31]
[{"$nulls":4},"MO sem LS =>",258.77,"ls =>","299.73","MO com LS =>",558.5]
[{"$nulls":4},"Valor do BDI =>",1507.62,null,"Valor com BDI =>",null,7231.32]
[{"$nulls":6},"quant. =>","0.20","Preço Total =>",1446.26]
[]
[6,null,null,"Bebedouro.",{"$nulls":5},2210.13]
["6.1","Código","Banco","Descrição.","Tipo",null,"und","Quant.","Valor Unit","Total"]
["Composição","COMPOSIÇÃO - 12","Próprio","Serviço de execução do bebedouro em concreto armado, incluso materiais.","SEDI - SERVIÇOS DIVERSOS",null,"un","1.00",1749.35,1749.35]
["Composição Auxiliar",5928,"SINAPI","Guindauto hidráulico, capacidade máxima de carga 6200 kg, momento máximo de carga 11,7 tm, alcance máximo horizontal 9,70 m, inclusive caminhão toco pbt 16.000 kg, potência de 189 cv - chp diurno. af_06/2014.","CHOR - CUSTOS HORÁRIOS DE MÁQUINAS E EQUIPAMENTOS",null,"chp","2.00",286.48,572.96]
["Composição Auxiliar",87445,"SINAPI","Betoneira capacidade nominal 400 l, capacidade de mistura 310 l, motor a diesel potência 5,0 hp, sem carregador - chp diurno. af_05/2023.","CHOR - CUSTOS HORÁRIOS DE MÁQUINAS E EQUIPAMENTOS",null,"chp","0.50",5.81,2.91]
["Composição Auxiliar",88377,"SINAPI","Operador de betoneira estacionária/misturador com encargos complementares.","SEDI - SERVIÇOS DIVERSOS",null,"h","0.50",18.43,9.2200000000000006]
["Composição Auxiliar",88310,"SINAPI","Pintor com encargos complementares.","SEDI - SERVIÇOS DIVERSOS",null,"h","0.30",26.8,8.0399999999999991]
["Composição Auxiliar",100301,"SINAPI","Ajudante de pintor com encargos complementares.","SEDI - SERVIÇOS DIVERSOS",null,"h","0.10",22.67,2.27]
["Composição Auxiliar",88245,"SINAPI","Armador com encargos complementares.","SEDI - SERVIÇOS DIVERSOS",null,"h","3.00",25.08,75.239999999999995]
["Composição Auxiliar",88262,"SINAPI","Carpinteiro de formas com encargos complementares.","SEDI - SERVIÇOS DIVERSOS",null,"h","2.00",24.94,49.88]
["Composição Auxiliar",88316,"SINAPI","Servente com encargos complementares.","SEDI - SERVIÇOS DIVERSOS",null,"h","5.00",18.989999999999998,94.95]
["Composição Auxiliar",88309,"SINAPI","Pedreiro com encargos complementares.","SEDI - SERVIÇOS DIVERSOS",null,"h","4.00",25.31,101.24]
["Insumo",43055,"SINAPI","Aco ca-50, 12,5 mm ou 16,0 mm, vergalhao.","Material",null,"kg","12.00",7.75,93]
["Insumo",43059,"SINAPI","Aco ca-60, 4,2 mm, ou 5,0 mm, ou 6,0 mm, ou 7,0 mm, vergalhao.","Material",null,"kg","13.00",8.4700000000000006,110.11]
["Insumo",32,"SINAPI","Aco ca-50, 6,3 mm, vergalhao.","Material",null,"kg","6.00",9.44,56.64]
["Insumo",370,"SINAPI","Areia media - posto jazida/fornecedor (retirado na jazida, sem transporte).","Material",null,"m³","0.32",150,48]
["Insumo",1379,"SINAPI","Cimento portland composto cp ii-32.","Material",null,"kg","127.00",1.05,133.35]
["Insumo",4718,"SINAPI","Pedra britada n. 2 (19 a 38 mm) posto pedreira/fornecedor, sem frete.","Material",null,"m³","0.08",320,25.6]
["Insumo",4721,"SINAPI","Pedra britada n. 1 (9,5 a 19 mm) posto pedreira/fornecedor, sem frete.","Material",null,"m³","0.23",318.32,73.209999999999994]
["Insumo",3767,"SINAPI","Lixa em folha para parede ou madeira, numero 120, cor vermelha.","Material",null,"un","0.12",0.85,0.1]
["Insumo",7356,"SINAPI","Tinta latex acrilica premium, cor branco fosco.","Material",null,"l","0.18",33.89,6.1]
["Insumo",43681,"SINAPI","Chapa/painel de madeira compensada resinada (madeirite resinado rosa) para forma de concreto, de 2200 x 1100 mm, e = 8 a 12 mm.","Material",null,"m²","7.30",39.25,286.52999999999997]
[{"$nulls":4},"MO sem LS =>",149.21,"ls =>","172.81","MO com LS =>",322.02]
[{"$nulls":4},"Valor do BDI =>",460.78,null,"Valor com BDI =>",null,2210.13]
[{"$nulls":6},"quant. =>","1.00","Preço Total =>",2210.13]
[]
[7,null,null,"Chafariz.",{"$nulls":5},1382.16]
["7.1","Código","Banco","Descrição.","Tipo",null,"und","Quant.","Valor Unit","Total"]
["Composição","COMPOSIÇÃO - 13","Próprio","Fornecimento de material e instalação do chafariz.","ASTU - ASSENTAMENTO DE TUBOS E PECAS",null,"un","1.00",1094,1094]
["Composição Auxiliar",88267,"SINAPI","Encanador ou bombeiro hidráulico com encargos complementares.","SEDI - SERVIÇOS DIVERSOS",null,"h","2.00",24.54,49.08]
["Composição Auxiliar",88248,"SINAPI","Auxiliar de encanador ou bombeiro hidráulico com encargos complementares.","SEDI - SERVIÇOS DIVERSOS",null,"h","2.00",20.399999999999999,40.799999999999997]
["Composição Auxiliar",93358,"SINAPI","Escavação manual de vala com profundidade menor ou igual a 1,30 m. af_02/2021.","MOVT - MOVIMENTO DE TERRA",null,"m³","0.09",75.12,7.14]
["Composição Auxiliar",92270,"SINAPI","Fabricação de fôrma para vigas, com madeira serrada, e = 25 mm. af_09/2020.","FUES - FUNDAÇÕES E ESTRUTURAS",null,"m²","0.63",126.72,79.58]
["Composição Auxiliar",94975,"SINAPI","Concreto fck = 15mpa, traço 1:3,4:3,5 (em massa seca de cimento/ areia média/ brita 1) - preparo manual. af_05/2021.","FUES - FUNDAÇÕES E ESTRUTURAS",null,"m³","0.16",720.03,113.04]
["Composição Auxiliar",2171,"ORSE","Piso cimentado liso traço 1:5, e = 3 cm, c/ junta plástica 3 x 27 mm.","Pisos : Cimentados, em Concreto Simples, tipo Tech-Stone e de Alta Resistência",null,"m²","0.79",52.58,41.28]
["Composição Auxiliar",87904,"SINAPI","Chapisco aplicado em alvenaria (com presença de vãos) e estruturas de concreto de fachada, com colher de pedreiro. argamassa traço 1:3 com preparo manual. af_10/2022.","REVE - REVESTIMENTO E TRATAMENTO DE SUPERFÍCIES",null,"m²","0.31",8.39,2.63]
["Composição Auxiliar",87529,"SINAPI","Massa única, em argamassa traço 1:2:8, preparo mecânico, aplicada manualmente em paredes internas de ambientes com área entre 5m² e 10m², e = 17,5mm, com taliscas. af_03/2024.","REVE - REVESTIMENTO E TRATAMENTO DE SUPERFÍCIES",null,"m²","0.31",36.76,11.54]
["Composição Auxiliar",84651,"SINAPI","Pintura com tinta impermeavel mineral em po, duas demaos.","PINT - PINTURAS",null,"m²","0.31",12.86,4.04]
["Insumo",765,"SINAPI","Bucha de reducao de ferro galvanizado, com rosca bsp, de 1\" x 3/4\".","Material",null,"un","2.00",11.17,22.34]
["Insumo",9887,"SINAPI","Uniao de ferro galvanizado, com rosca bsp, com assento plano, de 2\".","Material",null,"un","2.00",113.7,227.4]
["Insumo",21013,"SINAPI","Tubo aco galvanizado com costura, classe leve, dn 50 mm ( 2\"), e = 3,00 mm, *4,40* kg/m (nbr 5580).","Material",null,"m","1.80",67.989999999999995,122.38]
["Insumo",6298,"SINAPI","Te de ferro galvanizado, de 2\".","Material",null,"un","1.00",74.06,74.06]
["Insumo",3471,"SINAPI","Cotovelo 90 graus de ferro galvanizado, com rosca bsp, de 2\".","Material",null,"un","1.00",55.7,55.7]
["Insumo",113,"SINAPI","Adaptador pvc soldavel curto com bolsa e rosca, 60 mm x 2\", para agua fria.","Material",null,"un","1.00",9.1999999999999993,9.1999999999999993]
["Insumo",818,"SINAPI","Bucha de reducao de pvc, soldavel, curta, com 60 x 50 mm, para agua fria predial.","Material",null,"un","1.00",5.61,5.61]
["Insumo",7604,"SINAPI","Torneira metalica cromada para tanque / jardim, sem bico , cano longo, de parede, padrao popular / uso geral, 1/2 \" ou 3/4 \" (ref 1126).","Material",null,"un","2.00",77.16,154.32]
["Insumo",119,"SINAPI","Adesivo plastico para pvc, bisnaga com 75 gr.","Material",null,"un","1.00",7.84,7.84]
["Insumo",3146,"SINAPI","Fita veda rosca em rolos de 18 mm x 10 m (l x c).","Material",null,"un","1.00",4,4]
["Insumo",771,"SINAPI","Bucha de reducao de ferro galvanizado, com rosca bsp, de 2\" x 1\".","Material",null,"un","2.00",31.01,62.02]
[{"$nulls":4},"MO sem LS =>",66.55,"ls =>","77.08","MO com LS =>",143.63]
[{"$nulls":4},"Valor do BDI =>",288.16000000000003,null,"Valor com BDI =>",null,1382.16]
[{"$nulls":6},"quant. =>","1.00","Preço Total =>",1382.16]
[]
[8,null,null,"Cavalete.",{"$nulls":5},1934.76]
["8.1","Código","Banco","Descrição.","Tipo",null,"und","Quant.","Valor Unit","Total"]
["Composição","COMPOSIÇÃO - 14","Próprio","Fornecimento de conexões e instalação do cavalete com hidrômetro e clorador de pastilhas.","INHI - INSTALAÇÕES HIDROS SANITÁRIAS",null,"un","1.00",1531.39,1531.39]
["Composição Auxiliar",88248,"SINAPI","Auxiliar de encanador ou bombeiro hidráulico com encargos complementares.","SEDI - SERVIÇOS DIVERSOS",null,"h","3.00",20.399999999999999,61.2]
["Insumo",791,"SINAPI","Bucha de reducao de ferro galvanizado, com rosca bsp, de 1 1/2\" x 1\".","Material",null,"un","1.00",23.11,23.11]
["Insumo",9862,"SINAPI","Tubo pvc, roscavel, 1 1/2\", agua fria predial.","Material",null,"m","1.50",25.8,38.700000000000003]
["Insumo",11831,"SINAPI","Torneira plastica para tanque 1/2 \" ou 3/4 \" com bico para mangueira.","Material",null,"un","1.00",21.04,21.04]
["Insumo",2121,"SBC","Te de reducao ferro galvanizado 1.1/2\" x 1\".","Material",null,"un","1.00",57.49,57.49]
["Insumo",9569,"ORSE","Adaptador pvc bsxrm d= 35mm x 1 1/2\", linha irriga-lf, tigre ou similar un.","Material",null,"un","1.00",3.04,3.04]
["Insumo",3939,"SINAPI","Luva de ferro galvanizado, com rosca bsp, de 1 1/2\".","Material",null,"un","1.00",25.6,25.6]
["Insumo",1798,"SINAPI","Curva 90 graus de ferro galvanizado, com rosca bsp macho, de 2\".","Material",null,"un","1.00",142.72,142.72]
["Insumo",9887,"SINAPI","Uniao de ferro galvanizado, com rosca bsp, com assento plano, de 2\".","Material",null,"un","2.00",113.7,227.4]
["Insumo","00004181/SINAPI","ORSE","Niple de ferro galvanizado, com rosca bsp, de 2\".","Material",null,"un","2.00",39.24,78.48]
["Insumo",6028,"SINAPI","Registro gaveta bruto em latao forjado, bitola 2 \" (ref 1509).","Material",null,"un","1.00",138,138]
["Insumo",12775,"SINAPI","Hidrometro multijato / medidor de agua, dn 1\", vazao maxima de 7 m3/h, para agua potavel fria, relojoaria plana, classe b, horizontal (sem conexoes).","Material",null,"un","1.00",350.65,350.65]
["Insumo",771,"SINAPI","Bucha de reducao de ferro galvanizado, com rosca bsp, de 2\" x 1\".","Material",null,"un","1.00",31.01,31.01]
["Insumo",6305,"SINAPI","Te de reducao de ferro galvanizado, com rosca bsp, de 2\" x 1\".","Material",null,"un","1.00",81.98,81.98]
["Insumo",12464,"ORSE","Clorador dosador de cloro de pastilhas automático.","Material",null,"un","1.00",250.97,250.97]
[{"$nulls":4},"MO sem LS =>",23.15,"ls =>","26.80","MO com LS =>",49.95]
[{"$nulls":4},"Valor do BDI =>",403.37,null,"Valor com BDI =>",null,1934.76]
[{"$nulls":6},"quant. =>","1.00","Preço Total =>",1934.76]
[]
[9,null,null,"Instalações hidráulicas.",{"$nulls":5},18919.919999999998]
["9.1","Código","Banco","Descrição.","Tipo",null,"und","Quant.","Valor Unit","Total"]
["Composição","COMPOSIÇÃO - 15","Próprio","Fornecimento e instalação da rede adutora poço-reservatório-bebedouro em pn80 e dn50mm.","SEDI - SERVIÇOS DIVERSOS",null,"m","1.00",25.26,25.26]
["Composição Auxiliar",88316,"SINAPI","Servente com encargos complementares.","SEDI - SERVIÇOS DIVERSOS",null,"h","0.05",18.989999999999998,0.95]
["Composição Auxiliar",93358,"SINAPI","Escavação manual de vala com profundidade menor ou igual a 1,30 m. af_02/2021.","MOVT - MOVIMENTO DE TERRA",null,"m³","0.05",75.12,3.76]
["Insumo",9875,"SINAPI","Tubo pvc, soldavel, de 50 mm, agua fria (nbr-5648).","Material",null,"m","1.00",12.71,12.71]
["Insumo",119,"SINAPI","Adesivo plastico para pvc, bisnaga com 75 gr.","Material",null,"un","1.00",7.84,7.84]
[{"$nulls":4},"MO sem LS =>",1.68,"ls =>","1.95","MO com LS =>",3.63]
[{"$nulls":4},"Valor do BDI =>",6.65,null,"Valor com BDI =>",null,31.91]
[{"$nulls":6},"quant. =>","400.00","Preço Total =>",12764]
[]
["9.2","Código","Banco","Descrição.","Tipo",null,"und","Quant.","Valor Unit","Total"]
["Composição","COMPOSIÇÃO - 16","Próprio","Montagem hidráulica do equipamento de bombeamento.","INHI - INSTALAÇÕES HIDROS SANITÁRIAS",null,"un","1.00",134.82,134.82]
["Composição Auxiliar",88267,"SINAPI","Encanador ou bombeiro hidráulico com encargos complementares.","SEDI - SERVIÇOS DIVERSOS",null,"h","3.00",24.54,73.62]
["Composição Auxiliar",88248,"SINAPI","Auxiliar de encanador ou bombeiro hidráulico com encargos complementares.","SEDI - SERVIÇOS DIVERSOS",null,"h","3.00",20.399999999999999,61.2]
[{"$nulls":4},"MO sem LS =>",52.05,"ls =>","60.27","MO com LS =>",112.32]
[{"$nulls":4},"Valor do BDI =>",35.51,null,"Valor com BDI =>",null,170.33]
[{"$nulls":6},"quant. =>","1.00","Preço Total =>",170.33]
[]
["9.3","Código","Banco","Descrição.","Tipo",null,"und","Quant.","Valor Unit","Total"]
["Insumo",38200,"SINAPI","Corda de poliamida 12 mm tipo bombeiro, para trabalho em altura.","Material",null,"100m","1.00",800.3,800.3]
[{"$nulls":4},"MO sem LS =>",0,"ls =>","0.00","MO com LS =>",0]
[{"$nulls":4},"Valor do BDI =>",122.29,null,"Valor com BDI =>",null,922.59]
[{"$nulls":6},"quant. =>","0.93","Preço Total =>",858.01]
[]
["9.4","Código","Banco","Descrição.","Tipo",null,"und","Quant.","Valor Unit","Total"]
["Insumo",9860,"SINAPI","Tubo pvc, roscavel, 2\", para agua fria predial.","Material",null,"m","1.00",36.93,36.93]
[{"$nulls":4},"MO sem LS =>",0,"ls =>","0.00","MO com LS =>",0]
[{"$nulls":4},"Valor do BDI =>",9.73,null,"Valor com BDI =>",null,46.66]
[{"$nulls":6},"quant. =>","90.00","Preço Total =>",4199.3999999999996]
[]
["9.5","Código","Banco","Descrição.","Tipo",null,"und","Quant.","Valor Unit","Total"]
["Insumo",3912,"SINAPI","Luva de ferro galvanizado, com rosca bsp, de 2\".","Material",null,"un","1.00",39.21,39.21]
[{"$nulls":4},"MO sem LS =>",0,"ls =>","0.00","MO com LS =>",0]
[{"$nulls":4},"Valor do BDI =>",10.33,null,"Valor com BDI =>",null,49.54]
[{"$nulls":6},"quant. =>","16.00","Preço Total =>",792.64]
[]
["9.6","Código","Banco","Descrição.","Tipo",null,"und","Quant.","Valor Unit","Total"]
["Insumo",5128,"ORSE","Tampa de poço galvanizada em 6\" un.","Serviços",null,"un","1.00",107.28,107.28]
[{"$nulls":4},"MO sem LS =>",0,"ls =>","0.00","MO com LS =>",0]
[{"$nulls":4},"Valor do BDI =>",28.26,null,"Valor com BDI =>",null,135.54]
[{"$nulls":6},"quant. =>","1.00","Preço Total =>",135.54]
[]
[10,null,null,"Estrutura de fixação para módulos fotovoltáicos.",{"$nulls":5},5303.04]
["10.1","Código","Banco","Descrição.","Tipo",null,"und","Quant.","Valor Unit","Total"]
["Composição","COMPOSIÇÃO - 17","Próprio","Serviço de fixação de estruturas para os módulos fotovoltaicos e suportes de concreto, incluso materiais.","SEDI - SERVIÇOS DIVERSOS",null,"m²","1.00",262.33999999999997,262.33999999999997]
["Composição Auxiliar",94975,"SINAPI","Concreto fck = 15mpa, traço 1:3,4:3,5 (em massa seca de cimento/ areia média/ brita 1) - preparo manual. af_05/2021.","FUES - FUNDAÇÕES E ESTRUTURAS",null,"m³","0.09",720.03,68.040000000000006]
["Composição Auxiliar",93358,"SINAPI","Escavação manual de vala com profundidade menor ou igual a 1,30 m. af_02/2021.","MOVT - MOVIMENTO DE TERRA",null,"m³","0.06",75.12,4.7]
["Composição Auxiliar",96534,"SINAPI","Fabricação, montagem e desmontagem de fôrma para bloco de coroamento, em madeira serrada, e=25 mm, 4 utilizações. af_06/2017.","FUES - FUNDAÇÕES E ESTRUTURAS",null,"m²","0.03",78.16,2.5]
["Composição Auxiliar",88316,"SINAPI","Servente com encargos complementares.","SEDI - SERVIÇOS DIVERSOS",null,"h","2.64",18.989999999999998,50.08]
["Composição Auxiliar",88278,"SINAPI","Montador de estrutura metálica com encargos complementares.","SEDI - SERVIÇOS DIVERSOS",null,"h","2.64",22.42,59.12]
["Insumo",15690,"SBC","Estrutura metalica tesoura c/coluna 20/35m(24,72kg/m2).","Material",null,"m²","1.00",77.900000000000006,77.900000000000006]
[{"$nulls":4},"MO sem LS =>",47.59,"ls =>","55.12","MO com LS =>",102.71]
[{"$nulls":4},"Valor do BDI =>",69.099999999999994,null,"Valor com BDI =>",null,331.44]
[{"$nulls":6},"quant. =>","16.00","Preço Total =>",5303.04]
[]
[11,null,null,"Instalações elétricas e bóia elétrica.",{"$nulls":5},18628.27]
["11.1","Código","Banco","Descrição.","Tipo",null,"und","Quant.","Valor Unit","Total"]
["Composição","COMPOSIÇÃO - 18","Próprio","Montagem e instalação elétrica do kit de bombeamento e sistema fotovoltaico inclusive sistema de aterramento.","INEL - INSTALAÇÃO ELÉTRICA/ELETRIFICAÇÃO E ILUMINAÇÃO EXTERNA",null,"un","1.00",1163.97,1163.97]
["Composição Auxiliar",88247,"SINAPI","Auxiliar de eletricista com encargos complementares.","SEDI - SERVIÇOS DIVERSOS",null,"h","8.00",21.44,171.52]
["Insumo",20111,"SINAPI","Fita isolante adesiva antichama, uso ate 750 v, em rolo de 19 mm x 20 m.","Material",null,"un","1.00",28.17,28.17]
["Insumo",2674,"SINAPI","Fornecimento de eletroduto de pvc rigido roscavel de 3/4 \", sem luva.","Material",null,"m","15.00",5.71,85.65]
["Insumo",12034,"SINAPI","Fornecimento de curva 180 graus, de pvc rigido roscavel, de 3/4\", para eletroduto.","Material",null,"un","1.00",5.21,5.21]
["Insumo",39272,"SINAPI","Fornecimento de curva 90 graus, curta, de pvc rigido roscavel, de 3/4\", para eletroduto.","Material",null,"un","2.00",2.85,5.7]
["Insumo",3379,"SINAPI","Haste de aterramento em aco com 3,00 m de comprimento e dn = 5/8\", revestida com baixa camada de cobre, sem conector.","Material",null,"un","0.66",70.84,46.75]
["Insumo",1891,"SINAPI","Fornecimento de luva em pvc rigido roscavel, de 3/4\", para eletroduto.","Material",null,"un","9.00",1.32,11.88]
["Insumo",425,"SINAPI","Grampo metalico tipo olhal para haste de aterramento de 5/8'', condutor de *10* a 50 mm2.","Material",null,"un","2.00",6.72,13.44]
["Insumo",34643,"SINAPI","Fornecimento de caixa de inspecao para aterramento e para raios, em polipropileno, diametro = 300 mm x altura = 400 mm.","Material",null,"un","2.00",46.66,93.32]
["Insumo",867,"SINAPI","Cabo de cobre nu 50 mm2 meio-duro.","Material",null,"m","7.50",63.95,479.63]
["Insumo",54581,"SIURB INFRA","Dps - dispositivo de proteção contra surtos – 45ka – 500 volts - corrente contínua - classe ii - p/ sistema fotovoltáico.","Material",null,"un","1.00",222.7,222.7]
[{"$nulls":4},"MO sem LS =>",63.06,"ls =>","73.02","MO com LS =>",136.08000000000001]
[{"$nulls":4},"Valor do BDI =>",306.58999999999997,null,"Valor com BDI =>",null,1470.56]
[{"$nulls":6},"quant. =>","1.00","Preço Total =>",1470.56]
[]
["11.2","Código","Banco","Descrição.","Tipo",null,"und","Quant.","Valor Unit","Total"]
["Insumo",34622,"SINAPI","Fornecimento de cabo flexivel pvc 750 v, 3 condutores de 6,0 mm2.","Material",null,"m","1.00",25.14,25.14]
[{"$nulls":4},"MO sem LS =>",0,"ls =>","0.00","MO com LS =>",0]
[{"$nulls":4},"Valor do BDI =>",3.84,null,"Valor com BDI =>",null,28.98]
[{"$nulls":6},"quant. =>","105.00","Preço Total =>",3042.9]
[]
["11.3","Código","Banco","Descrição.","Tipo",null,"und","Quant.","Valor Unit","Total"]
["Composição","COMPOSIÇÃO - 19","Próprio","Fornecimento e instalação de automático de bóia superior e inferior.","ASTU - ASSENTAMENTO DE TUBOS E PECAS",null,"un","1.00",61.54,61.54]
["Composição Auxiliar",88264,"SINAPI","Eletricista com encargos complementares.","SEDI - SERVIÇOS DIVERSOS",null,"h","0.20",27.9,5.58]
["Composição Auxiliar",88247,"SINAPI","Auxiliar de eletricista com encargos complementares.","SEDI - SERVIÇOS DIVERSOS",null,"h","0.20",21.44,4.29]
["Insumo",7588,"SINAPI","Automatico de boia superior / inferior, *15* a / 250 v.","Material",null,"un","1.00",50,50]
["Insumo",21127,"SINAPI","Fita isolante adesiva antichama, uso ate 750 v, em rolo de 19 mm x 5 m.","Material",null,"un","0.10",10.65,1.07]
["Insumo",3146,"SINAPI","Fita veda rosca em rolos de 18 mm x 10 m (l x c).","Material",null,"un","0.15",4,0.6]
[{"$nulls":4},"MO sem LS =>",3.75,"ls =>","4.34","MO com LS =>",8.09]
[{"$nulls":4},"Valor do BDI =>",16.21,null,"Valor com BDI =>",null,77.75]
[{"$nulls":6},"quant. =>","1.00","Preço Total =>",77.75]
[]
["11.4","Código","Banco","Descrição.","Tipo",null,"und","Quant.","Valor Unit","Total"]
["Insumo",39257,"SINAPI","Cabo multipolar de cobre, flexivel, classe 4 ou 5, isolacao em hepr, cobertura em pvc-st2, antichama bwf-b, 0,6/1 kv, 3 condutores de 1,5 mm2.","Material",null,"m","1.00",6.83,6.83]
[{"$nulls":4},"MO sem LS =>",0,"ls =>","0.00","MO com LS =>",0]
[{"$nulls":4},"Valor do BDI =>",1.8,null,"Valor com BDI =>",null,8.6300000000000008]
[{"$nulls":6},"quant. =>","200.00","Preço Total =>",1726]
[]
["11.5","Código","Banco","Descrição.","Tipo",null,"und","Quant.","Valor Unit","Total"]
["Insumo","COTAÇÃO-002","Próprio","Fornecimento de kit de bombeamento fotovoltaico, incluindo uma bomba cc de 1500w com controladora de carga externa, caixa de proteção metálica, módulos fotovoltaicos compatíveis com a geração de 2200wp além de componentes elétricos necessários para interligação dos painéis, como cabos, conectores mc4 e presilhas de fixação.","Serviços",null,"un","1.00",9744.39,9744.39]
[{"$nulls":4},"MO sem LS =>",0,"ls =>","0.00","MO com LS =>",0]
[{"$nulls":4},"Valor do BDI =>",2566.67,null,"Valor com BDI =>",null,12311.06]
[{"$nulls":6},"quant. =>","1.00","Preço Total =>",12311.06]
[]
[12,null,null,"Urbanização.",{"$nulls":5},4225.1499999999996]
["12.1","Código","Banco","Descrição.","Tipo",null,"und","Quant.","Valor Unit","Total"]
["Composição","COMPOSIÇÃO - 20","Próprio","Cerca com mourões de concreto de 15x15cm, espaçados de 3m e cravados a 0,5m, escoras de 10x10cm nos cantos, e 9 fios de arame de aço ovalado 15x17.","SEDI - SERVIÇOS DIVERSOS",null,"m","1.00",87.97,87.97]
["Composição Auxiliar",88309,"SINAPI","Pedreiro com encargos complementares.","SEDI - SERVIÇOS DIVERSOS",null,"h","0.34",25.31,8.48]
["Composição Auxiliar",88316,"SINAPI","Servente com encargos complementares.","SEDI - SERVIÇOS DIVERSOS",null,"h","0.67",18.989999999999998,12.74]
["Composição Auxiliar",94975,"SINAPI","Concreto fck = 15mpa, traço 1:3,4:3,5 (em massa seca de cimento/ areia média/ brita 1) - preparo manual. af_05/2021.","FUES - FUNDAÇÕES E ESTRUTURAS",null,"m³","0.03",720.03,20.74]
["Insumo",43130,"SINAPI","Arame galvanizado 12 bwg, d = 2,76 mm (0,048 kg/m) ou 14 bwg, d = 2,11 mm (0,026 kg/m).","Material",null,"kg","0.10",26,2.5499999999999998]
["Insumo",346,"SINAPI","Arame de aco ovalado 15 x 17 ( 45,7 kg, 700 kgf), rolo 1000 m.","Material",null,"kg","0.41",30.8,12.47]
["Insumo",4111,"SINAPI","Escora pre-moldada em concreto, *10 x 10* cm, h = 2,30m.","Material",null,"un","0.16",69.77,11.16]
["Insumo","I1533","SEINFRA","Mourão concreto base 15x15cm h=2.3 c/ 12 furos.","Material",null,"un","0.42",47.22,19.829999999999998]
[{"$nulls":4},"MO sem LS =>",9.01,"ls =>","10.44","MO com LS =>",19.45]
[{"$nulls":4},"Valor do BDI =>",23.17,null,"Valor com BDI =>",null,111.14]
[{"$nulls":6},"quant. =>","28.00","Preço Total =>",3111.92]
[]
["12.2","Código","Banco","Descrição.","Tipo",null,"und","Quant.","Valor Unit","Total"]
["Composição","COMPOSIÇÃO - 21","Próprio","Serviço de instalação de portão de ferro com suporte e batedor conforme projeto, incluso material.","SEDI - SERVIÇOS DIVERSOS",null,"m²","1.00",587.41999999999996,587.41999999999996]
["Composição Auxiliar",88309,"SINAPI","Pedreiro com encargos complementares.","SEDI - SERVIÇOS DIVERSOS",null,"h","1.50",25.31,37.97]
["Composição Auxiliar",88316,"SINAPI","Servente com encargos complementares.","SEDI - SERVIÇOS DIVERSOS",null,"h","1.50",18.989999999999998,28.49]
["Insumo",367,"SINAPI","Areia grossa - posto jazida/fornecedor (retirado na jazida, sem transporte).","Material",null,"m³","0.06",151.96,9.27]
["Insumo",1379,"SINAPI","Cimento portland composto cp ii-32.","Material",null,"kg","4.83",1.05,5.07]
["Insumo",4948,"SINAPI","Portao de abrir / giro, em gradil de metalon redondo de 3/4\" vertical, com requadro, acabamento natural - completo.","Material",null,"m²","1.00",506.62,506.62]
[{"$nulls":4},"MO sem LS =>",24.7,"ls =>","28.62","MO com LS =>",53.32]
[{"$nulls":4},"Valor do BDI =>",154.72999999999999,null,"Valor com BDI =>",null,742.15]
[{"$nulls":6},"quant. =>","1.50","Preço Total =>",1113.23]
[]
[13,null,null,"Outros serviços e insumos excepcionais.",{"$nulls":5},9025.6200000000008]
["13.1","Código","Banco","Descrição.","Tipo",null,"und","Quant.","Valor Unit","Total"]
["Composição","COMPOSIÇÃO - 22","Próprio","Fornecimento e instalação do pré filtro para revestimento interno.","ASTU - ASSENTAMENTO DE TUBOS E PECAS",null,"m³","1.00",1653.13,1653.13]
["Composição Auxiliar",90776,"SINAPI","Encarregado geral com encargos complementares.","SEDI - SERVIÇOS DIVERSOS",null,"h","0.40",26.91,10.76]
["Composição Auxiliar",88297,"SINAPI","Operador de máquinas e equipamentos com encargos complementares.","SEDI - SERVIÇOS DIVERSOS",null,"h","0.40",33.729999999999997,13.49]
["Composição Auxiliar",88316,"SINAPI","Servente com encargos complementares.","SEDI - SERVIÇOS DIVERSOS",null,"h","0.50",18.989999999999998,9.5]
["Insumo",5073,"ORSE","Pré-filtro comum.","Serviços",null,"m³","1.00",1619.38,1619.38]
[{"$nulls":4},"MO sem LS =>",13.54,"ls =>","15.67","MO com LS =>",29.21]
[{"$nulls":4},"Valor do BDI =>",435.43,null,"Valor com BDI =>",null,2088.56]
[{"$nulls":6},"quant. =>","0.18","Preço Total =>",375.94]
[]
["13.2","Código","Banco","Descrição.","Tipo",null,"und","Quant.","Valor Unit","Total"]
["Composição","COMPOSIÇÃO - 23","Próprio","Execução de tamponamento conforme especificação.","SEDI - SERVIÇOS DIVERSOS",null,"m³","1.00",942.15,942.15]
["Composição Auxiliar",87316,"SINAPI","Argamassa traço 1:4 (em volume de cimento e areia grossa úmida) para chapisco convencional, preparo mecânico com betoneira 400 l. af_08/2019.","SEDI - SERVIÇOS DIVERSOS",null,"m³","1.00",604.84,604.84]
["Composição Auxiliar",88316,"SINAPI","Servente com encargos complementares.","SEDI - SERVIÇOS DIVERSOS",null,"h","1.00",18.989999999999998,18.989999999999998]
["Insumo",4721,"SINAPI","Pedra britada n. 1 (9,5 a 19 mm) posto pedreira/fornecedor, sem frete.","Material",null,"m³","1.00",318.32,318.32]
[{"$nulls":4},"MO sem LS =>",39.44,"ls =>","45.67","MO com LS =>",85.11]
[{"$nulls":4},"Valor do BDI =>",248.16,null,"Valor com BDI =>",null,1190.31]
[{"$nulls":6},"quant. =>","0.24","Preço Total =>",285.67]
[]
["13.3","Código","Banco","Descrição.","Tipo",null,"und","Quant.","Valor Unit","Total"]
["Composição","COMPOSIÇÃO - 24","Próprio","Fornecimento e instalação do filtro para revestimento interno ø 4 1/2\".","ASTU - ASSENTAMENTO DE TUBOS E PECAS",null,"m","1.00",100.97,100.97]
["Composição Auxiliar",88316,"SINAPI","Servente com encargos complementares.","SEDI - SERVIÇOS DIVERSOS",null,"h","0.65",18.989999999999998,12.34]
["Composição Auxiliar",90776,"SINAPI","Encarregado geral com encargos complementares.","SEDI - SERVIÇOS DIVERSOS",null,"h","0.65",26.91,17.489999999999998]
["Insumo","COTAÇÃO-003","Próprio","Fornecimento tubo filtro geomecânico classe reforçado diâmetro ø 4 1/2\" com junta roscável.","Material",null,"m","1.00",71.14,71.14]
[{"$nulls":4},"MO sem LS =>",11.71,"ls =>","13.57","MO com LS =>",25.28]
[{"$nulls":4},"Valor do BDI =>",26.6,null,"Valor com BDI =>",null,127.57]
[{"$nulls":6},"quant. =>","0.60","Preço Total =>",76.540000000000006]
[]
["13.4","Código","Banco","Descrição.","Tipo",null,"und","Quant.","Valor Unit","Total"]
["Composição","COMPOSIÇÃO - 25","Próprio","Fornecimento e instalação do revestimento interno ø 4 1/2\".","ASTU - ASSENTAMENTO DE TUBOS E PECAS",null,"m","1.00",92.2,92.2]
["Composição Auxiliar",88316,"SINAPI","Servente com encargos complementares.","SEDI - SERVIÇOS DIVERSOS",null,"h","0.65",18.989999999999998,12.34]
["Composição Auxiliar",90776,"SINAPI","Encarregado geral com encargos complementares.","SEDI - SERVIÇOS DIVERSOS",null,"h","0.65",26.91,17.489999999999998]
["Insumo","COTAÇÃO-004","Próprio","Fornecimento tubo revestimento geomecânico classe reforçado ø 4 1/2\" com junta roscável.","Material",null,"m","1.00",62.37,62.37]
[{"$nulls":4},"MO sem LS =>",11.71,"ls =>","13.57","MO com LS =>",25.28]
[{"$nulls":4},"Valor do BDI =>",24.29,null,"Valor com BDI =>",null,116.49]
[{"$nulls":6},"quant. =>","0.60","Preço Total =>",69.89]
[]
["13.5","Código","Banco","Descrição.","Tipo",null,"und","Quant.","Valor Unit","Total"]
["Insumo","M3929","SICRO3","Tubo em aço-carbono - e = 3,00 mm e d = 150 mm (6\").","Material",null,"m","1.00",171.2287,171.2287]
[{"$nulls":4},"MO sem LS =>",0,"ls =>","0.00","MO com LS =>",0]
[{"$nulls":4},"Valor do BDI =>",45.1,null,"Valor com BDI =>",null,216.33]
[{"$nulls":6},"quant. =>","9.00","Preço Total =>",1946.97]
[]
["13.6","Código","Banco","Descrição.","Tipo",null,"und","Quant.","Valor Unit","Total"]
["Insumo",41699,"SINAPI","Tubo de revestimento, em aco, corpo schedule 40, ponteira schedule 80, rosqueavel e segmentado para perfuracao, diametro 8.","Material",null,"m","1.00",2189.0100000000002,2189.0100000000002]
[{"$nulls":4},"MO sem LS =>",0,"ls =>","0.00","MO com LS =>",0]
[{"$nulls":4},"Valor do BDI =>",576.59,null,"Valor com BDI =>",null,2765.6]
[{"$nulls":6},"quant. =>","1.80","Preço Total =>",4978.08]
[]
["13.7","Código","Banco","Descrição.","Tipo",null,"und","Quant.","Valor Unit","Total"]
["Insumo","M039706073","EMBASA","Filtro nold em aço galvanizado dn 6\".","Material",null,"m","1.00",763.9,763.9]
[{"$nulls":4},"MO sem LS =>",0,"ls =>","0.00","MO com LS =>",0]
[{"$nulls":4},"Valor do BDI =>",201.21,null,"Valor com BDI =>",null,965.11]
[{"$nulls":6},"quant. =>","1.20","Preço Total =>",1158.1300000000001]
[]
["13.8","Código","Banco","Descrição.","Tipo",null,"und","Quant.","Valor Unit","Total"]
["Composição","COMPOSIÇÃO - 26","Próprio","Limpeza manual , remoção de cerca, capina e instalação dos equipamentos (área do poço, painéis solares, bebedouro e reservatório).","SEDI - SERVIÇOS DIVERSOS",null,"m²","1.00",1.52,1.52]
["Composição Auxiliar",88316,"SINAPI","Servente com encargos complementares.","SEDI - SERVIÇOS DIVERSOS",null,"h","0.08",18.989999999999998,1.52]
[{"$nulls":4},"MO sem LS =>",0.54,"ls =>","0.63","MO com LS =>",1.17]
[{"$nulls":4},"Valor do BDI =>",0.4,null,"Valor com BDI =>",null,1.92]
[{"$nulls":6},"quant. =>","70.00","Preço Total =>",134.4]

{"sheet":"Crono. - AP - P","index":4,"n_rows":33,"n_cols":15,"rows_kept":33,"cut":false,"hidden":false,"merged":[[0,0,6,14],[7,0,8,14],[23,0,23,1],[23,2,26,2],[24,0,24,1],[25,0,25,1],[26,0,26,1]]}
["OBJETO: EXECUÇÃO DE SERVIÇOS DE PERFURAÇÃO E INSTALAÇÃO DE POÇOS TUBULARES EM MUNICÍPIOS LOCALIZADOS NO ESTADO DO PARÁ, NA ÁREA DE ATUAÇÃO DA CODEVASF"]
[]
[]
[]
[]
[]
[]
["CRONOGRAMA FÍSICO-FINANCEIRO POÇO PARCIALMENTE REVESTIDO"]
[]
["ITEM","ESPECIFICAÇÃO DOS SERVIÇOS","VALOR TOTAL (R$)","Mês 01","Mês 02","Mês 03","Mês 04","Mês 05","Mês 06","Mês 07","Mês 08","Mês 09","Mês 10","Mês 11","Mês 12"]
["1","Serviços preliminares.",56314.19,4692.8491666666669,4692.8491666666669,4692.8491666666669,4692.8491666666669,4692.8491666666669,4692.8491666666669,4692.8491666666669,4692.8491666666669,4692.8491666666669,4692.8491666666669,4692.8491666666669,4692.8491666666669]
["2","Mobilizaçâo e desmobilizaçâo equipes perfuraçâo e instalação.",174571.04,14547.586666666668,14547.586666666668,14547.586666666668,14547.586666666668,14547.586666666668,14547.586666666668,14547.586666666668,14547.586666666668,14547.586666666668,14547.586666666668,14547.586666666668,14547.586666666668]
["3","Perfuração e completação de poço tubular.",1194338.24,99528.186666666661,99528.186666666661,99528.186666666661,99528.186666666661,99528.186666666661,99528.186666666661,99528.186666666661,99528.186666666661,99528.186666666661,99528.186666666661,99528.186666666661,99528.186666666661]
["4","Pós perfuração.",474716.4,39559.700000000004,39559.700000000004,39559.700000000004,39559.700000000004,39559.700000000004,39559.700000000004,39559.700000000004,39559.700000000004,39559.700000000004,39559.700000000004,39559.700000000004,39559.700000000004]
["5","Reservação.",1144745.6000000001,95395.466666666674,95395.466666666674,95395.466666666674,95395.466666666674,95395.466666666674,95395.466666666674,95395.466666666674,95395.466666666674,95395.466666666674,95395.466666666674,95395.466666666674,95395.466666666674]
["6","Bebedouro.",88405.2,7367.0999999999995,7367.0999999999995,7367.0999999999995,7367.0999999999995,7367.0999999999995,7367.0999999999995,7367.0999999999995,7367.0999999999995,7367.0999999999995,7367.0999999999995,7367.0999999999995,7367.0999999999995]
["7","Chafariz.",55286.400000000001,4607.2,4607.2,4607.2,4607.2,4607.2,4607.2,4607.2,4607.2,4607.2,4607.2,4607.2,4607.2]
["8","Cavalete.",77390.399999999994,6449.2,6449.2,6449.2,6449.2,6449.2,6449.2,6449.2,6449.2,6449.2,6449.2,6449.2,6449.2]
["9","Instalações hidráulicas.",738820.35,61568.362499999996,61568.362499999996,61568.362499999996,61568.362499999996,61568.362499999996,61568.362499999996,61568.362499999996,61568.362499999996,61568.362499999996,61568.362499999996,61568.362499999996,61568.362499999996]
["10","Estrutura de fixação para módulos fotovoltáicos.",134166.91,11180.575833333334,11180.575833333334,11180.575833333334,11180.575833333334,11180.575833333334,11180.575833333334,11180.575833333334,11180.575833333334,11180.575833333334,11180.575833333334,11180.575833333334,11180.575833333334]
["11","Instalações elétricas e bóia elétrica.",739050.8,61587.566666666673,61587.566666666673,61587.566666666673,61587.566666666673,61587.566666666673,61587.566666666673,61587.566666666673,61587.566666666673,61587.566666666673,61587.566666666673,61587.566666666673,61587.566666666673]
["12","Urbanização.",169005.8,14083.816666666666,14083.816666666666,14083.816666666666,14083.816666666666,14083.816666666666,14083.816666666666,14083.816666666666,14083.816666666666,14083.816666666666,14083.816666666666,14083.816666666666,14083.816666666666]
["13","Outros serviços e insumos excepcionais.",961379.12,80114.926666666666,80114.926666666666,80114.926666666666,80114.926666666666,80114.926666666666,80114.926666666666,80114.926666666666,80114.926666666666,80114.926666666666,80114.926666666666,80114.926666666666,80114.926666666666]
["TOTAL",null,6008190.4500000002,500682.53749999998,500682.53749999998,500682.53749999998,500682.53749999998,500682.53749999998,500682.53749999998,500682.53749999998,500682.53749999998,500682.53749999998,500682.53749999998,500682.53749999998,500682.53749999998]
["PERCENTUAL",null,null,8.3333333333333329E-2,8.3333333333333329E-2,8.3333333333333329E-2,8.3333333333333329E-2,8.3333333333333329E-2,8.3333333333333329E-2,8.3333333333333329E-2,8.3333333333333329E-2,8.3333333333333329E-2,8.3333333333333329E-2,8.3333333333333329E-2,8.3333333333333329E-2]
["CUSTO ACUMULADO",null,null,500682.53749999998,1001365.075,1502047.6124999998,2002730.15,2503412.6875,3004095.2250000001,3504777.7625000002,4005460.3000000003,4506142.8375000004,5006825.375,5507507.9124999996,6008190.4499999993]
["PERCENTUAL ACUMULADO",null,null,8.3333333333333329E-2,0.16666666666666666,0.25,0.33333333333333331,0.41666666666666663,0.49999999999999994,0.58333333333333326,0.66666666666666663,0.75,0.83333333333333337,0.91666666666666674,1]
[]
[]
[]
[]
[]
[{"$nulls":7},"                                                                                                                                                                                                                                                                                                                                            "]

{"sheet":"Orçamento Sintético - AP - T","index":5,"n_rows":58,"n_cols":12,"rows_kept":58,"cut":false,"hidden":false,"merged":[[0,2,1,5]]}
[null,null,"OBJETO: EXECUÇÃO DE SERVIÇOS DE PERFURAÇÃO E INSTALAÇÃO DE POÇOS TUBULARES EM MUNICÍPIOS LOCALIZADOS NO ESTADO DO AMAPÁ, NA ÁREA DE ATUAÇÃO DA CODEVASF",{"$nulls":4},"Quantidade de Poços","BDI SERVIÇO","BDI INSUMO","Total","Preço Unitário Por Poço"]
[{"$nulls":7},60,0.26340000000000002,0.15279999999999999,12954914.029999999,215915.23]
["Item","Código","Banco","TIPO","Descrição.","un.","Mem. calc.","Quanti.","Valor Unit","Valor Unit com BDI","Total","Peso (%)"]
[1,null,null,null,"Serviços preliminares.",{"$nulls":5},197251.49,1.52259976054816E-2]
["1.1","COMPOSIÇÃO - 1","Próprio","Serviço","Administração local da obra - poço totalmente revestido.","un.",1,60,1710.95,2161.61,129696.6,1.001138253018573E-2]
["1.2","COMPOSIÇÃO - 2","Próprio","Serviço","Serviço de locação geológica de campo com relatório hidro geológico e perfil construtivo e geológico esperado. relatório de viabilidade de implantação das estruturas e vistorias preliminares.","un.",1,60,587.79999999999995,742.63,44557.8,3.439451616337743E-3]
["1.3",103689,"SINAPI","Insumo","Fornecimento e instalação de placa de obra com chapa galvanizada e estrutura de madeira. .","m²",0.72,43.2,461.78,532.34,22997.09,1.7751634589581295E-3]
[2,null,null,null,"Mobilizaçâo e desmobilizaçâo equipe campo.",{"$nulls":5},261856.56,2.0212913755630689E-2]
["2.1","COMPOSIÇÃO - 3","Próprio","Serviço","Transporte de comboio perfuração.","km",150,9000,4.6399999999999997,5.86,52740,4.0710420677334287E-3]
["2.2","COMPOSIÇÃO - 4","Próprio","Serviço","Transporte de comboio instalação.","km",150,9000,5.9,7.45,67050,5.1756422192174136E-3]
["2.3","COMPOSIÇÃO - 5","Próprio","Serviço","Transporte de equipe teste de vazão.","km",150,9000,2.59,3.27,29430,2.2717248398444216E-3]
["2.4","COTAÇÃO-001","Próprio","INSUMO","Transporte hidroviário perfuração e instalação poços - trecho ida e volta.","un.",0.17,10.199999999999999,9579.11,11042.8,112636.56,8.6945046288354269E-3]
[3,null,null,null,"Perfuração e completação de poço tubular.",{"$nulls":5},6385677.5999999996,0.49291547479300407]
["3.1","COMPOSIÇÃO - 6","Próprio","Serviço","Perfuração diâmetro de ø 12 1/4\" em rocha - incluso mão de obra para instalação do revestimento e completação anelar.","m",150,9000,326.51,412.51,3712590,0.28657774118783558]
["3.2",5073,"ORSE","Insumo","Fornecimento de pré-filtro comum m3.","m³",7.5138999999999996,450.83,1619.38,1866.82,841618.46,6.4965190664410769E-2]
["3.3",5091,"ORSE","Insumo","Revestimento filtro pvc geomecânico reforçado dn 150mm.","m",15,900,221.38,255.21,229689,1.7729874506932565E-2]
["3.4",5024,"ORSE","Insumo","Centralizador em 6\".","un.",10,600,267.02,307.82,184692,1.4256520697266257E-2]
["3.5",9850,"SINAPI","Insumo","Tubo pvc de revestimento geomecanico nervurado reforcado, dn = 150 mm, comprimento = 2 m.","m",134,8040,147.75,170.33,1369453.2,0.10570916926416686]
["3.6","COMPOSIÇÃO - 7","Próprio","Serviço","Serviço de lançamento cimentação anelar, incluso materiais.","m³",1.1599999999999999,69.599999999999994,541.72,684.41,47634.94,3.6769784723920708E-3]
[4,null,null,null,"Pós perfuração.",{"$nulls":5},733494.6,5.6619024896763445E-2]
["4.1",6305,"ORSE","Insumo","Desenvolvimento com compressor 250psi / 750cfm.","h",2,120,411.16,473.99,56878.8,4.3905192939362181E-3]
["4.2","COMPOSIÇÃO - 8","Próprio","Serviço","Inspeção ótica em poço tubular câmera com rotação de 360º, visada lateral, com fonte própria de luz, entregue vídeo em cores e marcação de profundidades.","m",150,9000,9.42,11.9,107100,8.2671332092197607E-3]
["4.3","COMPOSIÇÃO - 9","Próprio","Serviço","Serviço de coleta e análise físico-química e bacteriológica.","un.",1,60,621.19000000000005,784.81,47088.6,3.6348060582228349E-3]
["4.4","COMPOSIÇÃO - 10","Próprio","Serviço","Serviço de instalação de laje sanitária com dimensões (1,5x1,5x0,3) , incluso material.","un.",1,60,760.55,960.88,57652.800000000003,4.4502649625070504E-3]
["4.5"," 24.80.22 ","EMBASA","Serviço","Ensaio de bombeamento poço tubular incluso materiais e grupo gerador.","h",24,1440,255.47,322.76,464774.40000000002,3.5876301372877582E-2]
[5,null,null,null,"Reservação.",{"$nulls":5},1717118.4,0.13254571940991877]
["5.1","COMPOSIÇÃO - 11","Próprio","Serviço","Fornecimento e instalação de reservatório e base elevada 10 m³.","un.",0.8,48,26884.18,33965.47,1630342.56,0.12584742409131991]
["5.2","COMPOSIÇÃO - 12","Próprio","Serviço","Fornecimento e execução de reservatório apoiado de 5 m³.","un.",0.2,12,5723.7,7231.32,86775.84,6.6982953185988842E-3]
[6,null,null,null,"Bebedouro.",{"$nulls":5},132607.79999999999,1.0236100347166873E-2]
["6.1","COMPOSIÇÃO - 13","Próprio","Serviço","Serviço de execução do bebedouro em concreto armado, incluso materiais.","un.",1,60,1749.35,2210.13,132607.79999999999,1.0236100347166873E-2]
[7,null,null,null,"Chafariz.",{"$nulls":5},82929.600000000006,6.4014010288264344E-3]
["7.1","COMPOSIÇÃO - 14","Próprio","Serviço","Fornecimento de material e instalação do chafariz.","un.",1,60,1094,1382.16,82929.600000000006,6.4014010288264344E-3]
[8,null,null,null,"Cavalete.",{"$nulls":5},116085.6,8.9607387383025348E-3]
["8.1","COMPOSIÇÃO - 15","Próprio","Serviço","Fornecimento de conexões e instalação do cavalete com hidrômetro e clorador de pastilhas.","un.",1,60,1531.39,1934.76,116085.6,8.9607387383025348E-3]
[9,null,null,null,"Instalações hidráulicas poço e adutora.",{"$nulls":5},1108230.52,8.5545185204135246E-2]
["9.1","COMPOSIÇÃO - 16","Próprio","Serviço","Fornecimento e instalação da rede adutora poço-reservatório-bebedouro em pn80 e dn50mm.","m",400,24000,25.26,31.91,765840,5.9115791754891331E-2]
["9.2","COMPOSIÇÃO - 17","Próprio","Serviço","Montagem hidráulica do equipamento de bombeamento.","un.",1,60,134.82,170.33,10219.799999999999,7.8887439749378253E-4]
["9.3",38200,"SINAPI","Insumo","Corda de poliamida 12 mm tipo bombeiro, para trabalho em altura.","100m",0.93,55.8,800.3,922.59,51480.52,3.9738218162455839E-3]
["9.4",9860,"SINAPI","Insumo","Tubo pvc, roscavel,  2\", para agua fria predial.","m",90,5400,36.93,42.57,229878,1.7744463565537071E-2]
["9.5",3912,"SINAPI","Insumo","Luva de ferro galvanizado, com rosca bsp, de 2\".","un.",16,960,39.21,45.2,43392,3.3494625977074123E-3]
["9.6",5128,"ORSE","Insumo","Tampa de poço galvanizada em 6\" un.","un.",1,60,107.28,123.67,7420.2,5.7277107226006037E-4]
[10,null,null,null,"Estrutura de fixação para módulos fotovoltáicos.",{"$nulls":5},301875.55,2.330201105935089E-2]
["10.1","COMPOSIÇÃO - 18","Próprio","Serviço","Serviço de fixação de estruturas para os módulos fotovoltaicos e suportes de concreto, incluso materiais.","m²",15.18,910.8,262.33999999999997,331.44,301875.55,2.330201105935089E-2]
[11,null,null,null,"Instalações elétricas.",{"$nulls":5},1250891.3999999999,9.6557290700909418E-2]
["11.1","COMPOSIÇÃO - 19","Próprio","Serviço","Montagem e instalação elétrica do kit de bombeamento e sistema fotovoltaico inclusive sistema de aterramento.","un.",1,60,1163.97,1470.56,88233.600000000006,6.8108209591877938E-3]
["11.2",34622,"SINAPI","Insumo","Fornecimento de  cabo flexivel pvc 750 v, 3 condutores de 6,0 mm2.","m",105,6300,25.14,28.98,182574,1.4093030611952275E-2]
["11.3","COMPOSIÇÃO - 20","Próprio","Serviço","Fornecimento e instalação de automático de bóia superior e inferior.","un.",1,60,61.54,77.75,4665,3.6009501793660305E-4]
["11.4",39257,"SINAPI","Insumo","Cabo multipolar de cobre, flexivel, classe 4 ou 5, isolacao em hepr, cobertura em pvc-st2, antichama bwf-b, 0,6/1 kv, 3 condutores de 1,5 mm2.","m",200,12000,6.83,7.87,94440,7.289897855076697E-3]
["11.5","COTAÇÃO-002","Próprio","Serviço","Fornecimento de kit de bombeamento fotovoltaico, incluindo uma bomba cc de 2200w com controladora de carga externa,  caixa de proteção metálica, módulos fotovoltaicos compatíveis com a geração de 3300wp além de componentes elétricos necessários para interligação dos painéis, como cabos, conectores mc4 e presilhas de fixação.","un.",1,60,11621.8,14682.98,880978.8,6.8003446256756056E-2]
[12,null,null,null,"Urbanização.",{"$nulls":5},253508.7,1.9568535878581976E-2]
["12.1","COMPOSIÇÃO - 21","Próprio","Serviço","Cerca com mourões de concreto de 15x15cm, espaçados de 3m e cravados a 0,5m, escoras de 10x10cm nos cantos, e 9 fios de arame de aço ovalado 15x17.","m",28,1680,87.97,111.14,186715.2,1.4412693096042106E-2]
["12.2","COMPOSIÇÃO - 22","Próprio","Serviço","Serviço de instalação de portão de ferro com suporte e batedor conforme projeto, incluso material.","m²",1.5,90,587.41999999999996,742.15,66793.5,5.1558427825398705E-3]
[13,null,null,null,"Outros serviços e insumos excepcionais.",{"$nulls":5},413386.21,3.1909606581928047E-2]
["13.1","COMPOSIÇÃO - 23","Próprio","Serviço","Execução de tamponamento conforme especificação.","m³",0.08,4.8,942.15,1190.31,5713.49,4.4102878542992541E-4]
["13.2",13747,"ORSE","Insumo","Revestimento tubo liso aço sch-40 em 12\".","m",6,360,921.04,1061.77,382237.2,2.9505190008582406E-2]
["13.3"," M3929 ","SICRO3","Insumo","Tubo em aço-carbono - e = 3,00 mm e d = 150 mm (6\").","m",1.44,86.4,171.2287,197.39,17054.5,1.3164502643943829E-3]
["13.4"," M039706073 ","EMBASA","Insumo","Filtro nold em aço galvanizado dn 6\".","m",6.0000000000000001E-3,0.36,763.9,880.62,317.02,2.447102306243556E-5]
["13.5","COMPOSIÇÃO - 24","Próprio","Serviço","Limpeza manual , remoção de cerca, capina e instalação dos equipamentos (área do poço, painéis solares, bebedouro e reservatório).","m²",70,4200,1.52,1.92,8064,6.224665004588996E-4]

{"sheet":"Orçamento Analítico - AP - T","index":6,"n_rows":433,"n_cols":10,"rows_kept":433,"cut":false,"hidden":false,"merged":[[390,4,390,5],[391,4,391,5],[392,4,392,5],[393,4,393,5],[394,4,394,5],[378,4,378,5],[379,4,379,5],[380,4,380,5],[381,4,381,5],[382,4,382,5],[383,4,383,5],[385,7,385,8],[388,4,388,5],[389,4,389,5],[363,4,363,5],[365,7,365,8],[368,4,368,5],[369,4,369,5],[371,7,371,8],[374,5,374,6],[375,4,375,5],[376,4,376,5],[377,4,377,5],[351,4,351,5],[352,4,352,5],[353,4,353,5],[354,4,354,5],[355,4,355,5],[356,4,356,5],[357,4,357,5],[359,7,359,8],[362,4,362,5],[336,4,336,5],[337,4,337,5],[338,4,338,5],[339,4,339,5],[342,7,342,8],[348,7,348,8],[340,4,340,5],[345,4,345,5],[346,4,346,5],[327,5,327,6],[328,4,328,5],[329,4,329,5],[330,4,330,5],[331,4,331,5],[332,4,332,5],[333,4,333,5],[334,4,334,5],[335,4,335,5],[412,7,412,8],[418,7,418,8],[424,7,424,8],[431,7,431,8],[396,7,396,8],[399,5,399,6],[400,4,400,5],[401,4,401,5],[402,4,402,5],[403,4,403,5],[406,7,406,8],[427,4,427,5],[428,4,428,5],[429,4,429,5],[404,4,404,5],[409,4,409,5],[410,4,410,5],[415,4,415,5],[416,4,416,5],[421,4,421,5],[422,4,422,5],[315,4,315,5],[316,4,316,5],[317,4,317,5],[318,4,318,5],[319,4,319,5],[320,4,320,5],[321,4,321,5],[322,4,322,5],[324,7,324,8],[305,7,305,8],[311,7,311,8],[314,5,314,6],[285,4,285,5],[287,7,287,8],[290,4,290,5],[291,4,291,5],[293,7,293,8],[296,4,296,5],[299,7,299,8],[297,4,297,5],[302,4,302,5],[303,4,303,5],[308,4,308,5],[309,4,309,5],[273,4,273,5],[274,4,274,5],[275,4,275,5],[276,4,276,5],[277,4,277,5],[279,7,279,8],[282,4,282,5],[283,4,283,5],[284,4,284,5],[261,4,261,5],[262,4,262,5],[263,4,263,5],[264,4,264,5],[265,4,265,5],[266,4,266,5],[268,7,268,8],[271,5,271,6],[272,4,272,5],[252,4,252,5],[253,4,253,5],[254,4,254,5],[255,4,255,5],[256,4,256,5],[257,4,257,5],[258,4,258,5],[259,4,259,5],[260,4,260,5],[240,4,240,5],[241,4,241,5],[242,4,242,5],[243,4,243,5],[244,4,244,5],[246,7,246,8],[249,5,249,6],[250,4,250,5],[251,4,251,5],[231,4,231,5],[232,4,232,5],[233,4,233,5],[234,4,234,5],[235,4,235,5],[236,4,236,5],[237,4,237,5],[238,4,238,5],[239,4,239,5],[222,5,222,6],[223,4,223,5],[224,4,224,5],[225,4,225,5],[226,4,226,5],[227,4,227,5],[228,4,228,5],[229,4,229,5],[230,4,230,5],[210,4,210,5],[211,4,211,5],[212,4,212,5],[213,4,213,5],[214,4,214,5],[215,4,215,5],[216,4,216,5],[217,4,217,5],[219,7,219,8],[201,4,201,5],[202,4,202,5],[203,4,203,5],[204,4,204,5],[205,4,205,5],[206,4,206,5],[207,4,207,5],[208,4,208,5],[209,4,209,5],[189,4,189,5],[190,4,190,5],[191,4,191,5],[193,7,193,8],[196,5,196,6],[197,4,197,5],[198,4,198,5],[199,4,199,5],[200,4,200,5],[180,4,180,5],[181,4,181,5],[182,4,182,5],[183,4,183,5],[184,4,184,5],[185,4,185,5],[186,4,186,5],[187,4,187,5],[188,4,188,5],[176,7,176,8],[166,4,166,5],[167,4,167,5],[168,4,168,5],[169,4,169,5],[170,4,170,5],[171,4,171,5],[172,4,172,5],[179,4,179,5],[159,4,159,5],[160,4,160,5],[161,4,161,5],[162,4,162,5],[163,4,163,5],[164,4,164,5],[165,4,165,5],[173,4,173,5],[174,4,174,5],[150,4,150,5],[151,4,151,5],[152,4,152,5],[153,4,153,5],[154,4,154,5],[155,4,155,5],[156,4,156,5],[157,4,157,5],[158,4,158,5],[135,4,135,5],[136,4,136,5],[138,7,138,8],[141,4,141,5],[142,4,142,5],[143,4,143,5],[144,4,144,5],[146,7,146,8],[149,5,149,6],[123,4,123,5],[124,4,124,5],[125,4,125,5],[126,4,126,5],[128,7,128,8],[131,4,131,5],[132,4,132,5],[133,4,133,5],[134,4,134,5],[107,5,107,6],[108,4,108,5],[109,4,109,5],[110,4,110,5],[112,7,112,8],[115,4,115,5],[116,4,116,5],[117,4,117,5],[120,7,120,8],[118,4,118,5],[69,4,69,5],[70,4,70,5],[71,4,71,5],[73,7,73,8],[85,7,85,8],[91,7,91,8],[97,7,97,8],[104,7,104,8],[76,4,76,5],[77,4,77,5],[79,7,79,8],[82,4,82,5],[83,4,83,5],[88,4,88,5],[89,4,89,5],[94,4,94,5],[95,4,95,5],[100,4,100,5],[101,4,101,5],[102,4,102,5],[54,4,54,5],[55,4,55,5],[56,4,56,5],[58,7,58,8],[61,4,61,5],[62,4,62,5],[64,7,64,8],[67,5,67,6],[68,4,68,5],[39,4,39,5],[40,4,40,5],[42,7,42,8],[45,4,45,5],[46,4,46,5],[47,4,47,5],[48,4,48,5],[50,7,50,8],[53,4,53,5],[27,4,27,5],[28,4,28,5],[29,4,29,5],[30,4,30,5],[31,4,31,5],[33,7,33,8],[36,5,36,6],[37,4,37,5],[38,4,38,5],[15,4,15,5],[16,4,16,5],[17,4,17,5],[18,4,18,5],[20,7,20,8],[23,4,23,5],[24,4,24,5],[25,4,25,5],[26,4,26,5],[0,2,2,6],[3,0,3,9],[5,5,5,6],[6,4,6,5],[7,4,7,5],[8,4,8,5],[11,7,11,8],[9,4,9,5],[14,4,14,5]]}
[null,null,"OBJETO: EXECUÇÃO DE SERVIÇOS DE PERFURAÇÃO E INSTALAÇÃO DE POÇOS TUBULARES EM MUNICÍPIOS LOCALIZADOS NO ESTADO DO AMAPÁ, NA ÁREA DE ATUAÇÃO DA CODEVASF"]
[]
[]
["PLANILHA ANALÍTICA - POÇO TOTALMENTE REVESTIDO - AMAPÁ"]
[]
[1,null,null,"Serviços preliminares.",{"$nulls":5},3324.3]
["1.1","Código","Banco","Descrição.","Tipo",null,"Und","Quant.","Valor Unit","Total"]
["Composição","COMPOSIÇÃO - 1","Próprio","Administração local da obra - poço totalmente revestido.","CANT - CANTEIRO DE OBRAS",null,"un","1.00",1710.95,1710.95]
["Composição Auxiliar",12710,"SBC","Despesas gerais de manutencao canteiro de obras.","INSTALACOES PROVISORIAS",null,"mes","0.23",1805.82,415.34]
["Composição Auxiliar",100321,"SINAPI","Técnico em segurança do trabalho com encargos complementares.","SEDI - SERVIÇOS DIVERSOS",null,"mes","0.23",5633.07,1295.6099999999999]
[{"$nulls":4},"MO sem LS =>",556.54,"ls =>","644.53","MO com LS =>",1201.07]
[{"$nulls":4},"Valor do BDI =>",450.66422999999998,null,"Valor com BDI =>",null,2161.61]
[{"$nulls":6},"quant. =>","1.00","Preço Total =>",2161.61]
[]
["1.2","Código","Banco","Descrição.","Tipo",null,"und","Quant.","Valor Unit","Total"]
["Composição","COMPOSIÇÃO - 2","Próprio","Serviço de locação geológica de campo com relatório hidro geológico e perfil construtivo e geológico esperado. relatório de viabilidade de implantação das estruturas e vistorias preliminares.","SERT - SERVIÇOS TÉCNICOS",null,"un","1.00",587.79999999999995,587.79999999999995]
["Composição Auxiliar","1945-01-30","EMBASA","Geologo senior.",3001,null,"hora","5.00",97.41,487.05]
["Insumo",5896,"ORSE","Veículo tipo sedan ou pick-up capacidade 0,6 ton h.","Equipamento",null,"h","5.00",8.33,41.65]
["Insumo",4222,"SINAPI","Gasolina comum.","Material",null,"l","10.00",5.91,59.1]
[{"$nulls":4},"MO sem LS =>",225.68,"ls =>","261.37","MO com LS =>",487.05]
[{"$nulls":4},"Valor do BDI =>",154.82651999999999,null,"Valor com BDI =>",null,742.63]
[{"$nulls":6},"quant. =>","1.00","Preço Total =>",742.63]
[]
["1.3","Código","Banco","Descrição.","Tipo",null,"und","Quant.","Valor Unit","Total"]
["Composição",103689,"SINAPI","Fornecimento e instalação de placa de obra com chapa galvanizada e estrutura de madeira. af_03/2022_ps.","PAVI - PAVIMENTAÇÃO",null,"m²","1.00",461.78,461.78]
["Composição Auxiliar",102234,"SINAPI","Pintura imunizante para madeira, 2 demãos. af_01/2021.","PINT - PINTURAS",null,"m²","0.50",28.09,14.05]
["Composição Auxiliar",88262,"SINAPI","Carpinteiro de formas com encargos complementares.","SEDI - SERVIÇOS DIVERSOS",null,"h","0.37",24.94,9.3000000000000007]
["Composição Auxiliar",88316,"SINAPI","Servente com encargos complementares.","SEDI - SERVIÇOS DIVERSOS",null,"h","2024-12-01",18.989999999999998,21.24]
["Insumo",4509,"SINAPI","Sarrafo *2,5 x 10* cm em pinus, mista ou equivalente da regiao - bruta.","Material",null,"m","3.21",5.18,16.62]
["Insumo",4813,"SINAPI","Placa de obra (para construcao civil) em chapa galvanizada *n. 22*, adesivada, de *2,4 x 1,2* m (sem postes para fixacao).","Material",null,"m²","1.00",400,400]
["Insumo",5065,"SINAPI","Prego de aco polido com cabeca 10 x 10 (7/8 x 17).","Material",null,"kg","0.01",30.96,0.35]
["Insumo",5069,"SINAPI","Prego de aco polido com cabeca 17 x 27 (2 1/2 x 11).","Material",null,"kg","0.01",16.59,0.22]
[{"$nulls":4},"MO sem LS =>",13.34,"ls =>","15.46","MO com LS =>",28.8]
[{"$nulls":4},"Valor do BDI =>",121.632852,null,"Valor com BDI =>",null,583.41]
[{"$nulls":6},"quant. =>","0.72","Preço Total =>",420.06]
[]
[2,null,null,"Mobilizaçâo e desmobilizaçâo equipe campo.",{"$nulls":5},4544.38]
["2.1","Código","Banco","Descrição.","Tipo",null,"und","Quant.","Valor Unit","Total"]
["Composição","COMPOSIÇÃO - 3","Próprio","Transporte de comboio perfuração.","TRAN - TRANSPORTES, CARGAS E DESCARGAS",null,"km","1.00",4.6399999999999997,4.6399999999999997]
["Composição Auxiliar",5824,"SINAPI","Caminhão toco, pbt 16.000 kg, carga útil máx. 10.685 kg, dist. entre eixos 4,8 m, potência 189 cv, inclusive carroceria fixa aberta de madeira p/ transporte geral de carga seca, dimen. aprox. 2,5 x 7,00 x 0,50 m - chp diurno. af_06/2014.","CHOR - CUSTOS HORÁRIOS DE MÁQUINAS E EQUIPAMENTOS",null,"chp","0.02",222.02,3.7]
["Composição Auxiliar",5826,"SINAPI","Caminhão toco, pbt 16.000 kg, carga útil máx. 10.685 kg, dist. entre eixos 4,8 m, potência 189 cv, inclusive carroceria fixa aberta de madeira p/ transporte geral de carga seca, dimen. aprox. 2,5 x 7,00 x 0,50 m - chi diurno. af_06/2014.","CHOR - CUSTOS HORÁRIOS DE MÁQUINAS E EQUIPAMENTOS",null,"chi","0.02",56.63,0.94]
[{"$nulls":4},"MO sem LS =>",0.32,"ls =>","0.36","MO com LS =>",0.68]
[{"$nulls":4},"Valor do BDI =>",1.2221759999999999,null,"Valor com BDI =>",null,5.86]
[{"$nulls":6},"quant. =>","150.00","Preço Total =>",879]
[]
["2.2","Código","Banco","Descrição.","Tipo",null,"und","Quant.","Valor Unit","Total"]
["Composição","COMPOSIÇÃO - 4","Próprio","Transporte de comboio instalação.","TRAN - TRANSPORTES, CARGAS E DESCARGAS",null,"km","1.00",5.9,5.9]
["Composição Auxiliar",5928,"SINAPI","Guindauto hidráulico, capacidade máxima de carga 6200 kg, momento máximo de carga 11,7 tm, alcance máximo horizontal 9,70 m, inclusive caminhão toco pbt 16.000 kg, potência de 189 cv - chp diurno. af_06/2014.","CHOR - CUSTOS HORÁRIOS DE MÁQUINAS E EQUIPAMENTOS",null,"chp","0.02",286.48,4.7699999999999996]
["Composição Auxiliar",5930,"SINAPI","Guindauto hidráulico, capacidade máxima de carga 6200 kg, momento máximo de carga 11,7 tm, alcance máximo horizontal 9,70 m, inclusive caminhão toco pbt 16.000 kg, potência de 189 cv - chi diurno. af_06/2014.","CHOR - CUSTOS HORÁRIOS DE MÁQUINAS E EQUIPAMENTOS",null,"chi","0.02",67.92,1.1299999999999999]
[{"$nulls":4},"MO sem LS =>",0.36,"ls =>","0.42","MO com LS =>",0.78]
[{"$nulls":4},"Valor do BDI =>",1.55406,null,"Valor com BDI =>",null,7.45]
[{"$nulls":6},"quant. =>","150.00","Preço Total =>",1117.5]
[]
["2.3","Código","Banco","Descrição.","Tipo",null,"und","Quant.","Valor Unit","Total"]
["Composição","COMPOSIÇÃO - 5","Próprio","Transporte de equipe teste de vazão.","TRAN - TRANSPORTES, CARGAS E DESCARGAS",null,"km","1.00",2.59,2.59]
["Composição Auxiliar",73467,"SINAPI","Caminhão toco, pbt 14.300 kg, carga útil máx. 9.710 kg, dist. entre eixos 3,56 m, potência 185 cv, inclusive carroceria fixa aberta de madeira p/ transporte geral de carga seca, dimen. aprox. 2,50 x 6,50 x 0,50 m - chp diurno. af_06/2014.","CHOR - CUSTOS HORÁRIOS DE MÁQUINAS E EQUIPAMENTOS",null,"chp","0.01",257.5,2.14]
["Composição Auxiliar",91395,"SINAPI","Caminhão toco, pbt 14.300 kg, carga útil máx. 9.710 kg, dist. entre eixos 3,56 m, potência 185 cv, inclusive carroceria fixa aberta de madeira p/ transporte geral de carga seca, dimen. aprox. 2,50 x 6,50 x 0,50 m - chi diurno. af_06/2014.","CHOR - CUSTOS HORÁRIOS DE MÁQUINAS E EQUIPAMENTOS",null,"chi","0.01",53.76,0.45]
[{"$nulls":4},"MO sem LS =>",0.16,"ls =>","0.18","MO com LS =>",0.34]
[{"$nulls":4},"Valor do BDI =>",0.68220599999999998,null,"Valor com BDI =>",null,3.27]
[{"$nulls":6},"quant. =>","150.00","Preço Total =>",490.5]
[]
["2.4","Código","Banco","Descrição.","Tipo",null,"und","Quant.","Valor Unit","Total"]
["Insumo","COTAÇÃO-001","Próprio","Transporte hidroviário perfuração e instalação poços - trecho ida e volta.","Transporte",null,"un.","1.00",9579.11,9579.11]
[{"$nulls":4},"MO sem LS =>",0,"ls =>","0.00","MO com LS =>",0]
[{"$nulls":4},"Valor do BDI =>",2523.14,null,"Valor com BDI =>",null,12102.25]
[{"$nulls":6},"quant. =>","0.17","Preço Total =>",2057.38]
[]
[3,null,null,"Perfuração e completação de poço tubular.",{"$nulls":5},108525.81]
["3.1","Código","Banco","Descrição.","Tipo",null,"und","Quant.","Valor Unit","Total"]
["Composição","COMPOSIÇÃO - 6","Próprio","Perfuração diâmetro de ø 12 1/4\" em rocha - incluso mão de obra para instalação do revestimento e completação anelar.","SERT - SERVIÇOS TÉCNICOS",null,"m","1.00",326.51,326.51]
["Composição Auxiliar",6224,"ORSE","Perfuração em sedimento / camadas inconsolidadas dn 12.1/2\" - poço de 150 a 250m.","Conversão InfoWOrca",null,"m","1.00",318.61,318.61]
["Insumo",43366,"SINAPI","Bentonita, argila constituida por  montmorilonita.","Material",null,"kg","5.00",1.58,7.9]
[{"$nulls":4},"MO sem LS =>",0,"ls =>","0.00","MO com LS =>",0]
[{"$nulls":4},"Valor do BDI =>",86.002734000000004,null,"Valor com BDI =>",null,412.51]
[{"$nulls":6},"quant. =>","150.00","Preço Total =>",61876.5]
[]
["3.2","Código","Banco","Descrição.","Tipo",null,"und","Quant.","Valor Unit","Total"]
["Insumo",5073,"ORSE","Fornecimento de pré-filtro comum m3.","Serviços",null,"m³","1.00",1619.38,1619.38]
[{"$nulls":4},"MO sem LS =>",0,"ls =>","0.00","MO com LS =>",0]
[{"$nulls":4},"Valor do BDI =>",247.44,null,"Valor com BDI =>",null,1866.82]
[{"$nulls":6},"quant. =>","6.96","Preço Total =>",12993.07]
[]
["3.3","Código","Banco","Descrição.","Tipo",null,"und","Quant.","Valor Unit","Total"]
["Insumo",5091,"ORSE","Revestimento filtro pvc geomecânico reforçado dn 150mm.","Serviços",null,"m","1.00",221.38,221.38]
[{"$nulls":4},"MO sem LS =>",0,"ls =>","0.00","MO com LS =>",0]
[{"$nulls":4},"Valor do BDI =>",58.31,null,"Valor com BDI =>",null,279.69]
[{"$nulls":6},"quant. =>","16.00","Preço Total =>",4475.04]
[]
["3.4","Código","Banco","Descrição.","Tipo",null,"und","Quant.","Valor Unit","Total"]
["Insumo",5024,"ORSE","Centralizador em 6\".","Serviços",null,"un","1.00",267.02,267.02]
[{"$nulls":4},"MO sem LS =>",0,"ls =>","0.00","MO com LS =>",0]
[{"$nulls":4},"Valor do BDI =>",70.33,null,"Valor com BDI =>",null,337.35]
[{"$nulls":6},"quant. =>","10.00","Preço Total =>",3373.5]
[]
["3.5","Código","Banco","Descrição.","Tipo",null,"und","Quant.","Valor Unit","Total"]
["Insumo",9850,"SINAPI","Tubo pvc de revestimento geomecanico nervurado reforcado, dn = 150 mm, comprimento = 2 m.","Material",null,"m","1.00",147.75,147.75]
[{"$nulls":4},"MO sem LS =>",0,"ls =>","0.00","MO com LS =>",0]
[{"$nulls":4},"Valor do BDI =>",38.92,null,"Valor com BDI =>",null,186.67]
[{"$nulls":6},"quant. =>","134.00","Preço Total =>",25013.78]
[]
["3.6","Código","Banco","Descrição.","Tipo",null,"und","Quant.","Valor Unit","Total"]
["Composição","COMPOSIÇÃO - 7","Próprio","Serviço de lançamento cimentação anelar, incluso materiais.","SEDI - SERVIÇOS DIVERSOS",null,"m³","1.00",541.72,541.72]
["Composição Auxiliar",1903,"ORSE","Argamassa cimento e areia traço t-1 (1:3) - 1 saco cimento 50kg / 3 padiolas areia dim. 0.35 x 0.45 x 0.23 m - confecção mecânica e transporte.","Argamassas",null,"m³","1.00",541.72,541.72]
[{"$nulls":4},"MO sem LS =>",25.3,"ls =>","29.30","MO com LS =>",54.6]
[{"$nulls":4},"Valor do BDI =>",142.68904800000001,null,"Valor com BDI =>",null,684.41]
[{"$nulls":6},"quant. =>","1.16","Preço Total =>",793.92]
[]
[4,null,null,"Pós perfuração.",{"$nulls":5},12315.85]
["4.1","Código","Banco","Descrição.","Tipo",null,"und","Quant.","Valor Unit","Total"]
["Composição",6305,"ORSE","Desenvolvimento com compressor 250psi / 750cfm.","Conversão InfoWOrca",null,"h","1.00",411.16,411.16]
["Insumo",5030,"ORSE","Desenvolvimento com compressor 250psi - 750cfm h.","Serviços",null,"h","1.00",411.16,411.16]
[{"$nulls":4},"MO sem LS =>",0,"ls =>","0.00","MO com LS =>",0]
[{"$nulls":4},"Valor do BDI =>",108.299544,null,"Valor com BDI =>",null,519.46]
[{"$nulls":6},"quant. =>","2.00","Preço Total =>",1038.92]
[]
["4.2","Código","Banco","Descrição.","Tipo",null,"und","Quant.","Valor Unit","Total"]
["Composição","COMPOSIÇÃO - 8","Próprio","Inspeção ótica em poço tubular câmera com rotação de 360º, visada lateral, com fonte própria de luz, entregue vídeo em cores e marcação de profundidades.","SEES - SERVIÇOS ESPECIAIS",null,"m","1.00",9.42,9.42]
["Insumo"," H020050004 ","EMBASA","Aparelho de perfilagem optica.","Material",null,"m","1.00",4.4000000000000004,4.4000000000000004]
["Insumo"," B590000022 ","EMBASA","Tecnico medio.","Mão de Obra",null,"h","0.08",60.147199999999998,5.0199999999999996]
[{"$nulls":4},"MO sem LS =>",2.33,"ls =>","2.69","MO com LS =>",5.0199999999999996]
[{"$nulls":4},"Valor do BDI =>",2.4812280000000002,null,"Valor com BDI =>",null,11.9]
[{"$nulls":6},"quant. =>","150.00","Preço Total =>",1785]
[]
["4.3","Código","Banco","Descrição.","Tipo",null,"und","Quant.","Valor Unit","Total"]
["Composição","COMPOSIÇÃO - 9","Próprio","Serviço de coleta e análise físico-química e bacteriológica.","SEDI - SERVIÇOS DIVERSOS",null,"un","1.00",621.19000000000005,621.19000000000005]
["Composição Auxiliar",6312,"ORSE","Análise físico-química da água.","Conversão InfoWOrca",null,"un","1.00",565.21,565.21]
["Composição Auxiliar",6313,"ORSE","Análise bacteriológica da água.","Conversão InfoWOrca",null,"un","1.00",55.98,55.98]
[{"$nulls":4},"MO sem LS =>",0,"ls =>","0.00","MO com LS =>",0]
[{"$nulls":4},"Valor do BDI =>",163.62144599999999,null,"Valor com BDI =>",null,784.81]
[{"$nulls":6},"quant. =>","1.00","Preço Total =>",784.81]
[]
["4.4","Código","Banco","Descrição.","Tipo",null,"und","Quant.","Valor Unit","Total"]
["Composição","COMPOSIÇÃO - 10","Próprio","Serviço de instalação de laje sanitária com dimensões (1,5x1,5x0,3) , incluso material.","SEDI - SERVIÇOS DIVERSOS",null,"un","1.00",760.55,760.55]
["Composição Auxiliar",92522,"SINAPI","Montagem e desmontagem de fôrma de laje maciça, pé-direito simples, em chapa de madeira compensada resinada, 8 utilizações. af_09/2020.","FUES - FUNDAÇÕES E ESTRUTURAS",null,"m²","1.80",43.5,78.3]
["Composição Auxiliar",93358,"SINAPI","Escavação manual de vala com profundidade menor ou igual a 1,30 m. af_02/2021.","MOVT - MOVIMENTO DE TERRA",null,"m³","0.23",75.12,16.899999999999999]
["Composição Auxiliar",94975,"SINAPI","Concreto fck = 15mpa, traço 1:3,4:3,5 (em massa seca de cimento/ areia média/ brita 1) - preparo manual. af_05/2021.","FUES - FUNDAÇÕES E ESTRUTURAS",null,"m³","0.68",720.03,486.02]
["Composição Auxiliar",103670,"SINAPI","Lançamento com uso de baldes, adensamento e acabamento de concreto em estruturas. af_02/2022.","FUES - FUNDAÇÕES E ESTRUTURAS",null,"m³","0.68",265.67,179.33]
[{"$nulls":4},"MO sem LS =>",111.18,"ls =>","128.78","MO com LS =>",239.96]
[{"$nulls":4},"Valor do BDI =>",200.32886999999999,null,"Valor com BDI =>",null,960.88]
[{"$nulls":6},"quant. =>","1.00","Preço Total =>",960.88]
[]
["4.5","Código","Banco","Descrição.","Tipo",null,"und","Quant.","Valor Unit","Total"]
["Composição"," 24.80.22 ","EMBASA","Ensaio de bombeamento poço tubular incluso materiais e grupo gerador.",2480,null,"h","1.00",255.47,255.47]
["Composição Auxiliar"," 24.00.15 ","EMBASA","Equipe (3 profissionais campo) - bombeio.",2400,null,"h","1.00",190.55,190.55]
["Insumo"," H020050001 ","EMBASA","Unidade de ensaio e bombeamento - ueb1 ate 150m3 no sedimento.","Material",null,"h","1.00",64.92,64.92]
[{"$nulls":4},"MO sem LS =>",88.3,"ls =>","102.25","MO com LS =>",190.55]
[{"$nulls":4},"Valor do BDI =>",67.290797999999995,null,"Valor com BDI =>",null,322.76]
[{"$nulls":6},"quant. =>","24.00","Preço Total =>",7746.24]
[]
[5,null,null,"Reservação.",{"$nulls":5},28618.639999999999]
["5.1","Código","Banco","Descrição.","Tipo",null,"und","Quant.","Valor Unit","Total"]
["Composição","COMPOSIÇÃO - 11","Próprio","Fornecimento e instalação de reservatório e base elevada 10 m³.","ASTU - ASSENTAMENTO DE TUBOS E PECAS",null,"un","1.00",26884.18,26884.18]
["Composição Auxiliar",92759,"SINAPI","Armação de pilar ou viga de estrutura convencional de concreto armado utilizando aço ca-60 de 5,0 mm - montagem. af_06/2022.","FUES - FUNDAÇÕES E ESTRUTURAS",null,"kg","2024-10-29",14.68,427.19]
["Composição Auxiliar",92761,"SINAPI","Armação de pilar ou viga de estrutura convencional de concreto armado utilizando aço ca-50 de 8,0 mm - montagem. af_06/2022.","FUES - FUNDAÇÕES E ESTRUTURAS",null,"kg","48.00",13.4,643.20000000000005]
["Composição Auxiliar",93358,"SINAPI","Escavação manual de vala com profundidade menor ou igual a 1,30 m. af_02/2021.","MOVT - MOVIMENTO DE TERRA",null,"m³","5.20",75.12,390.62]
["Composição Auxiliar",92763,"SINAPI","Armação de pilar ou viga de estrutura convencional de concreto armado utilizando aço ca-50 de 12,5 mm - montagem. af_06/2022.","FUES - FUNDAÇÕES E ESTRUTURAS",null,"kg","118.40",10.199999999999999,1207.68]
["Composição Auxiliar",94970,"SINAPI","Concreto fck = 20mpa, traço 1:2,7:3 (em massa seca de cimento/ areia média/ brita 1) - preparo mecânico com betoneira 600 l. af_05/2021.","FUES - FUNDAÇÕES E ESTRUTURAS",null,"m³","4.89",710.53,3474.49]
["Composição Auxiliar",103670,"SINAPI","Lançamento com uso de baldes, adensamento e acabamento de concreto em estruturas. af_02/2022.","FUES - FUNDAÇÕES E ESTRUTURAS",null,"m³","6.85",265.67,1819.84]
["Composição Auxiliar",84651,"SINAPI","Pintura com tinta impermeavel mineral em po, duas demaos.","PINT - PINTURAS",null,"m²","28.66",12.86,368.57]
["Composição Auxiliar",90776,"SINAPI","Encarregado geral com encargos complementares.","SEDI - SERVIÇOS DIVERSOS",null,"h","1.00",26.91,26.91]
["Composição Auxiliar",102482,"SINAPI","Concreto fck = 25mpa, traço 1:2,2:2,5 (em massa seca de cimento/ areia média/ seixo rolado) - preparo mecânico com betoneira 600 l. af_05/2021.","FUES - FUNDAÇÕES E ESTRUTURAS",null,"m³","1.96",1199.6500000000001,2351.31]
["Composição Auxiliar",92263,"SINAPI","Fabricação de fôrma para pilares e estruturas similares, em chapa de madeira compensada resinada, e = 17 mm. af_09/2020.","FUES - FUNDAÇÕES E ESTRUTURAS",null,"m²","2024-10-18",188.68,3415.11]
["Composição Auxiliar",89272,"SINAPI","Guindaste hidráulico autopropelido, com lança telescópica 28,80 m, capacidade máxima 30 t, potência 97 kw, tração 4 x 4 - chp diurno. af_11/2014.","CHOR - CUSTOS HORÁRIOS DE MÁQUINAS E EQUIPAMENTOS",null,"chp","13.00",219,2847]
["Composição Auxiliar",5824,"SINAPI","Caminhão toco, pbt 16.000 kg, carga útil máx. 10.685 kg, dist. entre eixos 4,8 m, potência 189 cv, inclusive carroceria fixa aberta de madeira p/ transporte geral de carga seca, dimen. aprox. 2,5 x 7,00 x 0,50 m - chp diurno. af_06/2014.","CHOR - CUSTOS HORÁRIOS DE MÁQUINAS E EQUIPAMENTOS",null,"chp","24.00",222.02,5328.48]
["Composição Auxiliar",88267,"SINAPI","Encanador ou bombeiro hidráulico com encargos complementares.","SEDI - SERVIÇOS DIVERSOS",null,"h","4.00",24.54,98.16]
["Composição Auxiliar",88248,"SINAPI","Auxiliar de encanador ou bombeiro hidráulico com encargos complementares.","SEDI - SERVIÇOS DIVERSOS",null,"h","4.00",20.399999999999999,81.599999999999994]
["Insumo",11677,"SINAPI","Registro de esfera, pvc, com volante, vs, soldavel, dn 50 mm, com corpo dividido.","Material",null,"un","1.00",50.7,50.7]
["Insumo",3146,"SINAPI","Fita veda rosca em rolos de 18 mm x 10 m (l x c).","Material",null,"un","0.18",4,0.72]
["Insumo",37106,"SINAPI","Caixa d'agua / reservatorio em poliester reforcado com fibra de vidro, 10000 litros, com tampa.","Material",null,"un","1.00",4067.91,4067.91]
["Insumo",9875,"SINAPI","Tubo pvc, soldavel, de 50 mm, agua fria (nbr-5648).","Material",null,"m","15.20",12.71,193.19]
["Insumo",113,"SINAPI","Adaptador pvc soldavel curto com bolsa e rosca, 60 mm x 2\", para agua fria.","Material",null,"un","1.00",9.1999999999999993,9.1999999999999993]
["Insumo",3871,"SINAPI","Luva soldavel com rosca, pvc, 50 mm x 1 1/2\", para agua fria predial.","Material",null,"un","1.00",15.04,15.04]
["Insumo",3540,"SINAPI","Joelho pvc, soldavel, 90 graus, 50 mm, cor marrom, para agua fria predial.","Material",null,"un","5.00",4.1100000000000003,20.55]
["Insumo",99,"SINAPI","Adaptador pvc soldavel, com flange e anel de vedacao, 50 mm x 1 1/2\", para caixa d'agua.","Material",null,"un","2.00",21.59,43.18]
["Insumo",119,"SINAPI","Adesivo plastico para pvc, bisnaga com 75 gr.","Material",null,"un","0.45",7.84,3.53]
[{"$nulls":4},"MO sem LS =>",1968.61,"ls =>","2280.24","MO com LS =>",4248.8500000000004]
[{"$nulls":4},"Valor do BDI =>",7081.2930120000001,null,"Valor com BDI =>",null,33965.47]
[{"$nulls":6},"quant. =>","0.80","Preço Total =>",27172.38]
[]
["5.2","Código","Banco","Descrição.","Tipo",null,"und","Quant.","Valor Unit","Total"]
["Composição","COMPOSIÇÃO - 12","Próprio","Fornecimento e execução de reservatório apoiado de 5 m³.","SEDI - SERVIÇOS DIVERSOS",null,"un","1.00",5723.7,5723.7]
["Composição Auxiliar",5928,"SINAPI","Guindauto hidráulico, capacidade máxima de carga 6200 kg, momento máximo de carga 11,7 tm, alcance máximo horizontal 9,70 m, inclusive caminhão toco pbt 16.000 kg, potência de 189 cv - chp diurno. af_06/2014.","CHOR - CUSTOS HORÁRIOS DE MÁQUINAS E EQUIPAMENTOS",null,"chp","4.00",286.48,1145.92]
["Composição Auxiliar",88309,"SINAPI","Pedreiro com encargos complementares.","SEDI - SERVIÇOS DIVERSOS",null,"h","3.00",25.31,75.930000000000007]
["Composição Auxiliar",88316,"SINAPI","Servente com encargos complementares.","SEDI - SERVIÇOS DIVERSOS",null,"h","3.00",18.989999999999998,56.97]
["Composição Auxiliar",88262,"SINAPI","Carpinteiro de formas com encargos complementares.","SEDI - SERVIÇOS DIVERSOS",null,"h","3.00",24.94,74.819999999999993]
["Composição Auxiliar",102617,"SINAPI","Caixa d´água em poliéster reforçado com fibra de vidro, 5000 litros - fornecimento e instalação. af_06/2021.","INHI - INSTALAÇÕES HIDROS SANITÁRIAS",null,"un","1.00",2906.34,2906.34]
["Composição Auxiliar",92783,"SINAPI","Armação de laje de uma estrutura convencional de concreto armado em uma edificação térrea ou sobrado utilizando aço ca-60 de 4,2 mm - montagem. af_12/2015.","FUES - FUNDAÇÕES E ESTRUTURAS",null,"kg","3.20",18.399999999999999,58.88]
["Composição Auxiliar",92759,"SINAPI","Armação de pilar ou viga de estrutura convencional de concreto armado utilizando aço ca-60 de 5,0 mm - montagem. af_06/2022.","FUES - FUNDAÇÕES E ESTRUTURAS",null,"kg","5.60",14.68,82.21]
["Composição Auxiliar",94964,"SINAPI","Concreto fck = 20mpa, traço 1:2,7:3 (em massa seca de cimento/ areia média/ brita 1) - preparo mecânico com betoneira 400 l. af_05/2021.","FUES - FUNDAÇÕES E ESTRUTURAS",null,"m³","1.56",719.05,1121.72]
["Composição Auxiliar",84651,"SINAPI","Pintura com tinta impermeavel mineral em po, duas demaos.","PINT - PINTURAS",null,"m²","2.70",12.86,34.72]
["Composição Auxiliar",92783,"SINAPI","Armação de laje de uma estrutura convencional de concreto armado em uma edificação térrea ou sobrado utilizando aço ca-60 de 4,2 mm - montagem. af_12/2015.","FUES - FUNDAÇÕES E ESTRUTURAS",null,"kg","3.20",18.399999999999999,58.88]
["Insumo",7155,"SINAPI","Tela de aco soldada nervurada, ca-60, q-138, (2,20 kg/m2), diametro do fio = 4,2 mm, largura = 2,45 m, espacamento da malha = 10  x 10 cm.","Material",null,"m²","6.16",17.420000000000002,107.31]
[{"$nulls":4},"MO sem LS =>",258.77,"ls =>","299.73","MO com LS =>",558.5]
[{"$nulls":4},"Valor do BDI =>",1507.62258,null,"Valor com BDI =>",null,7231.32]
[{"$nulls":6},"quant. =>","0.20","Preço Total =>",1446.26]
[]
[6,null,null,"Bebedouro.",{"$nulls":5},2210.13]
["6.1","Código","Banco","Descrição.","Tipo",null,"und","Quant.","Valor Unit","Total"]
["Composição","COMPOSIÇÃO - 13","Próprio","Serviço de execução do bebedouro em concreto armado, incluso materiais.","SEDI - SERVIÇOS DIVERSOS",null,"un","1.00",1749.35,1749.35]
["Composição Auxiliar",5928,"SINAPI","Guindauto hidráulico, capacidade máxima de carga 6200 kg, momento máximo de carga 11,7 tm, alcance máximo horizontal 9,70 m, inclusive caminhão toco pbt 16.000 kg, potência de 189 cv - chp diurno. af_06/2014.","CHOR - CUSTOS HORÁRIOS DE MÁQUINAS E EQUIPAMENTOS",null,"chp","2.00",286.48,572.96]
["Composição Auxiliar",87445,"SINAPI","Betoneira capacidade nominal 400 l, capacidade de mistura 310 l, motor a diesel potência 5,0 hp, sem carregador - chp diurno. af_05/2023.","CHOR - CUSTOS HORÁRIOS DE MÁQUINAS E EQUIPAMENTOS",null,"chp","0.50",5.81,2.91]
["Composição Auxiliar",88377,"SINAPI","Operador de betoneira estacionária/misturador com encargos complementares.","SEDI - SERVIÇOS DIVERSOS",null,"h","0.50",18.43,9.2200000000000006]
["Composição Auxiliar",88310,"SINAPI","Pintor com encargos complementares.","SEDI - SERVIÇOS DIVERSOS",null,"h","0.30",26.8,8.0399999999999991]
["Composição Auxiliar",100301,"SINAPI","Ajudante de pintor com encargos complementares.","SEDI - SERVIÇOS DIVERSOS",null,"h","0.10",22.67,2.27]
["Composição Auxiliar",88245,"SINAPI","Armador com encargos complementares.","SEDI - SERVIÇOS DIVERSOS",null,"h","3.00",25.08,75.239999999999995]
["Composição Auxiliar",88262,"SINAPI","Carpinteiro de formas com encargos complementares.","SEDI - SERVIÇOS DIVERSOS",null,"h","2.00",24.94,49.88]
["Composição Auxiliar",88316,"SINAPI","Servente com encargos complementares.","SEDI - SERVIÇOS DIVERSOS",null,"h","5.00",18.989999999999998,94.95]
["Composição Auxiliar",88309,"SINAPI","Pedreiro com encargos complementares.","SEDI - SERVIÇOS DIVERSOS",null,"h","4.00",25.31,101.24]
["Insumo",43055,"SINAPI","Aco ca-50, 12,5 mm ou 16,0 mm, vergalhao.","Material",null,"kg","12.00",7.75,93]
["Insumo",43059,"SINAPI","Aco ca-60, 4,2 mm, ou 5,0 mm, ou 6,0 mm, ou 7,0 mm, vergalhao.","Material",null,"kg","13.00",8.4700000000000006,110.11]
["Insumo",32,"SINAPI","Aco ca-50, 6,3 mm, vergalhao.","Material",null,"kg","6.00",9.44,56.64]
["Insumo",370,"SINAPI","Areia media - posto jazida/fornecedor (retirado na jazida, sem transporte).","Material",null,"m³","0.32",150,48]
["Insumo",1379,"SINAPI","Cimento portland composto cp ii-32.","Material",null,"kg","127.00",1.05,133.35]
["Insumo",4718,"SINAPI","Pedra britada n. 2 (19 a 38 mm) posto pedreira/fornecedor, sem frete.","Material",null,"m³","0.08",320,25.6]
["Insumo",4721,"SINAPI","Pedra britada n. 1 (9,5 a 19 mm) posto pedreira/fornecedor, sem frete.","Material",null,"m³","0.23",318.32,73.209999999999994]
["Insumo",3767,"SINAPI","Lixa em folha para parede ou madeira, numero 120, cor vermelha.","Material",null,"un","0.12",0.85,0.1]
["Insumo",7356,"SINAPI","Tinta latex acrilica premium, cor branco fosco.","Material",null,"l","0.18",33.89,6.1]
["Insumo",43681,"SINAPI","Chapa/painel de madeira compensada resinada (madeirite resinado rosa) para forma de concreto, de 2200 x 1100 mm, e = 8 a 12 mm.","Material",null,"m²","7.30",39.25,286.52999999999997]
[{"$nulls":4},"MO sem LS =>",149.21,"ls =>","172.81","MO com LS =>",322.02]
[{"$nulls":4},"Valor do BDI =>",460.77879000000001,null,"Valor com BDI =>",null,2210.13]
[{"$nulls":6},"quant. =>","1.00","Preço Total =>",2210.13]
[]
[7,null,null,"Chafariz.",{"$nulls":5},1382.16]
["7.1","Código","Banco","Descrição.","Tipo",null,"und","Quant.","Valor Unit","Total"]
["Composição","COMPOSIÇÃO - 14","Próprio","Fornecimento de material e instalação do chafariz.","ASTU - ASSENTAMENTO DE TUBOS E PECAS",null,"un","1.00",1094,1094]
["Composição Auxiliar",88267,"SINAPI","Encanador ou bombeiro hidráulico com encargos complementares.","SEDI - SERVIÇOS DIVERSOS",null,"h","2.00",24.54,49.08]
["Composição Auxiliar",88248,"SINAPI","Auxiliar de encanador ou bombeiro hidráulico com encargos complementares.","SEDI - SERVIÇOS DIVERSOS",null,"h","2.00",20.399999999999999,40.799999999999997]
["Composição Auxiliar",93358,"SINAPI","Escavação manual de vala com profundidade menor ou igual a 1,30 m. af_02/2021.","MOVT - MOVIMENTO DE TERRA",null,"m³","0.09",75.12,7.14]
["Composição Auxiliar",92270,"SINAPI","Fabricação de fôrma para vigas, com madeira serrada, e = 25 mm. af_09/2020.","FUES - FUNDAÇÕES E ESTRUTURAS",null,"m²","0.63",126.72,79.58]
["Composição Auxiliar",94975,"SINAPI","Concreto fck = 15mpa, traço 1:3,4:3,5 (em massa seca de cimento/ areia média/ brita 1) - preparo manual. af_05/2021.","FUES - FUNDAÇÕES E ESTRUTURAS",null,"m³","0.16",720.03,113.04]
["Composição Auxiliar",2171,"ORSE","Piso cimentado liso traço 1:5, e = 3 cm, c/ junta plástica 3 x 27 mm.","Pisos : Cimentados, em Concreto Simples, tipo Tech-Stone e de Alta Resistência",null,"m²","0.79",52.58,41.28]
["Composição Auxiliar",87904,"SINAPI","Chapisco aplicado em alvenaria (com presença de vãos) e estruturas de concreto de fachada, com colher de pedreiro.  argamassa traço 1:3 com preparo manual. af_10/2022.","REVE - REVESTIMENTO E TRATAMENTO DE SUPERFÍCIES",null,"m²","0.31",8.39,2.63]
["Composição Auxiliar",87529,"SINAPI","Massa única, em argamassa traço 1:2:8, preparo mecânico, aplicada manualmente em paredes internas de ambientes com área entre 5m² e 10m², e = 17,5mm, com taliscas. af_03/2024.","REVE - REVESTIMENTO E TRATAMENTO DE SUPERFÍCIES",null,"m²","0.31",36.76,11.54]
["Composição Auxiliar",84651,"SINAPI","Pintura com tinta impermeavel mineral em po, duas demaos.","PINT - PINTURAS",null,"m²","0.31",12.86,4.04]
["Insumo",765,"SINAPI","Bucha de reducao de ferro galvanizado, com rosca bsp, de 1\" x 3/4\".","Material",null,"un","2.00",11.17,22.34]
["Insumo",9887,"SINAPI","Uniao de ferro galvanizado, com rosca bsp, com assento plano, de 2\".","Material",null,"un","2.00",113.7,227.4]
["Insumo",21013,"SINAPI","Tubo aco galvanizado com costura, classe leve, dn 50 mm ( 2\"),  e = 3,00 mm,  *4,40* kg/m (nbr 5580).","Material",null,"m","1.80",67.989999999999995,122.38]
["Insumo",6298,"SINAPI","Te de ferro galvanizado, de 2\".","Material",null,"un","1.00",74.06,74.06]
["Insumo",3471,"SINAPI","Cotovelo 90 graus de ferro galvanizado, com rosca bsp, de 2\".","Material",null,"un","1.00",55.7,55.7]
["Insumo",113,"SINAPI","Adaptador pvc soldavel curto com bolsa e rosca, 60 mm x 2\", para agua fria.","Material",null,"un","1.00",9.1999999999999993,9.1999999999999993]
["Insumo",818,"SINAPI","Bucha de reducao de pvc, soldavel, curta, com 60 x 50 mm, para agua fria predial.","Material",null,"un","1.00",5.61,5.61]
["Insumo",7604,"SINAPI","Torneira metalica cromada para tanque / jardim, sem bico , cano longo, de parede, padrao popular / uso geral, 1/2 \" ou 3/4 \" (ref 1126).","Material",null,"un","2.00",77.16,154.32]
["Insumo",119,"SINAPI","Adesivo plastico para pvc, bisnaga com 75 gr.","Material",null,"un","1.00",7.84,7.84]
["Insumo",3146,"SINAPI","Fita veda rosca em rolos de 18 mm x 10 m (l x c).","Material",null,"un","1.00",4,4]
["Insumo",771,"SINAPI","Bucha de reducao de ferro galvanizado, com rosca bsp, de 2\" x 1\".","Material",null,"un","2.00",31.01,62.02]
[{"$nulls":4},"MO sem LS =>",66.55,"ls =>","77.08","MO com LS =>",143.63]
[{"$nulls":4},"Valor do BDI =>",288.15960000000001,null,"Valor com BDI =>",null,1382.16]
[{"$nulls":6},"quant. =>","1.00","Preço Total =>",1382.16]
[]
[8,null,null,"Cavalete.",{"$nulls":5},1934.76]
["8.1","Código","Banco","Descrição.","Tipo",null,"und","Quant.","Valor Unit","Total"]
["Composição","COMPOSIÇÃO - 15","Próprio","Fornecimento de conexões e instalação do cavalete com hidrômetro e clorador de pastilhas.","INHI - INSTALAÇÕES HIDROS SANITÁRIAS",null,"un","1.00",1531.39,1531.39]
["Composição Auxiliar",88248,"SINAPI","Auxiliar de encanador ou bombeiro hidráulico com encargos complementares.","SEDI - SERVIÇOS DIVERSOS",null,"h","3.00",20.399999999999999,61.2]
["Insumo",791,"SINAPI","Bucha de reducao de ferro galvanizado, com rosca bsp, de 1 1/2\" x 1\".","Material",null,"un","1.00",23.11,23.11]
["Insumo",9862,"SINAPI","Tubo pvc, roscavel, 1 1/2\",  agua fria predial.","Material",null,"m","1.50",25.8,38.700000000000003]
["Insumo",11831,"SINAPI","Torneira plastica para tanque 1/2 \" ou 3/4 \" com bico para mangueira.","Material",null,"un","1.00",21.04,21.04]
["Insumo",2121,"SBC","Te de reducao ferro galvanizado 1.1/2\" x 1\".","Material",null,"un","1.00",57.49,57.49]
["Insumo",9569,"ORSE","Adaptador pvc bsxrm d= 35mm x 1 1/2\", linha irriga-lf, tigre ou similar un.","Material",null,"un","1.00",3.04,3.04]
["Insumo",3939,"SINAPI","Luva de ferro galvanizado, com rosca bsp, de 1 1/2\".","Material",null,"un","1.00",25.6,25.6]
["Insumo",1798,"SINAPI","Curva 90 graus de ferro galvanizado, com rosca bsp macho, de 2\".","Material",null,"un","1.00",142.72,142.72]
["Insumo",9887,"SINAPI","Uniao de ferro galvanizado, com rosca bsp, com assento plano, de 2\".","Material",null,"un","2.00",113.7,227.4]
["Insumo"," 00004181/SINAPI ","ORSE","Niple de ferro galvanizado, com rosca bsp, de 2\".","Material",null,"un","2.00",39.24,78.48]
["Insumo",6028,"SINAPI","Registro gaveta bruto em latao forjado, bitola 2 \" (ref 1509).","Material",null,"un","1.00",138,138]
["Insumo",12775,"SINAPI","Hidrometro multijato / medidor de agua, dn 1\", vazao maxima de 7 m3/h, para agua potavel fria, relojoaria plana, classe b, horizontal (sem conexoes).","Material",null,"un","1.00",350.65,350.65]
["Insumo",771,"SINAPI","Bucha de reducao de ferro galvanizado, com rosca bsp, de 2\" x 1\".","Material",null,"un","1.00",31.01,31.01]
["Insumo",6305,"SINAPI","Te de reducao de ferro galvanizado, com rosca bsp, de 2\" x 1\".","Material",null,"un","1.00",81.98,81.98]
["Insumo",12464,"ORSE","Clorador dosador de cloro de pastilhas automático.","Material",null,"un","1.00",250.97,250.97]
[{"$nulls":4},"MO sem LS =>",23.15,"ls =>","26.80","MO com LS =>",49.95]
[{"$nulls":4},"Valor do BDI =>",403.36812600000002,null,"Valor com BDI =>",null,1934.76]
[{"$nulls":6},"quant. =>","1.00","Preço Total =>",1934.76]
[]
[9,null,null,"Instalações hidráulicas poço e adutora.",{"$nulls":5},18919.919999999998]
["9.1","Código","Banco","Descrição.","Tipo",null,"und","Quant.","Valor Unit","Total"]
["Composição","COMPOSIÇÃO - 16","Próprio","Fornecimento e instalação da rede adutora poço-reservatório-bebedouro em pn80 e dn50mm.","SEDI - SERVIÇOS DIVERSOS",null,"m","1.00",25.26,25.26]
["Composição Auxiliar",88316,"SINAPI","Servente com encargos complementares.","SEDI - SERVIÇOS DIVERSOS",null,"h","0.05",18.989999999999998,0.95]
["Composição Auxiliar",93358,"SINAPI","Escavação manual de vala com profundidade menor ou igual a 1,30 m. af_02/2021.","MOVT - MOVIMENTO DE TERRA",null,"m³","0.05",75.12,3.76]
["Insumo",9875,"SINAPI","Tubo pvc, soldavel, de 50 mm, agua fria (nbr-5648).","Material",null,"m","1.00",12.71,12.71]
["Insumo",119,"SINAPI","Adesivo plastico para pvc, bisnaga com 75 gr.","Material",null,"un","1.00",7.84,7.84]
[{"$nulls":4},"MO sem LS =>",1.68,"ls =>","1.95","MO com LS =>",3.63]
[{"$nulls":4},"Valor do BDI =>",6.6534839999999997,null,"Valor com BDI =>",null,31.91]
[{"$nulls":6},"quant. =>","400.00","Preço Total =>",12764]
[]
["9.2","Código","Banco","Descrição.","Tipo",null,"und","Quant.","Valor Unit","Total"]
["Composição","COMPOSIÇÃO - 17","Próprio","Montagem hidráulica do equipamento de bombeamento.","INHI - INSTALAÇÕES HIDROS SANITÁRIAS",null,"un","1.00",134.82,134.82]
["Composição Auxiliar",88267,"SINAPI","Encanador ou bombeiro hidráulico com encargos complementares.","SEDI - SERVIÇOS DIVERSOS",null,"h","3.00",24.54,73.62]
["Composição Auxiliar",88248,"SINAPI","Auxiliar de encanador ou bombeiro hidráulico com encargos complementares.","SEDI - SERVIÇOS DIVERSOS",null,"h","3.00",20.399999999999999,61.2]
[{"$nulls":4},"MO sem LS =>",52.05,"ls =>","60.27","MO com LS =>",112.32]
[{"$nulls":4},"Valor do BDI =>",35.511588000000003,null,"Valor com BDI =>",null,170.33]
[{"$nulls":6},"quant. =>","1.00","Preço Total =>",170.33]
[]
["9.3","Código","Banco","Descrição.","Tipo",null,"und","Quant.","Valor Unit","Total"]
["Insumo",38200,"SINAPI","Corda de poliamida 12 mm tipo bombeiro, para trabalho em altura.","Material",null,"100m","1.00",800.3,800.3]
[{"$nulls":4},"MO sem LS =>",0,"ls =>","0.00","MO com LS =>",0]
[{"$nulls":4},"Valor do BDI =>",122.29,null,"Valor com BDI =>",null,922.59]
[{"$nulls":6},"quant. =>","0.93","Preço Total =>",858.01]
[]
["9.4","Código","Banco","Descrição.","Tipo",null,"und","Quant.","Valor Unit","Total"]
["Insumo",9860,"SINAPI","Tubo pvc, roscavel,  2\", para agua fria predial.","Material",null,"m","1.00",36.93,36.93]
[{"$nulls":4},"MO sem LS =>",0,"ls =>","0.00","MO com LS =>",0]
[{"$nulls":4},"Valor do BDI =>",9.73,null,"Valor com BDI =>",null,46.66]
[{"$nulls":6},"quant. =>","90.00","Preço Total =>",4199.3999999999996]
[]
["9.5","Código","Banco","Descrição.","Tipo",null,"und","Quant.","Valor Unit","Total"]
["Insumo",3912,"SINAPI","Luva de ferro galvanizado, com rosca bsp, de 2\".","Material",null,"un","1.00",39.21,39.21]
[{"$nulls":4},"MO sem LS =>",0,"ls =>","0.00","MO com LS =>",0]
[{"$nulls":4},"Valor do BDI =>",10.33,null,"Valor com BDI =>",null,49.54]
[{"$nulls":6},"quant. =>","16.00","Preço Total =>",792.64]
[]
["9.6","Código","Banco","Descrição.","Tipo",null,"und","Quant.","Valor Unit","Total"]
["Insumo",5128,"ORSE","Tampa de poço galvanizada em 6\" un.","Serviços",null,"un","1.00",107.28,107.28]
[{"$nulls":4},"MO sem LS =>",0,"ls =>","0.00","MO com LS =>",0]
[{"$nulls":4},"Valor do BDI =>",28.26,null,"Valor com BDI =>",null,135.54]
[{"$nulls":6},"quant. =>","1.00","Preço Total =>",135.54]
[]
[10,null,null,"Estrutura de fixação para módulos fotovoltáicos.",{"$nulls":5},5303.04]
["10.1","Código","Banco","Descrição.","Tipo",null,"und","Quant.","Valor Unit","Total"]
["Composição","COMPOSIÇÃO - 18","Próprio","Serviço de fixação de estruturas para os módulos fotovoltaicos e suportes de concreto, incluso materiais.","SEDI - SERVIÇOS DIVERSOS",null,"m²","1.00",262.33999999999997,262.33999999999997]
["Composição Auxiliar",94975,"SINAPI","Concreto fck = 15mpa, traço 1:3,4:3,5 (em massa seca de cimento/ areia média/ brita 1) - preparo manual. af_05/2021.","FUES - FUNDAÇÕES E ESTRUTURAS",null,"m³","0.09",720.03,68.040000000000006]
["Composição Auxiliar",93358,"SINAPI","Escavação manual de vala com profundidade menor ou igual a 1,30 m. af_02/2021.","MOVT - MOVIMENTO DE TERRA",null,"m³","0.06",75.12,4.7]
["Composição Auxiliar",96534,"SINAPI","Fabricação, montagem e desmontagem de fôrma para bloco de coroamento, em madeira serrada, e=25 mm, 4 utilizações. af_06/2017.","FUES - FUNDAÇÕES E ESTRUTURAS",null,"m²","0.03",78.16,2.5]
["Composição Auxiliar",88316,"SINAPI","Servente com encargos complementares.","SEDI - SERVIÇOS DIVERSOS",null,"h","2.64",18.989999999999998,50.08]
["Composição Auxiliar",88278,"SINAPI","Montador de estrutura metálica com encargos complementares.","SEDI - SERVIÇOS DIVERSOS",null,"h","2.64",22.42,59.12]
["Insumo",15690,"SBC","Estrutura metalica tesoura c/coluna 20/35m(24,72kg/m2).","Material",null,"m²","1.00",77.900000000000006,77.900000000000006]
[{"$nulls":4},"MO sem LS =>",47.59,"ls =>","55.12","MO com LS =>",102.71]
[{"$nulls":4},"Valor do BDI =>",69.100356000000005,null,"Valor com BDI =>",null,331.44]
[{"$nulls":6},"quant. =>","16.00","Preço Total =>",5303.04]
[]
[11,null,null,"Instalações elétricas.",{"$nulls":5},21000.19]
["11.1","Código","Banco","Descrição.","Tipo",null,"und","Quant.","Valor Unit","Total"]
["Composição","COMPOSIÇÃO - 19","Próprio","Montagem e instalação elétrica do kit de bombeamento e sistema fotovoltaico inclusive sistema de aterramento.","INEL - INSTALAÇÃO ELÉTRICA/ELETRIFICAÇÃO E ILUMINAÇÃO EXTERNA",null,"un","1.00",1163.97,1163.97]
["Composição Auxiliar",88247,"SINAPI","Auxiliar de eletricista com encargos complementares.","SEDI - SERVIÇOS DIVERSOS",null,"h","8.00",21.44,171.52]
["Insumo",20111,"SINAPI","Fita isolante adesiva antichama, uso ate 750 v, em rolo de 19 mm x 20 m.","Material",null,"un","1.00",28.17,28.17]
["Insumo",2674,"SINAPI","Fornecimento de  eletroduto de pvc rigido roscavel de 3/4 \", sem luva.","Material",null,"m","15.00",5.71,85.65]
["Insumo",12034,"SINAPI","Fornecimento de  curva 180 graus, de pvc rigido roscavel, de 3/4\", para eletroduto.","Material",null,"un","1.00",5.21,5.21]
["Insumo",39272,"SINAPI","Fornecimento de  curva 90 graus, curta, de pvc rigido roscavel, de 3/4\", para eletroduto.","Material",null,"un","2.00",2.85,5.7]
["Insumo",3379,"SINAPI","Haste de aterramento em aco com 3,00 m de comprimento e dn = 5/8\", revestida com baixa camada de cobre, sem conector.","Material",null,"un","0.66",70.84,46.75]
["Insumo",1891,"SINAPI","Fornecimento de  luva em pvc rigido roscavel, de 3/4\", para eletroduto.","Material",null,"un","9.00",1.32,11.88]
["Insumo",425,"SINAPI","Grampo metalico tipo olhal para haste de aterramento de 5/8'', condutor de *10* a 50 mm2.","Material",null,"un","2.00",6.72,13.44]
["Insumo",34643,"SINAPI","Fornecimento de  caixa de inspecao para aterramento e para raios, em polipropileno,  diametro = 300 mm x altura = 400 mm.","Material",null,"un","2.00",46.66,93.32]
["Insumo",867,"SINAPI","Cabo de cobre nu 50 mm2 meio-duro.","Material",null,"m","7.50",63.95,479.63]
["Insumo",54581,"SIURB INFRA","Dps - dispositivo de proteção contra surtos – 45ka – 500 volts - corrente contínua - classe ii - p/ sistema fotovoltáico.","Material",null,"un","1.00",222.7,222.7]
[{"$nulls":4},"MO sem LS =>",63.06,"ls =>","73.02","MO com LS =>",136.08000000000001]
[{"$nulls":4},"Valor do BDI =>",306.589698,null,"Valor com BDI =>",null,1470.56]
[{"$nulls":6},"quant. =>","1.00","Preço Total =>",1470.56]
[]
["11.2","Código","Banco","Descrição.","Tipo",null,"und","Quant.","Valor Unit","Total"]
["Insumo",34622,"SINAPI","Fornecimento de  cabo flexivel pvc 750 v, 3 condutores de 6,0 mm2.","Material",null,"m","1.00",25.14,25.14]
[{"$nulls":4},"MO sem LS =>",0,"ls =>","0.00","MO com LS =>",0]
[{"$nulls":4},"Valor do BDI =>",3.84,null,"Valor com BDI =>",null,28.98]
[{"$nulls":6},"quant. =>","105.00","Preço Total =>",3042.9]
[]
["11.3","Código","Banco","Descrição.","Tipo",null,"und","Quant.","Valor Unit","Total"]
["Composição","COMPOSIÇÃO - 20","Próprio","Fornecimento e instalação de automático de bóia superior e inferior.","ASTU - ASSENTAMENTO DE TUBOS E PECAS",null,"un","1.00",61.54,61.54]
["Composição Auxiliar",88264,"SINAPI","Eletricista com encargos complementares.","SEDI - SERVIÇOS DIVERSOS",null,"h","0.20",27.9,5.58]
["Composição Auxiliar",88247,"SINAPI","Auxiliar de eletricista com encargos complementares.","SEDI - SERVIÇOS DIVERSOS",null,"h","0.20",21.44,4.29]
["Insumo",7588,"SINAPI","Automatico de boia superior / inferior, *15* a / 250 v.","Material",null,"un","1.00",50,50]
["Insumo",21127,"SINAPI","Fita isolante adesiva antichama, uso ate 750 v, em rolo de 19 mm x 5 m.","Material",null,"un","0.10",10.65,1.07]
["Insumo",3146,"SINAPI","Fita veda rosca em rolos de 18 mm x 10 m (l x c).","Material",null,"un","0.15",4,0.6]
[{"$nulls":4},"MO sem LS =>",3.75,"ls =>","4.34","MO com LS =>",8.09]
[{"$nulls":4},"Valor do BDI =>",16.209636,null,"Valor com BDI =>",null,77.75]
[{"$nulls":6},"quant. =>","1.00","Preço Total =>",77.75]
[]
["11.4","Código","Banco","Descrição.","Tipo",null,"und","Quant.","Valor Unit","Total"]
["Insumo",39257,"SINAPI","Cabo multipolar de cobre, flexivel, classe 4 ou 5, isolacao em hepr, cobertura em pvc-st2, antichama bwf-b, 0,6/1 kv, 3 condutores de 1,5 mm2.","Material",null,"m","1.00",6.83,6.83]
[{"$nulls":4},"MO sem LS =>",0,"ls =>","0.00","MO com LS =>",0]
[{"$nulls":4},"Valor do BDI =>",1.8,null,"Valor com BDI =>",null,8.6300000000000008]
[{"$nulls":6},"quant. =>","200.00","Preço Total =>",1726]
[]
["11.5","Código","Banco","Descrição.","Tipo",null,"und","Quant.","Valor Unit","Total"]
["Insumo","COTAÇÃO-002","Próprio","Fornecimento de kit de bombeamento fotovoltaico, incluindo uma bomba cc de 2200w com controladora de carga externa,  caixa de proteção metálica, módulos fotovoltaicos compatíveis com a geração de 3300wp além de componentes elétricos necessários para interligação dos painéis, como cabos, conectores mc4 e presilhas de fixação.","Serviços",null,"un","1.00",11621.8,11621.8]
[{"$nulls":4},"MO sem LS =>",0,"ls =>","0.00","MO com LS =>",0]
[{"$nulls":4},"Valor do BDI =>",3061.18,null,"Valor com BDI =>",null,14682.98]
[{"$nulls":6},"quant. =>","1.00","Preço Total =>",14682.98]
[]
[12,null,null,"Urbanização.",{"$nulls":5},4225.1499999999996]
["12.1","Código","Banco","Descrição.","Tipo",null,"und","Quant.","Valor Unit","Total"]
["Composição","COMPOSIÇÃO - 21","Próprio","Cerca com mourões de concreto de 15x15cm, espaçados de 3m e cravados a 0,5m, escoras de 10x10cm nos cantos, e 9 fios de arame de aço ovalado 15x17.","SEDI - SERVIÇOS DIVERSOS",null,"m","1.00",87.97,87.97]
["Composição Auxiliar",88309,"SINAPI","Pedreiro com encargos complementares.","SEDI - SERVIÇOS DIVERSOS",null,"h","0.34",25.31,8.48]
["Composição Auxiliar",88316,"SINAPI","Servente com encargos complementares.","SEDI - SERVIÇOS DIVERSOS",null,"h","0.67",18.989999999999998,12.74]
["Composição Auxiliar",94975,"SINAPI","Concreto fck = 15mpa, traço 1:3,4:3,5 (em massa seca de cimento/ areia média/ brita 1) - preparo manual. af_05/2021.","FUES - FUNDAÇÕES E ESTRUTURAS",null,"m³","0.03",720.03,20.74]
["Insumo",43130,"SINAPI","Arame galvanizado 12 bwg, d = 2,76 mm (0,048 kg/m) ou 14 bwg, d = 2,11 mm (0,026 kg/m).","Material",null,"kg","0.10",26,2.5499999999999998]
["Insumo",346,"SINAPI","Arame de aco ovalado 15 x 17 ( 45,7 kg, 700 kgf), rolo 1000 m.","Material",null,"kg","0.41",30.8,12.47]
["Insumo",4111,"SINAPI","Escora pre-moldada em concreto, *10 x 10* cm, h = 2,30m.","Material",null,"un","0.16",69.77,11.16]
["Insumo"," I1533 ","SEINFRA","Mourão concreto base 15x15cm h=2.3 c/ 12 furos.","Material",null,"un","0.42",47.22,19.829999999999998]
[{"$nulls":4},"MO sem LS =>",9.01,"ls =>","10.44","MO com LS =>",19.45]
[{"$nulls":4},"Valor do BDI =>",23.171298,null,"Valor com BDI =>",null,111.14]
[{"$nulls":6},"quant. =>","28.00","Preço Total =>",3111.92]
[]
["12.2","Código","Banco","Descrição.","Tipo",null,"und","Quant.","Valor Unit","Total"]
["Composição","COMPOSIÇÃO - 22","Próprio","Serviço de instalação de portão de ferro com suporte e batedor conforme projeto, incluso material.","SEDI - SERVIÇOS DIVERSOS",null,"m²","1.00",587.41999999999996,587.41999999999996]
["Composição Auxiliar",88309,"SINAPI","Pedreiro com encargos complementares.","SEDI - SERVIÇOS DIVERSOS",null,"h","1.50",25.31,37.97]
["Composição Auxiliar",88316,"SINAPI","Servente com encargos complementares.","SEDI - SERVIÇOS DIVERSOS",null,"h","1.50",18.989999999999998,28.49]
["Insumo",367,"SINAPI","Areia grossa - posto jazida/fornecedor (retirado na jazida, sem transporte).","Material",null,"m³","0.06",151.96,9.27]
["Insumo",1379,"SINAPI","Cimento portland composto cp ii-32.","Material",null,"kg","4.83",1.05,5.07]
["Insumo",4948,"SINAPI","Portao de abrir / giro, em gradil de metalon redondo de 3/4\"  vertical, com requadro, acabamento natural - completo.","Material",null,"m²","1.00",506.62,506.62]
[{"$nulls":4},"MO sem LS =>",24.7,"ls =>","28.62","MO com LS =>",53.32]
[{"$nulls":4},"Valor do BDI =>",154.726428,null,"Valor com BDI =>",null,742.15]
[{"$nulls":6},"quant. =>","1.50","Preço Total =>",1113.23]
[]
[13,null,null,"Outros serviços e insumos excepcionais.",{"$nulls":5},14300.1]
["13.1","Código","Banco","Descrição.","Tipo",null,"und","Quant.","Valor Unit","Total"]
["Composição","COMPOSIÇÃO - 23","Próprio","Execução de tamponamento conforme especificação.","SEDI - SERVIÇOS DIVERSOS",null,"m³","1.00",942.15,942.15]
["Composição Auxiliar",87316,"SINAPI","Argamassa traço 1:4 (em volume de cimento e areia grossa úmida) para chapisco convencional, preparo mecânico com betoneira 400 l. af_08/2019.","SEDI - SERVIÇOS DIVERSOS",null,"m³","1.00",604.84,604.84]
["Composição Auxiliar",88316,"SINAPI","Servente com encargos complementares.","SEDI - SERVIÇOS DIVERSOS",null,"h","1.00",18.989999999999998,18.989999999999998]
["Insumo",4721,"SINAPI","Pedra britada n. 1 (9,5 a 19 mm) posto pedreira/fornecedor, sem frete.","Material",null,"m³","1.00",318.32,318.32]
[{"$nulls":4},"MO sem LS =>",39.44,"ls =>","45.67","MO com LS =>",85.11]
[{"$nulls":4},"Valor do BDI =>",248.16230999999999,null,"Valor com BDI =>",null,1190.31]
[{"$nulls":6},"quant. =>","0.08","Preço Total =>",95.22]
[]
["13.2","Código","Banco","Descrição.","Tipo",null,"und","Quant.","Valor Unit","Total"]
["Insumo",13747,"ORSE","Revestimento tubo liso aço sch-40 em 12\".","Serviços",null,"m","1.00",921.04,921.04]
[{"$nulls":4},"MO sem LS =>",0,"ls =>","0.00","MO com LS =>",0]
[{"$nulls":4},"Valor do BDI =>",242.6,null,"Valor com BDI =>",null,1163.6400000000001]
[{"$nulls":6},"quant. =>","6.00","Preço Total =>",6981.84]
[]
["13.3","Código","Banco","Descrição.","Tipo",null,"und","Quant.","Valor Unit","Total"]
["Insumo"," M3929 ","SICRO3","Tubo em aço-carbono - e = 3,00 mm e d = 150 mm (6\").","Material",null,"m","1.00",171.2287,171.2287]
[{"$nulls":4},"MO sem LS =>",0,"ls =>","0.00","MO com LS =>",0]
[{"$nulls":4},"Valor do BDI =>",45.1,null,"Valor com BDI =>",null,216.33]
[{"$nulls":6},"quant. =>","6.00","Preço Total =>",1297.98]
[]
["13.4","Código","Banco","Descrição.","Tipo",null,"und","Quant.","Valor Unit","Total"]
["Insumo"," M039706073 ","EMBASA","Filtro nold em aço galvanizado dn 6\".","Material",null,"m","1.00",763.9,763.9]
[{"$nulls":4},"MO sem LS =>",0,"ls =>","0.00","MO com LS =>",0]
[{"$nulls":4},"Valor do BDI =>",201.21,null,"Valor com BDI =>",null,965.11]
[{"$nulls":6},"quant. =>","6.00","Preço Total =>",5790.66]
[]
["13.5","Código","Banco","Descrição.","Tipo",null,"und","Quant.","Valor Unit","Total"]
["Composição","COMPOSIÇÃO - 24","Próprio","Limpeza manual , remoção de cerca, capina e instalação dos equipamentos (área do poço, painéis solares, bebedouro e reservatório).","SEDI - SERVIÇOS DIVERSOS",null,"m²","1.00",1.52,1.52]
["Composição Auxiliar",88316,"SINAPI","Servente com encargos complementares.","SEDI - SERVIÇOS DIVERSOS",null,"h","0.08",18.989999999999998,1.52]
[{"$nulls":4},"MO sem LS =>",0.54,"ls =>","0.63","MO com LS =>",1.17]
[{"$nulls":4},"Valor do BDI =>",0.400368,null,"Valor com BDI =>",null,1.92]
[{"$nulls":6},"quant. =>","70.00","Preço Total =>",134.4]

{"sheet":"Crono. - AP - T","index":7,"n_rows":27,"n_cols":15,"rows_kept":27,"cut":false,"hidden":false,"merged":[[0,0,6,14],[7,0,8,14],[23,0,23,1],[23,2,26,2],[24,0,24,1],[25,0,25,1],[26,0,26,1]]}
["OBJETO: EXECUÇÃO DE SERVIÇOS DE PERFURAÇÃO E INSTALAÇÃO DE POÇOS TUBULARES EM MUNICÍPIOS LOCALIZADOS NO ESTADO DO AMAPÁ, NA ÁREA DE ATUAÇÃO DA CODEVASF"]
[]
[]
[]
[]
[]
[]
["CRONOGRAMA FÍSICO-FINANCEIRO POÇO TOTALMENTE REVESTIDO"]
[]
["ITEM","ESPECIFICAÇÃO DOS SERVIÇOS","VALOR TOTAL (R$)","Mês 01","Mês 02","Mês 03","Mês 04","Mês 05","Mês 06","Mês 07","Mês 08","Mês 09","Mês 10","Mês 11","Mês 12"]
["1","Serviços preliminares.",197251.49,16437.624166666665,16437.624166666665,16437.624166666665,16437.624166666665,16437.624166666665,16437.624166666665,16437.624166666665,16437.624166666665,16437.624166666665,16437.624166666665,16437.624166666665,16437.624166666665]
["2","Mobilizaçâo e desmobilizaçâo equipe campo.",261856.56,21821.38,21821.38,21821.38,21821.38,21821.38,21821.38,21821.38,21821.38,21821.38,21821.38,21821.38,21821.38]
["3","Perfuração e completação de poço tubular.",6385677.5999999996,532139.79999999993,532139.79999999993,532139.79999999993,532139.79999999993,532139.79999999993,532139.79999999993,532139.79999999993,532139.79999999993,532139.79999999993,532139.79999999993,532139.79999999993,532139.79999999993]
["4","Pós perfuração.",733494.6,61124.549999999996,61124.549999999996,61124.549999999996,61124.549999999996,61124.549999999996,61124.549999999996,61124.549999999996,61124.549999999996,61124.549999999996,61124.549999999996,61124.549999999996,61124.549999999996]
["5","Reservação.",1717118.4,143093.19999999998,143093.19999999998,143093.19999999998,143093.19999999998,143093.19999999998,143093.19999999998,143093.19999999998,143093.19999999998,143093.19999999998,143093.19999999998,143093.19999999998,143093.19999999998]
["6","Bebedouro.",132607.79999999999,11050.65,11050.65,11050.65,11050.65,11050.65,11050.65,11050.65,11050.65,11050.65,11050.65,11050.65,11050.65]
["7","Chafariz.",82929.600000000006,6910.8,6910.8,6910.8,6910.8,6910.8,6910.8,6910.8,6910.8,6910.8,6910.8,6910.8,6910.8]
["8","Cavalete.",116085.6,9673.8000000000011,9673.8000000000011,9673.8000000000011,9673.8000000000011,9673.8000000000011,9673.8000000000011,9673.8000000000011,9673.8000000000011,9673.8000000000011,9673.8000000000011,9673.8000000000011,9673.8000000000011]
["9","Instalações hidráulicas poço e adutora.",1108230.52,92352.543333333335,92352.543333333335,92352.543333333335,92352.543333333335,92352.543333333335,92352.543333333335,92352.543333333335,92352.543333333335,92352.543333333335,92352.543333333335,92352.543333333335,92352.543333333335]
["10","Estrutura de fixação para módulos fotovoltáicos.",301875.55,25156.295833333334,25156.295833333334,25156.295833333334,25156.295833333334,25156.295833333334,25156.295833333334,25156.295833333334,25156.295833333334,25156.295833333334,25156.295833333334,25156.295833333334,25156.295833333334]
["11","Instalações elétricas.",1250891.3999999999,104240.95,104240.95,104240.95,104240.95,104240.95,104240.95,104240.95,104240.95,104240.95,104240.95,104240.95,104240.95]
["12","Urbanização.",253508.7,21125.725000000002,21125.725000000002,21125.725000000002,21125.725000000002,21125.725000000002,21125.725000000002,21125.725000000002,21125.725000000002,21125.725000000002,21125.725000000002,21125.725000000002,21125.725000000002]
["13","Outros serviços e insumos excepcionais.",413386.21,34448.850833333338,34448.850833333338,34448.850833333338,34448.850833333338,34448.850833333338,34448.850833333338,34448.850833333338,34448.850833333338,34448.850833333338,34448.850833333338,34448.850833333338,34448.850833333338]
["TOTAL",null,12954914.029999999,1079576.1691666667,1079576.1691666667,1079576.1691666667,1079576.1691666667,1079576.1691666667,1079576.1691666667,1079576.1691666667,1079576.1691666667,1079576.1691666667,1079576.1691666667,1079576.1691666667,1079576.1691666667]
["PERCENTUAL",null,null,8.3333333333333343E-2,8.3333333333333343E-2,8.3333333333333343E-2,8.3333333333333343E-2,8.3333333333333343E-2,8.3333333333333343E-2,8.3333333333333343E-2,8.3333333333333343E-2,8.3333333333333343E-2,8.3333333333333343E-2,8.3333333333333343E-2,8.3333333333333343E-2]
["CUSTO ACUMULADO",null,null,1079576.1691666667,2159152.3383333334,3238728.5075000003,4318304.6766666668,5397880.8458333332,6477457.0149999997,7557033.1841666661,8636609.3533333335,9716185.5225000009,10795761.691666668,11875337.860833336,12954914.030000003]
["PERCENTUAL ACUMULADO",null,null,8.3333333333333343E-2,0.16666666666666669,0.25,0.33333333333333337,0.41666666666666674,0.50000000000000011,0.58333333333333348,0.66666666666666685,0.75000000000000022,0.83333333333333359,0.91666666666666696,1.0000000000000002]

{"sheet":"CAPA PA","index":8,"n_rows":7,"n_cols":2,"rows_kept":7,"cut":false,"hidden":false,"merged":[[6,1,16,11]]}
[]
[]
[]
[]
[]
[]
[null,"EXECUÇÃO DE SERVIÇOS DE PERFURAÇÃO E INSTALAÇÃO DE POÇOS TUBULARES NO PARÁ"]

{"sheet":"Planilha Resumo PA","index":9,"n_rows":15,"n_cols":7,"rows_kept":15,"cut":false,"hidden":false,"merged":[[12,1,12,2],[14,1,14,2],[1,1,1,6],[2,1,2,6],[3,1,3,6],[4,1,4,6],[8,1,8,2],[8,4,8,5],[12,4,12,6],[14,4,14,6]]}
[]
[null,"OBJETO: EXECUÇÃO DE SERVIÇOS DE PERFURAÇÃO E INSTALAÇÃO DE POÇOS TUBULARES EM MUNICÍPIOS LOCALIZADOS NO ESTADO DO PARÁ, NA ÁREA DE ATUAÇÃO DA CODEVASF"]
[null,"PLANILHA ORÇAMENTÁRIA ESTIMATIVA GERAL"]
[null,"DATABASE DO ORÇAMENTO: SETEMBRO/2024 - NÃO DESONERADO"]
[null,"PLANILHA RESUMIDA - GRUPO 2 - PARÁ"]
[null,"ITEM","DISCRIMINAÇÃO","UND","Quantidade de Poços","PREÇO \nUNITÁRIO","TOTAL"]
[null,3,"Perfuração e instalação de poço tubular parcialmente revestido, instalado com sistema fotovoltaico, bomba submersa, reservatório e bebedouro para animais.","un",26,147229.28,3827961.31]
[null,4,"Perfuração e instalação de poços poço tubular totalmente revestido, instalado com sistema fotovoltaico, bomba submersa, reservatório e bebedouro para animais.","un",54,216128.01,11670912.68]
[null,"TOTAL GERAL ESTIMADO GRUPO",null,"un",80,null,15498873.99]
[]
[]
[]
[null,"Base de Preços Consultados",null,null,"SINAPI - 08/2024 - Pará\n SBC - 10/2024 - Pará\n SICRO3 - 04/2024 - Pará\n ORSE - 06/2024 - Sergipe\n SEINFRA - 028 - Ceará\n CPOS/CDHU - 09/2024 - São Paulo\n FDE - 07/2024 - São Paulo\n EMBASA - 05/2024 - Bahia"]
[]
[null,"Encargos Sociais",null,null,"Não Desonerado: \n Horista: 111,58%\n Mensalista: 66,34%"]

{"sheet":"Orçamento Sintético - PA - P","index":10,"n_rows":58,"n_cols":12,"rows_kept":58,"cut":false,"hidden":false,"merged":[[0,2,1,5]]}
[null,null,"OBJETO: EXECUÇÃO DE SERVIÇOS DE PERFURAÇÃO E INSTALAÇÃO DE POÇOS TUBULARES EM MUNICÍPIOS LOCALIZADOS NO ESTADO DO PARÁ, NA ÁREA DE ATUAÇÃO DA CODEVASF",{"$nulls":4},"Quantidade de Poços","BDI SERVIÇO","BDI INSUMO","Total","Preço Unitário Por Poço"]
[{"$nulls":7},26,0.26340000000000002,0.15279999999999999,3827961.31,147229.28]
["Item","Código","Banco","TIPO","Descrição.","un.","Mem. calc.","Quanti.","Valor Unit","Valor Unit com BDI","Total","Peso (%)"]
["1",null,null,null,"Serviços preliminares.",{"$nulls":5},36847.199999999997,9.6258026181565547E-3]
["1.1","COMPOSIÇÃO - 1","Próprio","Serviço","Administração local da obra - poço parcialmente revestido.","un.",1,26,227.63,287.58999999999997,7477.34,1.9533478513658227E-3]
["1.2","COMPOSIÇÃO - 2","Próprio","Serviço","Serviço de locação geológica de campo com relatório hidro geológico e perfil construtivo e geológico esperado. relatório de viabilidade de implantação das estruturas e vistorias preliminares.","un.",1,26,589.5,744.77,19364.02,5.058572548634249E-3]
["1.3",103689,"SINAPI","Insumo","Fornecimento e instalação de placa de obra com chapa galvanizada e estrutura de madeira. .","m²",0.72,18.72,463.65,534.5,10005.84,2.6138822181564839E-3]
[2,null,null,null,"Mobilizaçâo e desmobilizaçâo equipes perfuraçâo e instalação.",{"$nulls":5},65520,1.7116160455655179E-2]
["2.1","COMPOSIÇÃO - 3","Próprio","Serviço","Transporte de comboio perfuração.","km",150,3900,4.71,5.95,23205,6.0619734947112095E-3]
["2.2","COMPOSIÇÃO - 4","Próprio","Serviço","Transporte de comboio instalação.","km",150,3900,5.97,7.54,29406,7.6818958235500036E-3]
["2.3","COMPOSIÇÃO - 5","Próprio","Serviço","Transporte de equipe teste de vazão.","km",150,3900,2.62,3.31,12909,3.3722911373939668E-3]
[3,null,null,null,"Perfuração e completação de poço tubular.",{"$nulls":5},767303.06,0.20044692144498191]
["3.1",5051,"ORSE","Insumo","Perfuraçao em rocha metassedimentar - metassedimento alterado / compacto dn 6\"  (poço 120m).","m",90,2340,156.31,180.19,421644.6,0.11014860544658953]
["3.2",5057,"ORSE","Insumo","Perfuração rocha sedimentar sedimento / camadas inconsolidadas dn 12.1/2\" - poço até 150m.","m",30,780,247.66,285.5,222690,5.8174569167732781E-2]
["3.3","COMPOSIÇÃO - 6","Próprio","Serviço","Serviço de lançamento cimentação anelar, incluso materiais.","m³",1.6,41.6,541.72,684.41,28471.46,7.4377606496759492E-3]
["3.4",9854,"SINAPI","Insumo","Tubo pvc de revestimento geomecanico nervurado standard, dn = 154 mm, comprimento = 2 m.","m",30,780,105.09,121.15,94497,2.4685986180983631E-2]
[4,null,null,null,"Pós perfuração.",{"$nulls":5},307491.86,8.0327839050180996E-2]
["4.1",6305,"ORSE","Insumo","Desenvolvimento com compressor 250psi / 750cfm.","h",2,52,411.16,473.99,24647.48,6.4388007098222207E-3]
["4.2","COMPOSIÇÃO - 7","Próprio","Serviço","Inspeção ótica em poço tubular câmera com rotação de 360º, visada lateral, com fonte própria de luz, entregue vídeo em cores e marcação de profundidades.","m",120,3120,9.42,11.9,37128,9.6991575915379349E-3]
["4.3","COMPOSIÇÃO - 8","Próprio","Serviço","Serviço de coleta e análise físico-química e bacteriológica.","un.",1,26,621.19000000000005,784.81,20405.060000000001,5.3305293203185482E-3]
["4.4"," 24.80.22 ","EMBASA","Serviço","Ensaio de bombeamento poço tubular incluso materiais e grupo gerador.","h",24,624,255.47,322.76,201402.23999999999,5.2613447130164435E-2]
["4.5","COMPOSIÇÃO - 9","Próprio","Serviço","Serviço de instalação de laje sanitária com dimensões (1,5x1,5x0,3) metros , incluso material.","un.",1,26,727.86,919.58,23909.08,6.2459042983378536E-3]
[5,null,null,null,"Reservação.",{"$nulls":5},762798.19,0.19927008875646132]
["5.1","COMPOSIÇÃO - 10","Próprio","Serviço","Fornecimento e instalação de reservatório e base elevada 10 m³.","un.",0.8,20.8,27433.51,34659.5,720917.6,0.18832938517866055]
["5.2","COMPOSIÇÃO - 11","Próprio","Serviço","Fornecimento e execução de reservatório apoiado de 5 m³.","un.",0.2,5.2,6374.83,8053.96,41880.589999999997,1.0940703577800789E-2]
[6,null,null,null,"Bebedouro.",{"$nulls":5},54878.720000000001,1.4336278649587501E-2]
["6.1","COMPOSIÇÃO - 12","Próprio","Serviço","Serviço de execução do bebedouro em concreto armado, incluso materiais.","un.",1,26,1670.67,2110.7199999999998,54878.720000000001,1.4336278649587501E-2]
[7,null,null,null,"Chafariz.",{"$nulls":5},31314.66,8.1805058787284349E-3]
["7.1","COMPOSIÇÃO - 13","Próprio","Serviço","Fornecimento de material e instalação do chafariz.","un.",1,26,953.31,1204.4100000000001,31314.66,8.1805058787284349E-3]
[8,null,null,null,"Cavalete.",{"$nulls":5},47950.5,1.2526380523945264E-2]
["8.1","COMPOSIÇÃO - 14","Próprio","Serviço","Fornecimento de conexões e instalação do cavalete com hidrômetro e clorador de pastilhas.","un.",1,26,1459.75,1844.25,47950.5,1.2526380523945264E-2]
[9,null,null,null,"Instalações hidráulicas.",{"$nulls":5},574324.06000000006,0.15003392497715712]
["9.1","COMPOSIÇÃO - 15","Próprio","Serviço","Fornecimento e instalação da rede adutora poço-reservatório-bebedouro em pn80 e dn50mm.","m",400,10400,30.43,38.450000000000003,399880,0.10446291579681613]
["9.2","COMPOSIÇÃO - 16","Próprio","Serviço","Montagem hidráulica do equipamento de bombeamento.","un.",1,26,144.47999999999999,182.54,4746.04,1.2398348926886097E-3]
["9.3",38200,"SINAPI","Insumo","Corda de poliamida 12 mm tipo bombeiro, para trabalho em altura.","100m",0.93,24.18,840.85,969.33,23438.400000000001,6.1229458977995789E-3]
["9.4",9860,"SINAPI","Insumo","Tubo pvc, roscavel,  2\", para agua fria predial.","m",90,2340,46.64,53.77,125821.8,3.2869140989306392E-2]
["9.5",3912,"SINAPI","Insumo","Luva de ferro galvanizado, com rosca bsp, de 2\".","un.",16,416,35.909999999999997,41.4,17222.400000000001,4.4991050340579333E-3]
["9.6",5128,"ORSE","Insumo","Tampa de poço galvanizada em 6\" un.","un.",1,26,107.28,123.67,3215.42,8.3998236648844286E-4]
[10,null,null,null,"Estrutura de fixação para módulos fotovoltáicos.",{"$nulls":5},88808.26,2.3199884431433816E-2]
["10.1","COMPOSIÇÃO - 17","Próprio","Serviço","Serviço de fixação de estruturas para os módulos fotovoltaicos e suportes de concreto, incluso materiais.","m²",10.119999999999999,263.12,267.14999999999998,337.52,88808.26,2.3199884431433816E-2]
[11,null,null,null,"Instalações elétricas e bóia elétrica.",{"$nulls":5},472473.04,0.12342680652642228]
["11.1","COMPOSIÇÃO - 18","Próprio","Serviço","Montagem e instalação elétrica do kit de bombeamento e sistema fotovoltaico inclusive sistema de aterramento.","un.",1,26,1142.77,1443.78,37538.28,9.8063373582007278E-3]
["11.2",34622,"SINAPI","Insumo","Fornecimento de  cabo flexivel pvc 750 v, 3 condutores de 6,0 mm2.","m",105,2730,23.63,27.24,74365.2,1.9426842117168629E-2]
["11.3","COMPOSIÇÃO - 19","Próprio","Serviço","Fornecimento e instalação de automático de bóia superior e inferior.","un.",1,26,60.95,77,2002,5.2299379170057492E-4]
["11.4",39257,"SINAPI","Insumo","Cabo multipolar de cobre, flexivel, classe 4 ou 5, isolacao em hepr, cobertura em pvc-st2, antichama bwf-b, 0,6/1 kv, 3 condutores de 1,5 mm2.","m",200,5200,6.42,7.4,38480,1.0052348204114946E-2]
["11.5","COTAÇÃO-001","Próprio","Serviço","Fornecimento de kit de bombeamento fotovoltaico, incluindo uma bomba cc de 1500w com controladora de carga externa, caixa de proteção metálica, módulos fotovoltaicos compatíveis com a geração de 2200wp além de componentes elétricos necessários para interligação dos painéis, como cabos, conectores mc4 e presilhas de fixação.","un.",1,26,9744.39,12311.06,320087.56,8.3618285055237399E-2]
[12,null,null,null,"Urbanização.",{"$nulls":5},107871.92,2.8179992237173369E-2]
["12.1","COMPOSIÇÃO - 20","Próprio","Serviço","Cerca com mourões de concreto de 15x15cm, espaçados de 3m e cravados a 0,5m, escoras de 10x10cm nos cantos, e 9 fios de arame de aço ovalado 15x17.","m",28,728,85.59,108.13,78718.64,2.0564115889666605E-2]
["12.2","COMPOSIÇÃO - 21","Próprio","Serviço","Serviço de instalação de portão de ferro com suporte e batedor conforme projeto, incluso material.","m²",1.5,39,591.66999999999996,747.52,29153.279999999999,7.6158763475067618E-3]
[13,null,null,null,"Outros serviços e insumos excepcionais.",{"$nulls":5},510379.84,0.13332941445011628]
["13.1","COMPOSIÇÃO - 22","Próprio","Serviço","Fornecimento e instalação do pré filtro para revestimento interno.","m³",1.212,31.51,1650.83,2085.66,65719.149999999994,1.7168185537382037E-2]
["13.2","COMPOSIÇÃO - 23","Próprio","Serviço","Execução de tamponamento conforme especificação.","m³",0.24,6.24,830.77,1049.5899999999999,6549.44,1.7109472822754313E-3]
["13.3","COMPOSIÇÃO - 24","Próprio","Serviço","Fornecimento e instalação do filtro para revestimento interno ø 4 1/2\".","m",0.6,15.6,101.02,127.63,1991.03,5.2012803650828957E-4]
["13.4","COMPOSIÇÃO - 25","Próprio","Serviço","Fornecimento e instalação do revestimento interno ø 4 1/2\".","m",34.799999999999997,904.8,92.25,116.55,105454.44,2.7548460253377014E-2]
["13.5"," M3929 ","SICRO3","Insumo","Tubo em aço-carbono - e = 3,00 mm e d = 150 mm (6\").","m",9,234,171.2287,197.39,46189.26,1.2066281829792058E-2]
["13.6",41699,"SINAPI","Insumo","Tubo de revestimento, em aco, corpo schedule 40, ponteira schedule 80, rosqueavel e segmentado para perfuracao, diametro 8.","m",6,156,1554.5,1792.03,279556.68,7.3030173860351794E-2]
["13.7"," M039706073 ","EMBASA","Insumo","Filtro nold em aço galvanizado dn 6\".","m",0.04,1.04,763.9,880.62,915.84,2.3925006702849879E-4]
["13.8","COMPOSIÇÃO - 26","Próprio","Serviço","Limpeza manual , remoção de cerca, capina e instalação dos equipamentos (área do poço, painéis solares, bebedouro e reservatório).","m²",70,1820,1.74,2.2000000000000002,4004,1.0459875834011498E-3]

{"sheet":"Orçamento Analítico - PA - P","index":11,"n_rows":446,"n_cols":10,"rows_kept":446,"cut":false,"hidden":false,"merged":[[410,4,410,5],[415,4,415,5],[416,4,416,5],[412,7,412,8],[418,7,418,8],[391,4,391,5],[394,7,394,8],[392,4,392,5],[397,4,397,5],[398,4,398,5],[399,4,399,5],[400,4,400,5],[401,4,401,5],[403,7,403,8],[379,4,379,5],[380,4,380,5],[381,4,381,5],[382,4,382,5],[383,4,383,5],[385,7,385,8],[388,4,388,5],[389,4,389,5],[390,4,390,5],[367,4,367,5],[368,4,368,5],[369,4,369,5],[370,4,370,5],[371,4,371,5],[372,4,372,5],[374,7,374,8],[377,5,377,6],[378,4,378,5],[441,0,441,2],[442,0,442,2],[443,0,443,2],[445,0,445,9],[421,4,421,5],[422,4,422,5],[427,4,427,5],[428,4,428,5],[433,4,433,5],[434,4,434,5],[435,4,435,5],[442,5,442,6],[442,7,442,9],[443,5,443,6],[443,7,443,9],[424,7,424,8],[430,7,430,8],[437,7,437,8],[441,5,441,6],[441,7,441,9],[335,4,335,5],[337,7,337,8],[340,4,340,5],[341,4,341,5],[343,7,343,8],[406,4,406,5],[407,4,407,5],[408,4,408,5],[409,4,409,5],[346,4,346,5],[347,4,347,5],[349,7,349,8],[352,5,352,6],[353,4,353,5],[354,4,354,5],[355,4,355,5],[356,4,356,5],[357,4,357,5],[358,4,358,5],[359,4,359,5],[360,4,360,5],[361,4,361,5],[363,7,363,8],[366,4,366,5],[323,4,323,5],[324,4,324,5],[326,7,326,8],[329,4,329,5],[330,4,330,5],[331,4,331,5],[332,4,332,5],[333,4,333,5],[334,4,334,5],[302,7,302,8],[305,5,305,6],[306,4,306,5],[307,4,307,5],[308,4,308,5],[309,4,309,5],[317,4,317,5],[318,4,318,5],[320,7,320,8],[310,4,310,5],[311,4,311,5],[312,4,312,5],[313,4,313,5],[314,4,314,5],[315,4,315,5],[316,4,316,5],[292,5,292,6],[293,4,293,5],[294,4,294,5],[295,4,295,5],[296,4,296,5],[297,4,297,5],[298,4,298,5],[299,4,299,5],[300,4,300,5],[274,4,274,5],[275,4,275,5],[277,7,277,8],[280,4,280,5],[281,4,281,5],[283,7,283,8],[286,4,286,5],[287,4,287,5],[289,7,289,8],[268,4,268,5],[269,4,269,5],[271,7,271,8],[257,7,257,8],[260,4,260,5],[261,4,261,5],[262,4,262,5],[265,7,265,8],[255,4,255,5],[236,4,236,5],[237,4,237,5],[238,4,238,5],[239,4,239,5],[240,4,240,5],[241,4,241,5],[242,4,242,5],[243,4,243,5],[263,4,263,5],[197,7,197,8],[200,5,200,6],[201,4,201,5],[202,4,202,5],[203,4,203,5],[204,4,204,5],[205,4,205,5],[206,4,206,5],[207,4,207,5],[208,4,208,5],[209,4,209,5],[210,4,210,5],[211,4,211,5],[212,4,212,5],[213,4,213,5],[214,4,214,5],[215,4,215,5],[216,4,216,5],[217,4,217,5],[244,4,244,5],[246,7,246,8],[249,5,249,6],[250,4,250,5],[251,4,251,5],[252,4,252,5],[253,4,253,5],[254,4,254,5],[218,4,218,5],[219,4,219,5],[220,4,220,5],[221,4,221,5],[222,4,222,5],[224,7,224,8],[227,5,227,6],[228,4,228,5],[229,4,229,5],[230,4,230,5],[231,4,231,5],[232,4,232,5],[233,4,233,5],[234,4,234,5],[235,4,235,5],[187,4,187,5],[188,4,188,5],[189,4,189,5],[190,4,190,5],[191,4,191,5],[192,4,192,5],[193,4,193,5],[194,4,194,5],[195,4,195,5],[178,4,178,5],[179,4,179,5],[180,4,180,5],[181,4,181,5],[182,4,182,5],[183,4,183,5],[184,4,184,5],[185,4,185,5],[186,4,186,5],[166,4,166,5],[167,4,167,5],[168,4,168,5],[169,4,169,5],[171,7,171,8],[174,5,174,6],[175,4,175,5],[176,4,176,5],[177,4,177,5],[157,4,157,5],[158,4,158,5],[159,4,159,5],[160,4,160,5],[161,4,161,5],[162,4,162,5],[163,4,163,5],[164,4,164,5],[165,4,165,5],[145,4,145,5],[146,4,146,5],[147,4,147,5],[148,4,148,5],[149,4,149,5],[150,4,150,5],[151,4,151,5],[152,4,152,5],[154,7,154,8],[136,4,136,5],[137,4,137,5],[138,4,138,5],[139,4,139,5],[140,4,140,5],[141,4,141,5],[142,4,142,5],[143,4,143,5],[144,4,144,5],[127,5,127,6],[128,4,128,5],[129,4,129,5],[130,4,130,5],[131,4,131,5],[132,4,132,5],[133,4,133,5],[134,4,134,5],[135,4,135,5],[112,4,112,5],[114,7,114,8],[117,4,117,5],[118,4,118,5],[119,4,119,5],[120,4,120,5],[121,4,121,5],[122,4,122,5],[124,7,124,8],[98,7,98,8],[101,4,101,5],[102,4,102,5],[103,4,103,5],[104,4,104,5],[106,7,106,8],[109,4,109,5],[110,4,110,5],[111,4,111,5],[85,5,85,6],[86,4,86,5],[87,4,87,5],[88,4,88,5],[90,7,90,8],[93,4,93,5],[94,4,94,5],[95,4,95,5],[96,4,96,5],[76,7,76,8],[82,7,82,8],[52,4,52,5],[53,4,53,5],[54,4,54,5],[56,7,56,8],[59,5,59,6],[60,4,60,5],[63,7,63,8],[61,4,61,5],[66,4,66,5],[67,4,67,5],[72,4,72,5],[73,4,73,5],[74,4,74,5],[79,4,79,5],[80,4,80,5],[40,7,40,8],[38,4,38,5],[43,4,43,5],[44,4,44,5],[45,4,45,5],[46,4,46,5],[48,7,48,8],[51,4,51,5],[69,7,69,8],[26,4,26,5],[27,4,27,5],[28,4,28,5],[29,4,29,5],[31,7,31,8],[34,5,34,6],[35,4,35,5],[36,4,36,5],[37,4,37,5],[14,4,14,5],[15,4,15,5],[16,4,16,5],[18,7,18,8],[21,4,21,5],[22,4,22,5],[23,4,23,5],[24,4,24,5],[25,4,25,5],[0,2,2,6],[3,0,3,9],[4,4,4,5],[5,4,5,5],[6,4,6,5],[7,4,7,5],[9,7,9,8],[12,4,12,5],[13,4,13,5]]}
[null,null,"OBJETO: EXECUÇÃO DE SERVIÇOS DE PERFURAÇÃO E INSTALAÇÃO DE POÇOS TUBULARES EM MUNICÍPIOS LOCALIZADOS NO ESTADO DO PARÁ, NA ÁREA DE ATUAÇÃO DA CODEVASF"]
[]
[]
["PLANILHA ANALÍTICA - POÇO PARCIALMENTE REVESTIDO - PARÁ"]
["1.1","Código","Banco","Descrição.","Tipo",null,"Und","Quant.","Valor Unit","Total"]
["Composição","COMPOSIÇÃO - 1","Próprio","Administração local da obra - poço parcialmente revestido.","CANT - CANTEIRO DE OBRAS",null,"un","1.00",227.63,227.63]
["Composição Auxiliar",12710,"SBC","Despesas gerais de manutencao canteiro de obras.","INSTALACOES PROVISORIAS",null,"mes","0.03",1805.82,54.17]
["Composição Auxiliar",100321,"SINAPI","Técnico em segurança do trabalho com encargos complementares.","                                                                                                                                                         ",null,"mes","0.03",5781.98,173.46]
[{"$nulls":4},"MO sem LS =>",74.56,"ls =>","86.35","MO com LS =>",160.91]
[{"$nulls":4},"Valor do BDI =>",59.957742000000003,null,"Valor com BDI =>",null,287.58999999999997]
[{"$nulls":6},"quant. =>","1.00","Preço Total =>",287.58999999999997]
[]
["1.2","Código","Banco","Descrição.","Tipo",null,"und","Quant.","Valor Unit","Total"]
["Composição","COMPOSIÇÃO - 2","Próprio","Serviço de locação geológica de campo com relatório hidro geológico e perfil construtivo e geológico esperado. relatório de viabilidade de implantação das estruturas e vistorias preliminares.","SERT - SERVIÇOS TÉCNICOS",null,"un","1.00",589.5,589.5]
["Composição Auxiliar","1945-01-30","EMBASA","Geologo senior.",3001,null,"hora","5.00",97.41,487.05]
["Insumo",5896,"ORSE","Veículo tipo sedan ou pick-up capacidade 0,6 ton h.","Equipamento",null,"h","5.00",8.33,41.65]
["Insumo",4222,"SINAPI","Gasolina comum.","Material",null,"l","10.00",6.08,60.8]
[{"$nulls":4},"MO sem LS =>",225.68,"ls =>","261.37","MO com LS =>",487.05]
[{"$nulls":4},"Valor do BDI =>",155.27430000000001,null,"Valor com BDI =>",null,744.77]
[{"$nulls":6},"quant. =>","1.00","Preço Total =>",744.77]
[]
["1.3","Código","Banco","Descrição.","Tipo",null,"und","Quant.","Valor Unit","Total"]
["Composição",103689,"SINAPI","Fornecimento e instalação de placa de obra com chapa galvanizada e estrutura de madeira. af_03/2022_ps.","PAVI - PAVIMENTAÇÃO",null,"m²","1.00",463.65,463.65]
["Composição Auxiliar",102234,"SINAPI","Pintura imunizante para madeira, 2 demãos. af_01/2021.","PINT - PINTURAS",null,"m²","0.50",23.67,11.84]
["Composição Auxiliar",88262,"SINAPI","Carpinteiro de formas com encargos complementares.","SEDI - SERVIÇOS DIVERSOS",null,"h","0.37",26.91,10.029999999999999]
["Composição Auxiliar",88316,"SINAPI","Servente com encargos complementares.","SEDI - SERVIÇOS DIVERSOS",null,"h","2024-12-01",21.78,24.36]
["Insumo",4509,"SINAPI","Sarrafo *2,5 x 10* cm em pinus, mista ou equivalente da regiao - bruta.","Material",null,"m","3.21",5.25,16.84]
["Insumo",4813,"SINAPI","Placa de obra (para construcao civil) em chapa galvanizada *n. 22*, adesivada, de *2,4 x 1,2* m (sem postes para fixacao).","Material",null,"m²","1.00",400,400]
["Insumo",5065,"SINAPI","Prego de aco polido com cabeca 10 x 10 (7/8 x 17).","Material",null,"kg","0.01",31.64,0.36]
["Insumo",5069,"SINAPI","Prego de aco polido com cabeca 17 x 27 (2 1/2 x 11).","Material",null,"kg","0.01",16.95,0.22]
[{"$nulls":4},"MO sem LS =>",12.57,"ls =>","14.57","MO com LS =>",27.14]
[{"$nulls":4},"Valor do BDI =>",122.12541,null,"Valor com BDI =>",null,585.78]
[{"$nulls":6},"quant. =>","0.72","Preço Total =>",421.76]
[]
[2,null,null,"Mobilizaçâo e desmobilizaçâo equipes perfuraçâo e instalação.",{"$nulls":5},2520]
["2.1","Código","Banco","Descrição.","Tipo",null,"und","Quant.","Valor Unit","Total"]
["Composição","COMPOSIÇÃO - 3","Próprio","Transporte de comboio perfuração.","TRAN - TRANSPORTES, CARGAS E DESCARGAS",null,"km","1.00",4.71,4.71]
["Composição Auxiliar",5824,"SINAPI","Caminhão toco, pbt 16.000 kg, carga útil máx. 10.685 kg, dist. entre eixos 4,8 m, potência 189 cv, inclusive carroceria fixa aberta de madeira p/ transporte geral de carga seca, dimen. aprox. 2,5 x 7,00 x 0,50 m - chp diurno. af_06/2014.","CHOR - CUSTOS HORÁRIOS DE MÁQUINAS E EQUIPAMENTOS",null,"chp","0.02",223.53,3.72]
["Composição Auxiliar",5826,"SINAPI","Caminhão toco, pbt 16.000 kg, carga útil máx. 10.685 kg, dist. entre eixos 4,8 m, potência 189 cv, inclusive carroceria fixa aberta de madeira p/ transporte geral de carga seca, dimen. aprox. 2,5 x 7,00 x 0,50 m - chi diurno. af_06/2014.","CHOR - CUSTOS HORÁRIOS DE MÁQUINAS E EQUIPAMENTOS",null,"chi","0.02",59.63,0.99]
[{"$nulls":4},"MO sem LS =>",0.31,"ls =>","0.37","MO com LS =>",0.68]
[{"$nulls":4},"Valor do BDI =>",1.2406140000000001,null,"Valor com BDI =>",null,5.95]
[{"$nulls":6},"quant. =>","150.00","Preço Total =>",892.5]
[]
["2.2","Código","Banco","Descrição.","Tipo",null,"und","Quant.","Valor Unit","Total"]
["Composição","COMPOSIÇÃO - 4","Próprio","Transporte de comboio instalação.","TRAN - TRANSPORTES, CARGAS E DESCARGAS",null,"km","1.00",5.97,5.97]
["Composição Auxiliar",5928,"SINAPI","Guindauto hidráulico, capacidade máxima de carga 6200 kg, momento máximo de carga 11,7 tm, alcance máximo horizontal 9,70 m, inclusive caminhão toco pbt 16.000 kg, potência de 189 cv - chp diurno. af_06/2014.","CHOR - CUSTOS HORÁRIOS DE MÁQUINAS E EQUIPAMENTOS",null,"chp","0.02",287.44,4.79]
["Composição Auxiliar",5930,"SINAPI","Guindauto hidráulico, capacidade máxima de carga 6200 kg, momento máximo de carga 11,7 tm, alcance máximo horizontal 9,70 m, inclusive caminhão toco pbt 16.000 kg, potência de 189 cv - chi diurno. af_06/2014.","CHOR - CUSTOS HORÁRIOS DE MÁQUINAS E EQUIPAMENTOS",null,"chi","0.02",70.86,1.18]
[{"$nulls":4},"MO sem LS =>",0.35,"ls =>","0.41","MO com LS =>",0.76]
[{"$nulls":4},"Valor do BDI =>",1.572498,null,"Valor com BDI =>",null,7.54]
[{"$nulls":6},"quant. =>","150.00","Preço Total =>",1131]
[]
["2.3","Código","Banco","Descrição.","Tipo",null,"und","Quant.","Valor Unit","Total"]
["Composição","COMPOSIÇÃO - 5","Próprio","Transporte de equipe teste de vazão.","TRAN - TRANSPORTES, CARGAS E DESCARGAS",null,"km","1.00",2.62,2.62]
["Composição Auxiliar",73467,"SINAPI","Caminhão toco, pbt 14.300 kg, carga útil máx. 9.710 kg, dist. entre eixos 3,56 m, potência 185 cv, inclusive carroceria fixa aberta de madeira p/ transporte geral de carga seca, dimen. aprox. 2,50 x 6,50 x 0,50 m - chp diurno. af_06/2014.","CHOR - CUSTOS HORÁRIOS DE MÁQUINAS E EQUIPAMENTOS",null,"chp","0.01",258.58,2.15]
["Composição Auxiliar",91395,"SINAPI","Caminhão toco, pbt 14.300 kg, carga útil máx. 9.710 kg, dist. entre eixos 3,56 m, potência 185 cv, inclusive carroceria fixa aberta de madeira p/ transporte geral de carga seca, dimen. aprox. 2,50 x 6,50 x 0,50 m - chi diurno. af_06/2014.","CHOR - CUSTOS HORÁRIOS DE MÁQUINAS E EQUIPAMENTOS",null,"chi","0.01",56.77,0.47]
[{"$nulls":4},"MO sem LS =>",0.15,"ls =>","0.19","MO com LS =>",0.34]
[{"$nulls":4},"Valor do BDI =>",0.69010800000000005,null,"Valor com BDI =>",null,3.31]
[{"$nulls":6},"quant. =>","150.00","Preço Total =>",496.5]
[]
[3,null,null,"Perfuração e completação de poço tubular.",{"$nulls":5},32333.87]
["3.1","Código","Banco","Descrição.","Tipo",null,"und","Quant.","Valor Unit","Total"]
["Insumo",5051,"ORSE","Perfuraçao em rocha metassedimentar - metassedimento alterado / compacto dn 6\"  (poço 120m).","Serviços",null,"m","1.00",156.31,156.31]
[{"$nulls":4},"MO sem LS =>",0,"ls =>","0.00","MO com LS =>",0]
[{"$nulls":4},"Valor do BDI =>",41.17,null,"Valor com BDI =>",null,197.48]
[{"$nulls":6},"quant. =>","90.00","Preço Total =>",17773.2]
[]
["3.2","Código","Banco","Descrição.","Tipo",null,"und","Quant.","Valor Unit","Total"]
["Insumo",5057,"ORSE","Perfuração rocha sedimentar sedimento / camadas inconsolidadas dn 12.1/2\" - poço até 150m.","Serviços",null,"m","1.00",247.66,247.66]
[{"$nulls":4},"MO sem LS =>",0,"ls =>","0.00","MO com LS =>",0]
[{"$nulls":4},"Valor do BDI =>",65.23,null,"Valor com BDI =>",null,312.89]
[{"$nulls":6},"quant. =>","30.00","Preço Total =>",9386.7000000000007]
[]
["3.3","Código","Banco","Descrição.","Tipo",null,"und","Quant.","Valor Unit","Total"]
["Composição","COMPOSIÇÃO - 6","Próprio","Serviço de lançamento cimentação anelar, incluso materiais.","SEDI - SERVIÇOS DIVERSOS",null,"m³","1.00",541.72,541.72]
["Composição Auxiliar",1903,"ORSE","Argamassa cimento e areia traço t-1 (1:3) - 1 saco cimento 50kg / 3 padiolas areia dim. 0.35 x 0.45 x 0.23 m - confecção mecânica e transporte.","Argamassas",null,"m³","1.00",541.72,541.72]
[{"$nulls":4},"MO sem LS =>",25.3,"ls =>","29.30","MO com LS =>",54.6]
[{"$nulls":4},"Valor do BDI =>",142.68904800000001,null,"Valor com BDI =>",null,684.41]
[{"$nulls":6},"quant. =>","1.74","Preço Total =>",1190.8699999999999]
[]
["3.4","Código","Banco","Descrição.","Tipo",null,"und","Quant.","Valor Unit","Total"]
["Insumo",9854,"SINAPI","Tubo pvc de revestimento geomecanico nervurado standard, dn = 154 mm, comprimento = 2 m.","Material",null,"m","1.00",105.09,105.09]
[{"$nulls":4},"MO sem LS =>",0,"ls =>","0.00","MO com LS =>",0]
[{"$nulls":4},"Valor do BDI =>",27.68,null,"Valor com BDI =>",null,132.77000000000001]
[{"$nulls":6},"quant. =>","30.00","Preço Total =>",3983.1]
[]
[4,null,null,"Pós perfuração.",{"$nulls":5},11917.55]
["4.1","Código","Banco","Descrição.","Tipo",null,"und","Quant.","Valor Unit","Total"]
["Composição",6305,"ORSE","Desenvolvimento com compressor 250psi / 750cfm.","Conversão InfoWOrca",null,"h","1.00",411.16,411.16]
["Insumo",5030,"ORSE","Desenvolvimento com compressor 250psi - 750cfm h.","Serviços",null,"h","1.00",411.16,411.16]
[{"$nulls":4},"MO sem LS =>",0,"ls =>","0.00","MO com LS =>",0]
[{"$nulls":4},"Valor do BDI =>",108.299544,null,"Valor com BDI =>",null,519.46]
[{"$nulls":6},"quant. =>","2.00","Preço Total =>",1038.92]
[]
["4.2","Código","Banco","Descrição.","Tipo",null,"und","Quant.","Valor Unit","Total"]
["Composição","COMPOSIÇÃO - 7","Próprio","Inspeção ótica em poço tubular câmera com rotação de 360º, visada lateral, com fonte própria de luz, entregue vídeo em cores e marcação de profundidades.","SEES - SERVIÇOS ESPECIAIS",null,"m","1.00",9.42,9.42]
["Insumo"," H020050004 ","EMBASA","Aparelho de perfilagem optica.","Material",null,"m","1.00",4.4000000000000004,4.4000000000000004]
["Insumo"," B590000022 ","EMBASA","Tecnico medio.","Mão de Obra",null,"h","0.08",60.147199999999998,5.0199999999999996]
[{"$nulls":4},"MO sem LS =>",2.33,"ls =>","2.69","MO com LS =>",5.0199999999999996]
[{"$nulls":4},"Valor do BDI =>",2.4812280000000002,null,"Valor com BDI =>",null,11.9]
[{"$nulls":6},"quant. =>","120.00","Preço Total =>",1428]
[]
["4.3","Código","Banco","Descrição.","Tipo",null,"und","Quant.","Valor Unit","Total"]
["Composição","COMPOSIÇÃO - 8","Próprio","Serviço de coleta e análise físico-química e bacteriológica.","SEDI - SERVIÇOS DIVERSOS",null,"un","1.00",621.19000000000005,621.19000000000005]
["Composição Auxiliar",6312,"ORSE","Análise físico-química da água.","Conversão InfoWOrca",null,"un","1.00",565.21,565.21]
["Composição Auxiliar",6313,"ORSE","Análise bacteriológica da água.","Conversão InfoWOrca",null,"un","1.00",55.98,55.98]
[{"$nulls":4},"MO sem LS =>",0,"ls =>","0.00","MO com LS =>",0]
[{"$nulls":4},"Valor do BDI =>",163.62144599999999,null,"Valor com BDI =>",null,784.81]
[{"$nulls":6},"quant. =>","1.00","Preço Total =>",784.81]
[]
["4.4","Código","Banco","Descrição.","Tipo",null,"und","Quant.","Valor Unit","Total"]
["Composição"," 24.80.22 ","EMBASA","Ensaio de bombeamento poço tubular incluso materiais e grupo gerador.",2480,null,"h","1.00",255.47,255.47]
["Composição Auxiliar"," 24.00.15 ","EMBASA","Equipe (3 profissionais campo) - bombeio.",2400,null,"h","1.00",190.55,190.55]
["Insumo"," H020050001 ","EMBASA","Unidade de ensaio e bombeamento - ueb1 ate 150m3 no sedimento.","Material",null,"h","1.00",64.92,64.92]
[{"$nulls":4},"MO sem LS =>",88.3,"ls =>","102.25","MO com LS =>",190.55]
[{"$nulls":4},"Valor do BDI =>",67.290797999999995,null,"Valor com BDI =>",null,322.76]
[{"$nulls":6},"quant. =>","24.00","Preço Total =>",7746.24]
[]
["4.5","Código","Banco","Descrição.","Tipo",null,"und","Quant.","Valor Unit","Total"]
["Composição","COMPOSIÇÃO - 9","Próprio","Serviço de instalação de laje sanitária com dimensões (1,5x1,5x0,3) metros , incluso material.","SEDI - SERVIÇOS DIVERSOS",null,"un","1.00",727.86,727.86]
["Composição Auxiliar",92522,"SINAPI","Montagem e desmontagem de fôrma de laje maciça, pé-direito simples, em chapa de madeira compensada resinada, 8 utilizações. af_09/2020.","FUES - FUNDAÇÕES E ESTRUTURAS",null,"m²","1.80",39.31,70.760000000000005]
["Composição Auxiliar",93358,"SINAPI","Escavação manual de vala com profundidade menor ou igual a 1,30 m. af_02/2021.","MOVT - MOVIMENTO DE TERRA",null,"m³","0.23",86.16,19.39]
["Composição Auxiliar",94975,"SINAPI","Concreto fck = 15mpa, traço 1:3,4:3,5 (em massa seca de cimento/ areia média/ brita 1) - preparo manual. af_05/2021.","FUES - FUNDAÇÕES E ESTRUTURAS",null,"m³","0.68",648.73,437.89]
["Composição Auxiliar",103670,"SINAPI","Lançamento com uso de baldes, adensamento e acabamento de concreto em estruturas. af_02/2022.","FUES - FUNDAÇÕES E ESTRUTURAS",null,"m³","0.68",296.02999999999997,199.82]
[{"$nulls":4},"MO sem LS =>",104.78,"ls =>","121.34","MO com LS =>",226.12]
[{"$nulls":4},"Valor do BDI =>",191.718324,null,"Valor com BDI =>",null,919.58]
[{"$nulls":6},"quant. =>","1.00","Preço Total =>",919.58]
[]
[5,null,null,"Reservação.",{"$nulls":5},29338.39]
["5.1","Código","Banco","Descrição.","Tipo",null,"und","Quant.","Valor Unit","Total"]
["Composição","COMPOSIÇÃO - 10","Próprio","Fornecimento e instalação de reservatório e base elevada 10 m³.","ASTU - ASSENTAMENTO DE TUBOS E PECAS",null,"un","1.00",27433.51,27433.51]
["Composição Auxiliar",92759,"SINAPI","Armação de pilar ou viga de estrutura convencional de concreto armado utilizando aço ca-60 de 5,0 mm - montagem. af_06/2022.","FUES - FUNDAÇÕES E ESTRUTURAS",null,"kg","2024-10-29",14.72,428.35]
["Composição Auxiliar",92761,"SINAPI","Armação de pilar ou viga de estrutura convencional de concreto armado utilizando aço ca-50 de 8,0 mm - montagem. af_06/2022.","FUES - FUNDAÇÕES E ESTRUTURAS",null,"kg","48.00",13.21,634.08000000000004]
["Composição Auxiliar",93358,"SINAPI","Escavação manual de vala com profundidade menor ou igual a 1,30 m. af_02/2021.","MOVT - MOVIMENTO DE TERRA",null,"m³","5.20",86.16,448.03]
["Composição Auxiliar",92763,"SINAPI","Armação de pilar ou viga de estrutura convencional de concreto armado utilizando aço ca-50 de 12,5 mm - montagem. af_06/2022.","FUES - FUNDAÇÕES E ESTRUTURAS",null,"kg","118.40",9.98,1181.6300000000001]
["Composição Auxiliar",94970,"SINAPI","Concreto fck = 20mpa, traço 1:2,7:3 (em massa seca de cimento/ areia média/ brita 1) - preparo mecânico com betoneira 600 l. af_05/2021.","FUES - FUNDAÇÕES E ESTRUTURAS",null,"m³","4.89",640.03,3129.75]
["Composição Auxiliar",103670,"SINAPI","Lançamento com uso de baldes, adensamento e acabamento de concreto em estruturas. af_02/2022.","FUES - FUNDAÇÕES E ESTRUTURAS",null,"m³","6.85",296.02999999999997,2027.81]
["Composição Auxiliar",84651,"SINAPI","Pintura com tinta impermeavel mineral em po, duas demaos.","PINT - PINTURAS",null,"m²","28.66",13.31,381.46]
["Composição Auxiliar",90776,"SINAPI","Encarregado geral com encargos complementares.","SEDI - SERVIÇOS DIVERSOS",null,"h","1.00",24.18,24.18]
["Composição Auxiliar",102482,"SINAPI","Concreto fck = 25mpa, traço 1:2,2:2,5 (em massa seca de cimento/ areia média/ seixo rolado) - preparo mecânico com betoneira 600 l. af_05/2021.","FUES - FUNDAÇÕES E ESTRUTURAS",null,"m³","1.96",991.47,1943.28]
["Composição Auxiliar",92263,"SINAPI","Fabricação de fôrma para pilares e estruturas similares, em chapa de madeira compensada resinada, e = 17 mm. af_09/2020.","FUES - FUNDAÇÕES E ESTRUTURAS",null,"m²","2024-10-18",171.29,3100.35]
["Composição Auxiliar",89272,"SINAPI","Guindaste hidráulico autopropelido, com lança telescópica 28,80 m, capacidade máxima 30 t, potência 97 kw, tração 4 x 4 - chp diurno. af_11/2014.","CHOR - CUSTOS HORÁRIOS DE MÁQUINAS E EQUIPAMENTOS",null,"chp","13.00",222.08,2887.04]
["Composição Auxiliar",5824,"SINAPI","Caminhão toco, pbt 16.000 kg, carga útil máx. 10.685 kg, dist. entre eixos 4,8 m, potência 189 cv, inclusive carroceria fixa aberta de madeira p/ transporte geral de carga seca, dimen. aprox. 2,5 x 7,00 x 0,50 m - chp diurno. af_06/2014.","CHOR - CUSTOS HORÁRIOS DE MÁQUINAS E EQUIPAMENTOS",null,"chp","24.00",223.53,5364.72]
["Composição Auxiliar",88267,"SINAPI","Encanador ou bombeiro hidráulico com encargos complementares.","SEDI - SERVIÇOS DIVERSOS",null,"h","4.00",26.5,106]
["Composição Auxiliar",88248,"SINAPI","Auxiliar de encanador ou bombeiro hidráulico com encargos complementares.","SEDI - SERVIÇOS DIVERSOS",null,"h","4.00",21.66,86.64]
["Insumo",11677,"SINAPI","Registro de esfera, pvc, com volante, vs, soldavel, dn 50 mm, com corpo dividido.","Material",null,"un","1.00",36.61,36.61]
["Insumo",3146,"SINAPI","Fita veda rosca em rolos de 18 mm x 10 m (l x c).","Material",null,"un","0.18",3.25,0.59]
["Insumo",37106,"SINAPI","Caixa d'agua / reservatorio em poliester reforcado com fibra de vidro, 10000 litros, com tampa.","Material",null,"un","1.00",5293.71,5293.71]
["Insumo",9875,"SINAPI","Tubo pvc, soldavel, de 50 mm, agua fria (nbr-5648).","Material",null,"m","15.20",16.059999999999999,244.11]
["Insumo",113,"SINAPI","Adaptador pvc soldavel curto com bolsa e rosca, 60 mm x 2\", para agua fria.","Material",null,"un","1.00",11.62,11.62]
["Insumo",3871,"SINAPI","Luva soldavel com rosca, pvc, 50 mm x 1 1/2\", para agua fria predial.","Material",null,"un","1.00",19,19]
["Insumo",3540,"SINAPI","Joelho pvc, soldavel, 90 graus, 50 mm, cor marrom, para agua fria predial.","Material",null,"un","5.00",5.19,25.95]
["Insumo",99,"SINAPI","Adaptador pvc soldavel, com flange e anel de vedacao, 50 mm x 1 1/2\", para caixa d'agua.","Material",null,"un","2.00",27.28,54.56]
["Insumo",119,"SINAPI","Adesivo plastico para pvc, bisnaga com 75 gr.","Material",null,"un","0.45",8.9700000000000006,4.04]
[{"$nulls":4},"MO sem LS =>",1848.56,"ls =>","2141-06-01","MO com LS =>",3989.62]
[{"$nulls":4},"Valor do BDI =>",7225.9865339999997,null,"Valor com BDI =>",null,34659.5]
[{"$nulls":6},"quant. =>","0.80","Preço Total =>",27727.599999999999]
[]
["5.2","Código","Banco","Descrição.","Tipo",null,"und","Quant.","Valor Unit","Total"]
["Composição","COMPOSIÇÃO - 11","Próprio","Fornecimento e execução de reservatório apoiado de 5 m³.","SEDI - SERVIÇOS DIVERSOS",null,"un","1.00",6374.83,6374.83]
["Composição Auxiliar",5928,"SINAPI","Guindauto hidráulico, capacidade máxima de carga 6200 kg, momento máximo de carga 11,7 tm, alcance máximo horizontal 9,70 m, inclusive caminhão toco pbt 16.000 kg, potência de 189 cv - chp diurno. af_06/2014.","CHOR - CUSTOS HORÁRIOS DE MÁQUINAS E EQUIPAMENTOS",null,"chp","4.00",287.44,1149.76]
["Composição Auxiliar",88309,"SINAPI","Pedreiro com encargos complementares.","SEDI - SERVIÇOS DIVERSOS",null,"h","3.00",27.26,81.78]
["Composição Auxiliar",88316,"SINAPI","Servente com encargos complementares.","SEDI - SERVIÇOS DIVERSOS",null,"h","3.00",21.78,65.34]
["Composição Auxiliar",88262,"SINAPI","Carpinteiro de formas com encargos complementares.","SEDI - SERVIÇOS DIVERSOS",null,"h","3.00",26.91,80.73]
["Composição Auxiliar",102617,"SINAPI","Caixa d´água em poliéster reforçado com fibra de vidro, 5000 litros - fornecimento e instalação. af_06/2021.","INHI - INSTALAÇÕES HIDROS SANITÁRIAS",null,"un","1.00",3624.16,3624.16]
["Composição Auxiliar",92783,"SINAPI","Armação de laje de uma estrutura convencional de concreto armado em uma edificação térrea ou sobrado utilizando aço ca-60 de 4,2 mm - montagem. af_12/2015.","FUES - FUNDAÇÕES E ESTRUTURAS",null,"kg","3.20",18.7,59.84]
["Composição Auxiliar",92759,"SINAPI","Armação de pilar ou viga de estrutura convencional de concreto armado utilizando aço ca-60 de 5,0 mm - montagem. af_06/2022.","FUES - FUNDAÇÕES E ESTRUTURAS",null,"kg","5.60",14.72,82.43]
["Composição Auxiliar",94964,"SINAPI","Concreto fck = 20mpa, traço 1:2,7:3 (em massa seca de cimento/ areia média/ brita 1) - preparo mecânico com betoneira 400 l. af_05/2021.","FUES - FUNDAÇÕES E ESTRUTURAS",null,"m³","1.56",651.87,1016.92]
["Composição Auxiliar",84651,"SINAPI","Pintura com tinta impermeavel mineral em po, duas demaos.","PINT - PINTURAS",null,"m²","2.70",13.31,35.94]
["Composição Auxiliar",92783,"SINAPI","Armação de laje de uma estrutura convencional de concreto armado em uma edificação térrea ou sobrado utilizando aço ca-60 de 4,2 mm - montagem. af_12/2015.","FUES - FUNDAÇÕES E ESTRUTURAS",null,"kg","3.20",18.7,59.84]
["Insumo",7155,"SINAPI","Tela de aco soldada nervurada, ca-60, q-138, (2,20 kg/m2), diametro do fio = 4,2 mm, largura = 2,45 m, espacamento da malha = 10  x 10 cm.","Material",null,"m²","6.16",19.170000000000002,118.09]
[{"$nulls":4},"MO sem LS =>",247.92,"ls =>","287.16","MO com LS =>",535.08000000000004]
[{"$nulls":4},"Valor do BDI =>",1679.130222,null,"Valor com BDI =>",null,8053.96]
[{"$nulls":6},"quant. =>","0.20","Preço Total =>",1610.79]
[]
[6,null,null,"Bebedouro.",{"$nulls":5},2110.7199999999998]
["6.1","Código","Banco","Descrição.","Tipo",null,"und","Quant.","Valor Unit","Total"]
["Composição","COMPOSIÇÃO - 12","Próprio","Serviço de execução do bebedouro em concreto armado, incluso materiais.","SEDI - SERVIÇOS DIVERSOS",null,"un","1.00",1670.67,1670.67]
["Composição Auxiliar",5928,"SINAPI","Guindauto hidráulico, capacidade máxima de carga 6200 kg, momento máximo de carga 11,7 tm, alcance máximo horizontal 9,70 m, inclusive caminhão toco pbt 16.000 kg, potência de 189 cv - chp diurno. af_06/2014.","CHOR - CUSTOS HORÁRIOS DE MÁQUINAS E EQUIPAMENTOS",null,"chp","2.00",287.44,574.88]
["Composição Auxiliar",87445,"SINAPI","Betoneira capacidade nominal 400 l, capacidade de mistura 310 l, motor a diesel potência 5,0 hp, sem carregador - chp diurno. af_05/2023.","CHOR - CUSTOS HORÁRIOS DE MÁQUINAS E EQUIPAMENTOS",null,"chp","0.50",5.89,2.95]
["Composição Auxiliar",88377,"SINAPI","Operador de betoneira estacionária/misturador com encargos complementares.","SEDI - SERVIÇOS DIVERSOS",null,"h","0.50",23.65,11.83]
["Composição Auxiliar",88310,"SINAPI","Pintor com encargos complementares.","SEDI - SERVIÇOS DIVERSOS",null,"h","0.30",28.76,8.6300000000000008]
["Composição Auxiliar",100301,"SINAPI","Ajudante de pintor com encargos complementares.","SEDI - SERVIÇOS DIVERSOS",null,"h","0.10",23.94,2.39]
["Composição Auxiliar",88245,"SINAPI","Armador com encargos complementares.","SEDI - SERVIÇOS DIVERSOS",null,"h","3.00",27.05,81.150000000000006]
["Composição Auxiliar",88262,"SINAPI","Carpinteiro de formas com encargos complementares.","SEDI - SERVIÇOS DIVERSOS",null,"h","2.00",26.91,53.82]
["Composição Auxiliar",88316,"SINAPI","Servente com encargos complementares.","SEDI - SERVIÇOS DIVERSOS",null,"h","5.00",21.78,108.9]
["Composição Auxiliar",88309,"SINAPI","Pedreiro com encargos complementares.","SEDI - SERVIÇOS DIVERSOS",null,"h","4.00",27.26,109.04]
["Insumo",43055,"SINAPI","Aco ca-50, 12,5 mm ou 16,0 mm, vergalhao.","Material",null,"kg","12.00",7.49,89.88]
["Insumo",43059,"SINAPI","Aco ca-60, 4,2 mm, ou 5,0 mm, ou 6,0 mm, ou 7,0 mm, vergalhao.","Material",null,"kg","13.00",8.18,106.34]
["Insumo",32,"SINAPI","Aco ca-50, 6,3 mm, vergalhao.","Material",null,"kg","6.00",9.1199999999999992,54.72]
["Insumo",370,"SINAPI","Areia media - posto jazida/fornecedor (retirado na jazida, sem transporte).","Material",null,"m³","0.32",100,32]
["Insumo",1379,"SINAPI","Cimento portland composto cp ii-32.","Material",null,"kg","127.00",1.1000000000000001,139.69999999999999]
["Insumo",4718,"SINAPI","Pedra britada n. 2 (19 a 38 mm) posto pedreira/fornecedor, sem frete.","Material",null,"m³","0.08",215,17.2]
["Insumo",4721,"SINAPI","Pedra britada n. 1 (9,5 a 19 mm) posto pedreira/fornecedor, sem frete.","Material",null,"m³","0.23",213.87,49.19]
["Insumo",3767,"SINAPI","Lixa em folha para parede ou madeira, numero 120, cor vermelha.","Material",null,"un","0.12",0.87,0.1]
["Insumo",7356,"SINAPI","Tinta latex acrilica premium, cor branco fosco.","Material",null,"l","0.18",34.72,6.25]
["Insumo",43681,"SINAPI","Chapa/painel de madeira compensada resinada (madeirite resinado rosa) para forma de concreto, de 2200 x 1100 mm, e = 8 a 12 mm.","Material",null,"m²","7.30",30.37,221.7]
[{"$nulls":4},"MO sem LS =>",141.05000000000001,"ls =>","163.35","MO com LS =>",304.39999999999998]
[{"$nulls":4},"Valor do BDI =>",440.05447800000002,null,"Valor com BDI =>",null,2110.7199999999998]
[{"$nulls":6},"quant. =>","1.00","Preço Total =>",2110.7199999999998]
[]
[7,null,null,"Chafariz.",{"$nulls":5},1204.4100000000001]
["7.1","Código","Banco","Descrição.","Tipo",null,"und","Quant.","Valor Unit","Total"]
["Composição","COMPOSIÇÃO - 13","Próprio","Fornecimento de material e instalação do chafariz.","ASTU - ASSENTAMENTO DE TUBOS E PECAS",null,"un","1.00",953.31,953.31]
["Composição Auxiliar",88267,"SINAPI","Encanador ou bombeiro hidráulico com encargos complementares.","SEDI - SERVIÇOS DIVERSOS",null,"h",2,26.5,53]
["Composição Auxiliar",88248,"SINAPI","Auxiliar de encanador ou bombeiro hidráulico com encargos complementares.","SEDI - SERVIÇOS DIVERSOS",null,"h","2.00",21.66,43.32]
["Composição Auxiliar",93358,"SINAPI","Escavação manual de vala com profundidade menor ou igual a 1,30 m. af_02/2021.","MOVT - MOVIMENTO DE TERRA",null,"m³",9.4990000000000005E-2,86.16,8.18]
["Composição Auxiliar",92270,"SINAPI","Fabricação de fôrma para vigas, com madeira serrada, e = 25 mm. af_09/2020.","FUES - FUNDAÇÕES E ESTRUTURAS",null,"m²",0.628,160.57,100.84]
["Composição Auxiliar",94975,"SINAPI","Concreto fck = 15mpa, traço 1:3,4:3,5 (em massa seca de cimento/ areia média/ brita 1) - preparo manual. af_05/2021.","FUES - FUNDAÇÕES E ESTRUTURAS",null,"m³","0.16",648.73,101.85]
["Composição Auxiliar",2171,"ORSE","Piso cimentado liso traço 1:5, e = 3 cm, c/ junta plástica 3 x 27 mm.","Pisos : Cimentados, em Concreto Simples, tipo Tech-Stone e de Alta Resistência",null,"m²","0.79",52.58,41.28]
["Composição Auxiliar",87904,"SINAPI","Chapisco aplicado em alvenaria (com presença de vãos) e estruturas de concreto de fachada, com colher de pedreiro.  argamassa traço 1:3 com preparo manual. af_10/2022.","REVE - REVESTIMENTO E TRATAMENTO DE SUPERFÍCIES",null,"m²","0.31",8.91,2.8]
["Composição Auxiliar",87529,"SINAPI","Massa única, em argamassa traço 1:2:8, preparo mecânico, aplicada manualmente em paredes internas de ambientes com área entre 5m² e 10m², e = 17,5mm, com taliscas. af_03/2024.","REVE - REVESTIMENTO E TRATAMENTO DE SUPERFÍCIES",null,"m²","0.31",42.04,13.2]
["Composição Auxiliar",84651,"SINAPI","Pintura com tinta impermeavel mineral em po, duas demaos.","PINT - PINTURAS",null,"m²","0.31",13.31,4.18]
["Insumo",765,"SINAPI","Bucha de reducao de ferro galvanizado, com rosca bsp, de 1\" x 3/4\".","Material",null,"un","2.00",10.23,20.46]
["Insumo",9887,"SINAPI","Uniao de ferro galvanizado, com rosca bsp, com assento plano, de 2\".","Material",null,"un","2.00",104.13,208.26]
["Insumo",21013,"SINAPI","Tubo aco galvanizado com costura, classe leve, dn 50 mm ( 2\"),  e = 3,00 mm,  *4,40* kg/m (nbr 5580).","Material",null,"m","1.80",45.9,82.62]
["Insumo",6298,"SINAPI","Te de ferro galvanizado, de 2\".","Material",null,"un","1.00",67.819999999999993,67.819999999999993]
["Insumo",3471,"SINAPI","Cotovelo 90 graus de ferro galvanizado, com rosca bsp, de 2\".","Material",null,"un","1.00",51.01,51.01]
["Insumo",113,"SINAPI","Adaptador pvc soldavel curto com bolsa e rosca, 60 mm x 2\", para agua fria.","Material",null,"un","1.00",11.62,11.62]
["Insumo",818,"SINAPI","Bucha de reducao de pvc, soldavel, curta, com 60 x 50 mm, para agua fria predial.","Material",null,"un","1.00",7.09,7.09]
["Insumo",7604,"SINAPI","Torneira metalica cromada para tanque / jardim, sem bico , cano longo, de parede, padrao popular / uso geral, 1/2 \" ou 3/4 \" (ref 1126).","Material",null,"un","2.00",33.380000000000003,66.760000000000005]
["Insumo",119,"SINAPI","Adesivo plastico para pvc, bisnaga com 75 gr.","Material",null,"un","1.00",8.9700000000000006,8.9700000000000006]
["Insumo",3146,"SINAPI","Fita veda rosca em rolos de 18 mm x 10 m (l x c).","Material",null,"un","1.00",3.25,3.25]
["Insumo",771,"SINAPI","Bucha de reducao de ferro galvanizado, com rosca bsp, de 2\" x 1\".","Material",null,"un","2.00",28.4,56.8]
[{"$nulls":4},"MO sem LS =>",61.17,"ls =>","70.86","MO com LS =>",132.03]
[{"$nulls":4},"Valor do BDI =>",251.101854,null,"Valor com BDI =>",null,1204.4100000000001]
[{"$nulls":6},"quant. =>","1.00","Preço Total =>",1204.4100000000001]
[]
[8,null,null,"Cavalete.",{"$nulls":5},1844.25]
["8.1","Código","Banco","Descrição.","Tipo",null,"und","Quant.","Valor Unit","Total"]
["Composição","COMPOSIÇÃO - 14","Próprio","Fornecimento de conexões e instalação do cavalete com hidrômetro e clorador de pastilhas.","INHI - INSTALAÇÕES HIDROS SANITÁRIAS",null,"un","1.00",1459.75,1459.75]
["Composição Auxiliar",88248,"SINAPI","Auxiliar de encanador ou bombeiro hidráulico com encargos complementares.","SEDI - SERVIÇOS DIVERSOS",null,"h","3.00",21.66,64.98]
["Insumo",791,"SINAPI","Bucha de reducao de ferro galvanizado, com rosca bsp, de 1 1/2\" x 1\".","Material",null,"un","1.00",21.16,21.16]
["Insumo",9862,"SINAPI","Tubo pvc, roscavel, 1 1/2\",  agua fria predial.","Material",null,"m","1.50",32.590000000000003,48.89]
["Insumo",11831,"SINAPI","Torneira plastica para tanque 1/2 \" ou 3/4 \" com bico para mangueira.","Material",null,"un","1.00",18.940000000000001,18.940000000000001]
["Insumo",2121,"SBC","Te de reducao ferro galvanizado 1.1/2\" x 1\".","Material",null,"un","1.00",57.49,57.49]
["Insumo",9569,"ORSE","Adaptador pvc bsxrm d= 35mm x 1 1/2\", linha irriga-lf, tigre ou similar un.","Material",null,"un","1.00",3.04,3.04]
["Insumo",3939,"SINAPI","Luva de ferro galvanizado, com rosca bsp, de 1 1/2\".","Material",null,"un","1.00",23.45,23.45]
["Insumo",1798,"SINAPI","Curva 90 graus de ferro galvanizado, com rosca bsp macho, de 2\".","Material",null,"un","1.00",130.71,130.71]
["Insumo",9887,"SINAPI","Uniao de ferro galvanizado, com rosca bsp, com assento plano, de 2\".","Material",null,"un","2.00",104.13,208.26]
["Insumo"," 00004181/SINAPI ","ORSE","Niple de ferro galvanizado, com rosca bsp, de 2\".","Material",null,"un","2.00",39.24,78.48]
["Insumo",6028,"SINAPI","Registro gaveta bruto em latao forjado, bitola 2 \" (ref 1509).","Material",null,"un","1.00",99.24,99.24]
["Insumo",12775,"SINAPI","Hidrometro multijato / medidor de agua, dn 1\", vazao maxima de 7 m3/h, para agua potavel fria, relojoaria plana, classe b, horizontal (sem conexoes).","Material",null,"un","1.00",350.65,350.65]
["Insumo",771,"SINAPI","Bucha de reducao de ferro galvanizado, com rosca bsp, de 2\" x 1\".","Material",null,"un","1.00",28.4,28.4]
["Insumo",6305,"SINAPI","Te de reducao de ferro galvanizado, com rosca bsp, de 2\" x 1\".","Material",null,"un","1.00",75.09,75.09]
["Insumo",12464,"ORSE","Clorador dosador de cloro de pastilhas automático.","Material",null,"un","1.00",250.97,250.97]
[{"$nulls":4},"MO sem LS =>",20.07,"ls =>","23.25","MO com LS =>",43.32]
[{"$nulls":4},"Valor do BDI =>",384.49815000000001,null,"Valor com BDI =>",null,1844.25]
[{"$nulls":6},"quant. =>","1.00","Preço Total =>",1844.25]
[]
[9,null,null,"Instalações hidráulicas.",{"$nulls":5},22628.28]
["9.1","Código","Banco","Descrição.","Tipo",null,"und","Quant.","Valor Unit","Total"]
["Composição","COMPOSIÇÃO - 15","Próprio","Fornecimento e instalação da rede adutora poço-reservatório-bebedouro em pn80 e dn50mm.","SEDI - SERVIÇOS DIVERSOS",null,"m","1.00",30.43,30.43]
["Composição Auxiliar",88316,"SINAPI","Servente com encargos complementares.","SEDI - SERVIÇOS DIVERSOS",null,"h","0.05",21.78,1.0900000000000001]
["Composição Auxiliar",93358,"SINAPI","Escavação manual de vala com profundidade menor ou igual a 1,30 m. af_02/2021.","MOVT - MOVIMENTO DE TERRA",null,"m³","0.05",86.16,4.3099999999999996]
["Insumo",9875,"SINAPI","Tubo pvc, soldavel, de 50 mm, agua fria (nbr-5648).","Material",null,"m","1.00",16.059999999999999,16.059999999999999]
["Insumo",119,"SINAPI","Adesivo plastico para pvc, bisnaga com 75 gr.","Material",null,"un","1.00",8.9700000000000006,8.9700000000000006]
[{"$nulls":4},"MO sem LS =>",1.61,"ls =>","1.86","MO com LS =>",3.47]
[{"$nulls":4},"Valor do BDI =>",8.0152619999999999,null,"Valor com BDI =>",null,38.450000000000003]
[{"$nulls":6},"quant. =>","400.00","Preço Total =>",15380]
[]
["9.2","Código","Banco","Descrição.","Tipo",null,"und","Quant.","Valor Unit","Total"]
["Composição","COMPOSIÇÃO - 16","Próprio","Montagem hidráulica do equipamento de bombeamento.","INHI - INSTALAÇÕES HIDROS SANITÁRIAS",null,"un","1.00",144.47999999999999,144.47999999999999]
["Composição Auxiliar",88267,"SINAPI","Encanador ou bombeiro hidráulico com encargos complementares.","SEDI - SERVIÇOS DIVERSOS",null,"h","3.00",26.5,79.5]
["Composição Auxiliar",88248,"SINAPI","Auxiliar de encanador ou bombeiro hidráulico com encargos complementares.","SEDI - SERVIÇOS DIVERSOS",null,"h","3.00",21.66,64.98]
[{"$nulls":4},"MO sem LS =>",46.87,"ls =>","54.29","MO com LS =>",101.16]
[{"$nulls":4},"Valor do BDI =>",38.056032000000002,null,"Valor com BDI =>",null,182.54]
[{"$nulls":6},"quant. =>","1.00","Preço Total =>",182.54]
[]
["9.3","Código","Banco","Descrição.","Tipo",null,"und","Quant.","Valor Unit","Total"]
["Insumo",38200,"SINAPI","Corda de poliamida 12 mm tipo bombeiro, para trabalho em altura.","Material",null,"100m","1.00",840.85,840.85]
[{"$nulls":4},"MO sem LS =>",0,"ls =>","0.00","MO com LS =>",0]
[{"$nulls":4},"Valor do BDI =>",128.47999999999999,null,"Valor com BDI =>",null,969.33]
[{"$nulls":6},"quant. =>","0.93","Preço Total =>",901.48]
[]
["9.4","Código","Banco","Descrição.","Tipo",null,"und","Quant.","Valor Unit","Total"]
["Insumo",9860,"SINAPI","Tubo pvc, roscavel,  2\", para agua fria predial.","Material",null,"m","1.00",46.64,46.64]
[{"$nulls":4},"MO sem LS =>",0,"ls =>","0.00","MO com LS =>",0]
[{"$nulls":4},"Valor do BDI =>",12.28,null,"Valor com BDI =>",null,58.92]
[{"$nulls":6},"quant. =>","90.00","Preço Total =>",5302.8]
[]
["9.5","Código","Banco","Descrição.","Tipo",null,"und","Quant.","Valor Unit","Total"]
["Insumo",3912,"SINAPI","Luva de ferro galvanizado, com rosca bsp, de 2\".","Material",null,"un","1.00",35.909999999999997,35.909999999999997]
[{"$nulls":4},"MO sem LS =>",0,"ls =>","0.00","MO com LS =>",0]
[{"$nulls":4},"Valor do BDI =>",9.4600000000000009,null,"Valor com BDI =>",null,45.37]
[{"$nulls":6},"quant. =>","16.00","Preço Total =>",725.92]
[]
["9.6","Código","Banco","Descrição.","Tipo",null,"und","Quant.","Valor Unit","Total"]
["Insumo",5128,"ORSE","Tampa de poço galvanizada em 6\" un.","Serviços",null,"un","1.00",107.28,107.28]
[{"$nulls":4},"MO sem LS =>",0,"ls =>","0.00","MO com LS =>",0]
[{"$nulls":4},"Valor do BDI =>",28.26,null,"Valor com BDI =>",null,135.54]
[{"$nulls":6},"quant. =>","1.00","Preço Total =>",135.54]
[]
[10,null,null,"Estrutura de fixação para módulos fotovoltáicos.",{"$nulls":5},5400.32]
["10.1","Código","Banco","Descrição.","Tipo",null,"und","Quant.","Valor Unit","Total"]
["Composição","COMPOSIÇÃO - 17","Próprio","Serviço de fixação de estruturas para os módulos fotovoltaicos e suportes de concreto, incluso materiais.","SEDI - SERVIÇOS DIVERSOS",null,"m²","1.00",267.14999999999998,267.14999999999998]
["Composição Auxiliar",94975,"SINAPI","Concreto fck = 15mpa, traço 1:3,4:3,5 (em massa seca de cimento/ areia média/ brita 1) - preparo manual. af_05/2021.","FUES - FUNDAÇÕES E ESTRUTURAS",null,"m³","0.09",648.73,61.3]
["Composição Auxiliar",93358,"SINAPI","Escavação manual de vala com profundidade menor ou igual a 1,30 m. af_02/2021.","MOVT - MOVIMENTO DE TERRA",null,"m³","0.06",86.16,5.39]
["Composição Auxiliar",96534,"SINAPI","Fabricação, montagem e desmontagem de fôrma para bloco de coroamento, em madeira serrada, e=25 mm, 4 utilizações. af_06/2017.","FUES - FUNDAÇÕES E ESTRUTURAS",null,"m²","0.03",81.55,2.61]
["Composição Auxiliar",88316,"SINAPI","Servente com encargos complementares.","SEDI - SERVIÇOS DIVERSOS",null,"h","2.64",21.78,57.43]
["Composição Auxiliar",88278,"SINAPI","Montador de estrutura metálica com encargos complementares.","SEDI - SERVIÇOS DIVERSOS",null,"h","2.64",23.71,62.52]
["Insumo",15690,"SBC","Estrutura metalica tesoura c/coluna 20/35m(24,72kg/m2).","Material",null,"m²","1.00",77.900000000000006,77.900000000000006]
[{"$nulls":4},"MO sem LS =>",43.78,"ls =>","50.70","MO com LS =>",94.48]
[{"$nulls":4},"Valor do BDI =>",70.367310000000003,null,"Valor com BDI =>",null,337.52]
[{"$nulls":6},"quant. =>","16.00","Preço Total =>",5400.32]
[]
[11,null,null,"Instalações elétricas e bóia elétrica.",{"$nulls":5},18314.04]
["11.1","Código","Banco","Descrição.","Tipo",null,"und","Quant.","Valor Unit","Total"]
["Composição","COMPOSIÇÃO - 18","Próprio","Montagem e instalação elétrica do kit de bombeamento e sistema fotovoltaico inclusive sistema de aterramento.","INEL - INSTALAÇÃO ELÉTRICA/ELETRIFICAÇÃO E ILUMINAÇÃO EXTERNA",null,"un","1.00",1142.77,1142.77]
["Composição Auxiliar",88247,"SINAPI","Auxiliar de eletricista com encargos complementares.","SEDI - SERVIÇOS DIVERSOS",null,"h","8.00",22.66,181.28]
["Insumo",20111,"SINAPI","Fita isolante adesiva antichama, uso ate 750 v, em rolo de 19 mm x 20 m.","Material",null,"un","1.00",23.96,23.96]
["Insumo",2674,"SINAPI","Fornecimento de  eletroduto de pvc rigido roscavel de 3/4 \", sem luva.","Material",null,"m","15.00",5.65,84.75]
["Insumo",12034,"SINAPI","Fornecimento de  curva 180 graus, de pvc rigido roscavel, de 3/4\", para eletroduto.","Material",null,"un","1.00",5.91,5.91]
["Insumo",39272,"SINAPI","Fornecimento de  curva 90 graus, curta, de pvc rigido roscavel, de 3/4\", para eletroduto.","Material",null,"un","2.00",3.23,6.46]
["Insumo",3379,"SINAPI","Haste de aterramento em aco com 3,00 m de comprimento e dn = 5/8\", revestida com baixa camada de cobre, sem conector.","Material",null,"un","0.66",68.92,45.49]
["Insumo",1891,"SINAPI","Fornecimento de  luva em pvc rigido roscavel, de 3/4\", para eletroduto.","Material",null,"un","9.00",1.49,13.41]
["Insumo",425,"SINAPI","Grampo metalico tipo olhal para haste de aterramento de 5/8'', condutor de *10* a 50 mm2.","Material",null,"un","2.00",6.54,13.08]
["Insumo",34643,"SINAPI","Fornecimento de  caixa de inspecao para aterramento e para raios, em polipropileno,  diametro = 300 mm x altura = 400 mm.","Material",null,"un","2.00",47.45,94.9]
["Insumo",867,"SINAPI","Cabo de cobre nu 50 mm2 meio-duro.","Material",null,"m","7.50",60.11,450.83]
["Insumo",54581,"SIURB INFRA","Dps - dispositivo de proteção contra surtos – 45ka – 500 volts - corrente contínua - classe ii - p/ sistema fotovoltáico.","Material",null,"un","1.00",222.7,222.7]
[{"$nulls":4},"MO sem LS =>",54.71,"ls =>","63.37","MO com LS =>",118.08]
[{"$nulls":4},"Valor do BDI =>",301.00561800000003,null,"Valor com BDI =>",null,1443.78]
[{"$nulls":6},"quant. =>","1.00","Preço Total =>",1443.78]
[]
["11.2","Código","Banco","Descrição.","Tipo",null,"und","Quant.","Valor Unit","Total"]
["Insumo",34622,"SINAPI","Fornecimento de  cabo flexivel pvc 750 v, 3 condutores de 6,0 mm2.","Material",null,"m","1.00",23.63,23.63]
[{"$nulls":4},"MO sem LS =>",0,"ls =>","0.00","MO com LS =>",0]
[{"$nulls":4},"Valor do BDI =>",3.61,null,"Valor com BDI =>",null,27.24]
[{"$nulls":6},"quant. =>","105.00","Preço Total =>",2860.2]
[]
["11.3","Código","Banco","Descrição.","Tipo",null,"und","Quant.","Valor Unit","Total"]
["Composição","COMPOSIÇÃO - 19","Próprio","Fornecimento e instalação de automático de bóia superior e inferior.","ASTU - ASSENTAMENTO DE TUBOS E PECAS",null,"un","1.00",60.95,60.95]
["Composição Auxiliar",88264,"SINAPI","Eletricista com encargos complementares.","SEDI - SERVIÇOS DIVERSOS",null,"h","0.20",27.6,5.52]
["Composição Auxiliar",88247,"SINAPI","Auxiliar de eletricista com encargos complementares.","SEDI - SERVIÇOS DIVERSOS",null,"h","0.20",22.66,4.53]
["Insumo",7588,"SINAPI","Automatico de boia superior / inferior, *15* a / 250 v.","Material",null,"un","1.00",49.5,49.5]
["Insumo",21127,"SINAPI","Fita isolante adesiva antichama, uso ate 750 v, em rolo de 19 mm x 5 m.","Material",null,"un","0.10",9.06,0.91]
["Insumo",3146,"SINAPI","Fita veda rosca em rolos de 18 mm x 10 m (l x c).","Material",null,"un","0.15",3.25,0.49]
[{"$nulls":4},"MO sem LS =>",3.19,"ls =>","3.70","MO com LS =>",6.89]
[{"$nulls":4},"Valor do BDI =>",16.05423,null,"Valor com BDI =>",null,77]
[{"$nulls":6},"quant. =>","1.00","Preço Total =>",77]
[]
["11.4","Código","Banco","Descrição.","Tipo",null,"und","Quant.","Valor Unit","Total"]
["Insumo",39257,"SINAPI","Cabo multipolar de cobre, flexivel, classe 4 ou 5, isolacao em hepr, cobertura em pvc-st2, antichama bwf-b, 0,6/1 kv, 3 condutores de 1,5 mm2.","Material",null,"m","1.00",6.42,6.42]
[{"$nulls":4},"MO sem LS =>",0,"ls =>","0.00","MO com LS =>",0]
[{"$nulls":4},"Valor do BDI =>",1.69,null,"Valor com BDI =>",null,8.11]
[{"$nulls":6},"quant. =>","200.00","Preço Total =>",1622]
[]
["11.5","Código","Banco","Descrição.","Tipo",null,"und","Quant.","Valor Unit","Total"]
["Insumo","COTAÇÃO-001","Próprio","Fornecimento de kit de bombeamento fotovoltaico, incluindo uma bomba cc de 1500w com controladora de carga externa, caixa de proteção metálica, módulos fotovoltaicos compatíveis com a geração de 2200wp além de componentes elétricos necessários para interligação dos painéis, como cabos, conectores mc4 e presilhas de fixação.","Serviços",null,"un","1.00",9744.39,9744.39]
[{"$nulls":4},"MO sem LS =>",0,"ls =>","0.00","MO com LS =>",0]
[{"$nulls":4},"Valor do BDI =>",2566.67,null,"Valor com BDI =>",null,12311.06]
[{"$nulls":6},"quant. =>","1.00","Preço Total =>",12311.06]
[]
[12,null,null,"Urbanização.",{"$nulls":5},4148.92]
["12.1","Código","Banco","Descrição.","Tipo",null,"und","Quant.","Valor Unit","Total"]
["Composição","COMPOSIÇÃO - 20","Próprio","Cerca com mourões de concreto de 15x15cm, espaçados de 3m e cravados a 0,5m, escoras de 10x10cm nos cantos, e 9 fios de arame de aço ovalado 15x17.","SEDI - SERVIÇOS DIVERSOS",null,"m","1.00",85.59,85.59]
["Composição Auxiliar",88309,"SINAPI","Pedreiro com encargos complementares.","SEDI - SERVIÇOS DIVERSOS",null,"h","0.34",27.26,9.1300000000000008]
["Composição Auxiliar",88316,"SINAPI","Servente com encargos complementares.","SEDI - SERVIÇOS DIVERSOS",null,"h","0.67",21.78,14.61]
["Composição Auxiliar",94975,"SINAPI","Concreto fck = 15mpa, traço 1:3,4:3,5 (em massa seca de cimento/ areia média/ brita 1) - preparo manual. af_05/2021.","FUES - FUNDAÇÕES E ESTRUTURAS",null,"m³","0.03",648.73,18.68]
["Insumo",43130,"SINAPI","Arame galvanizado 12 bwg, d = 2,76 mm (0,048 kg/m) ou 14 bwg, d = 2,11 mm (0,026 kg/m).","Material",null,"kg","0.10",26.13,2.56]
["Insumo",346,"SINAPI","Arame de aco ovalado 15 x 17 ( 45,7 kg, 700 kgf), rolo 1000 m.","Material",null,"kg","0.41",30.95,12.53]
["Insumo",4111,"SINAPI","Escora pre-moldada em concreto, *10 x 10* cm, h = 2,30m.","Material",null,"un","0.16",51.56,8.25]
["Insumo"," I1533 ","SEINFRA","Mourão concreto base 15x15cm h=2.3 c/ 12 furos.","Material",null,"un","0.42",47.22,19.829999999999998]
[{"$nulls":4},"MO sem LS =>",8.51,"ls =>","9.86","MO com LS =>",18.37]
[{"$nulls":4},"Valor do BDI =>",22.544405999999999,null,"Valor com BDI =>",null,108.13]
[{"$nulls":6},"quant. =>","28.00","Preço Total =>",3027.64]
[]
["12.2","Código","Banco","Descrição.","Tipo",null,"und","Quant.","Valor Unit","Total"]
["Composição","COMPOSIÇÃO - 21","Próprio","Serviço de instalação de portão de ferro com suporte e batedor conforme projeto, incluso material.","SEDI - SERVIÇOS DIVERSOS",null,"m²","1.00",591.66999999999996,591.66999999999996]
["Composição Auxiliar",88309,"SINAPI","Pedreiro com encargos complementares.","SEDI - SERVIÇOS DIVERSOS",null,"h","1.50",27.26,40.89]
["Composição Auxiliar",88316,"SINAPI","Servente com encargos complementares.","SEDI - SERVIÇOS DIVERSOS",null,"h","1.50",21.78,32.67]
["Insumo",367,"SINAPI","Areia grossa - posto jazida/fornecedor (retirado na jazida, sem transporte).","Material",null,"m³","0.06",101.3,6.18]
["Insumo",1379,"SINAPI","Cimento portland composto cp ii-32.","Material",null,"kg","4.83",1.1000000000000001,5.31]
["Insumo",4948,"SINAPI","Portao de abrir / giro, em gradil de metalon redondo de 3/4\"  vertical, com requadro, acabamento natural - completo.","Material",null,"m²","1.00",506.62,506.62]
[{"$nulls":4},"MO sem LS =>",23.17,"ls =>","26.85","MO com LS =>",50.02]
[{"$nulls":4},"Valor do BDI =>",155.845878,null,"Valor com BDI =>",null,747.52]
[{"$nulls":6},"quant. =>","1.50","Preço Total =>",1121.28]
[]
[13,null,null,"Outros serviços e insumos excepcionais.",{"$nulls":5},7568.06]
["13.1","Código","Banco","Descrição.","Tipo",null,"und","Quant.","Valor Unit","Total"]
["Composição","COMPOSIÇÃO - 22","Próprio","Fornecimento e instalação do pré filtro para revestimento interno.","ASTU - ASSENTAMENTO DE TUBOS E PECAS",null,"m³","1.00",1650.83,1650.83]
["Composição Auxiliar",90776,"SINAPI","Encarregado geral com encargos complementares.","SEDI - SERVIÇOS DIVERSOS",null,"h","0.40",24.18,9.67]
["Composição Auxiliar",88297,"SINAPI","Operador de máquinas e equipamentos com encargos complementares.","SEDI - SERVIÇOS DIVERSOS",null,"h","0.40",27.23,10.89]
["Composição Auxiliar",88316,"SINAPI","Servente com encargos complementares.","SEDI - SERVIÇOS DIVERSOS",null,"h","0.50",21.78,10.89]
["Insumo",5073,"ORSE","Pré-filtro comum.","Serviços",null,"m³","1.00",1619.38,1619.38]
[{"$nulls":4},"MO sem LS =>",11.02,"ls =>","12.76","MO com LS =>",23.78]
[{"$nulls":4},"Valor do BDI =>",434.828622,null,"Valor com BDI =>",null,2085.66]
[{"$nulls":6},"quant. =>","0.18","Preço Total =>",375.42]
[]
["13.2","Código","Banco","Descrição.","Tipo",null,"und","Quant.","Valor Unit","Total"]
["Composição","COMPOSIÇÃO - 23","Próprio","Execução de tamponamento conforme especificação.","SEDI - SERVIÇOS DIVERSOS",null,"m³","1.00",830.77,830.77]
["Composição Auxiliar",87316,"SINAPI","Argamassa traço 1:4 (em volume de cimento e areia grossa úmida) para chapisco convencional, preparo mecânico com betoneira 400 l. af_08/2019.","SEDI - SERVIÇOS DIVERSOS",null,"m³","1.00",595.12,595.12]
["Composição Auxiliar",88316,"SINAPI","Servente com encargos complementares.","SEDI - SERVIÇOS DIVERSOS",null,"h","1.00",21.78,21.78]
["Insumo",4721,"SINAPI","Pedra britada n. 1 (9,5 a 19 mm) posto pedreira/fornecedor, sem frete.","Material",null,"m³","1.00",213.87,213.87]
[{"$nulls":4},"MO sem LS =>",42.88,"ls =>","49.67","MO com LS =>",92.55]
[{"$nulls":4},"Valor do BDI =>",218.82481799999999,null,"Valor com BDI =>",null,1049.5899999999999]
[{"$nulls":6},"quant. =>","0.24","Preço Total =>",251.9]
[]
["13.3","Código","Banco","Descrição.","Tipo",null,"und","Quant.","Valor Unit","Total"]
["Composição","COMPOSIÇÃO - 24","Próprio","Fornecimento e instalação do filtro para revestimento interno ø 4 1/2\".","ASTU - ASSENTAMENTO DE TUBOS E PECAS",null,"m","1.00",101.02,101.02]
["Composição Auxiliar",88316,"SINAPI","Servente com encargos complementares.","SEDI - SERVIÇOS DIVERSOS",null,"h","0.65",21.78,14.16]
["Composição Auxiliar",90776,"SINAPI","Encarregado geral com encargos complementares.","SEDI - SERVIÇOS DIVERSOS",null,"h","0.65",24.18,15.72]
["Insumo","COTAÇÃO-002","Próprio","Fornecimento tubo filtro geomecânico classe reforçado diâmetro ø 4 1/2\" com junta roscável.","Material",null,"m","1.00",71.14,71.14]
[{"$nulls":4},"MO sem LS =>",10.67,"ls =>","12.36","MO com LS =>",23.03]
[{"$nulls":4},"Valor do BDI =>",26.608668000000002,null,"Valor com BDI =>",null,127.63]
[{"$nulls":6},"quant. =>","0.60","Preço Total =>",76.58]
[]
["13.4","Código","Banco","Descrição.","Tipo",null,"und","Quant.","Valor Unit","Total"]
["Composição","COMPOSIÇÃO - 25","Próprio","Fornecimento e instalação do revestimento interno ø 4 1/2\".","ASTU - ASSENTAMENTO DE TUBOS E PECAS",null,"m","1.00",92.25,92.25]
["Composição Auxiliar",88316,"SINAPI","Servente com encargos complementares.","SEDI - SERVIÇOS DIVERSOS",null,"h","0.65",21.78,14.16]
["Composição Auxiliar",90776,"SINAPI","Encarregado geral com encargos complementares.","SEDI - SERVIÇOS DIVERSOS",null,"h","0.65",24.18,15.72]
["Insumo","COTAÇÃO-003","Próprio","Fornecimento tubo revestimento geomecânico classe reforçado ø 4 1/2\" com junta roscável.","Material",null,"m","1.00",62.37,62.37]
[{"$nulls":4},"MO sem LS =>",10.67,"ls =>","12.36","MO com LS =>",23.03]
[{"$nulls":4},"Valor do BDI =>",24.298649999999999,null,"Valor com BDI =>",null,116.55]
[{"$nulls":6},"quant. =>","0.60","Preço Total =>",69.930000000000007]
[]
["13.5","Código","Banco","Descrição.","Tipo",null,"und","Quant.","Valor Unit","Total"]
["Insumo"," M3929 ","SICRO3","Tubo em aço-carbono - e = 3,00 mm e d = 150 mm (6\").","Material",null,"m","1.00",171.2287,171.2287]
[{"$nulls":4},"MO sem LS =>",0,"ls =>","0.00","MO com LS =>",0]
[{"$nulls":4},"Valor do BDI =>",45.1,null,"Valor com BDI =>",null,216.33]
[{"$nulls":6},"quant. =>","9.00","Preço Total =>",1946.97]
[]
["13.6","Código","Banco","Descrição.","Tipo",null,"und","Quant.","Valor Unit","Total"]
["Insumo",41699,"SINAPI","Tubo de revestimento, em aco, corpo schedule 40, ponteira schedule 80, rosqueavel e segmentado para perfuracao, diametro 8.","Material",null,"m","1.00",1554.5,1554.5]
[{"$nulls":4},"MO sem LS =>",0,"ls =>","0.00","MO com LS =>",0]
[{"$nulls":4},"Valor do BDI =>",409.46,null,"Valor com BDI =>",null,1963.96]
[{"$nulls":6},"quant. =>","1.80","Preço Total =>",3535.13]
[]
["13.7","Código","Banco","Descrição.","Tipo",null,"und","Quant.","Valor Unit","Total"]
["Insumo"," M039706073 ","EMBASA","Filtro nold em aço galvanizado dn 6\".","Material",null,"m","1.00",763.9,763.9]
[{"$nulls":4},"MO sem LS =>",0,"ls =>","0.00","MO com LS =>",0]
[{"$nulls":4},"Valor do BDI =>",201.21,null,"Valor com BDI =>",null,965.11]
[{"$nulls":6},"quant. =>","1.20","Preço Total =>",1158.1300000000001]
[]
["13.8","Código","Banco","Descrição.","Tipo",null,"und","Quant.","Valor Unit","Total"]
["Composição","COMPOSIÇÃO - 26","Próprio","Limpeza manual , remoção de cerca, capina e instalação dos equipamentos (área do poço, painéis solares, bebedouro e reservatório).","SEDI - SERVIÇOS DIVERSOS",null,"m²","1.00",1.74,1.74]
["Composição Auxiliar",88316,"SINAPI","Servente com encargos complementares.","SEDI - SERVIÇOS DIVERSOS",null,"h","0.08",21.78,1.74]
[{"$nulls":4},"MO sem LS =>",0.52,"ls =>","0.60","MO com LS =>",1.1200000000000001]
[{"$nulls":4},"Valor do BDI =>",0.458316,null,"Valor com BDI =>",null,2.2000000000000002]
[{"$nulls":6},"quant. =>","70.00","Preço Total =>",154]
[]
[]
[]
[]
[{"$nulls":5},"Total Geral",null,"140782.93"]
[]
[14]

{"sheet":"Crono. - PA - P","index":12,"n_rows":27,"n_cols":15,"rows_kept":27,"cut":false,"hidden":false,"merged":[[0,0,6,14],[7,0,8,14],[23,0,23,1],[23,2,26,2],[24,0,24,1],[25,0,25,1],[26,0,26,1]]}
["OBJETO: EXECUÇÃO DE SERVIÇOS DE PERFURAÇÃO E INSTALAÇÃO DE POÇOS TUBULARES EM MUNICÍPIOS LOCALIZADOS NO ESTADO DO PARÁ, NA ÁREA DE ATUAÇÃO DA CODEVASF"]
[]
[]
[]
[]
[]
[]
["CRONOGRAMA FÍSICO-FINANCEIRO POÇO PARCIALMENTE REVESTIDO"]
[]
["ITEM","ESPECIFICAÇÃO DOS SERVIÇOS","VALOR TOTAL (R$)","Mês 01","Mês 02","Mês 03","Mês 04","Mês 05","Mês 06","Mês 07","Mês 08","Mês 09","Mês 10","Mês 11","Mês 12"]
["1","Serviços preliminares.",36847.199999999997,3070.6,3070.6,3070.6,3070.6,3070.6,3070.6,3070.6,3070.6,3070.6,3070.6,3070.6,3070.6]
["2","Mobilizaçâo e desmobilizaçâo equipes perfuraçâo e instalação.",65520,5460,5460,5460,5460,5460,5460,5460,5460,5460,5460,5460,5460]
["3","Perfuração e completação de poço tubular.",767303.06,63941.921666666669,63941.921666666669,63941.921666666669,63941.921666666669,63941.921666666669,63941.921666666669,63941.921666666669,63941.921666666669,63941.921666666669,63941.921666666669,63941.921666666669,63941.921666666669]
["4","Pós perfuração.",307491.86,25624.321666666667,25624.321666666667,25624.321666666667,25624.321666666667,25624.321666666667,25624.321666666667,25624.321666666667,25624.321666666667,25624.321666666667,25624.321666666667,25624.321666666667,25624.321666666667]
["5","Reservação.",762798.19,63566.515833333331,63566.515833333331,63566.515833333331,63566.515833333331,63566.515833333331,63566.515833333331,63566.515833333331,63566.515833333331,63566.515833333331,63566.515833333331,63566.515833333331,63566.515833333331]
["6","Bebedouro.",54878.720000000001,4573.2266666666665,4573.2266666666665,4573.2266666666665,4573.2266666666665,4573.2266666666665,4573.2266666666665,4573.2266666666665,4573.2266666666665,4573.2266666666665,4573.2266666666665,4573.2266666666665,4573.2266666666665]
["7","Chafariz.",31314.66,2609.5549999999998,2609.5549999999998,2609.5549999999998,2609.5549999999998,2609.5549999999998,2609.5549999999998,2609.5549999999998,2609.5549999999998,2609.5549999999998,2609.5549999999998,2609.5549999999998,2609.5549999999998]
["8","Cavalete.",47950.5,3995.875,3995.875,3995.875,3995.875,3995.875,3995.875,3995.875,3995.875,3995.875,3995.875,3995.875,3995.875]
["9","Instalações hidráulicas.",574324.06000000006,47860.33833333334,47860.33833333334,47860.33833333334,47860.33833333334,47860.33833333334,47860.33833333334,47860.33833333334,47860.33833333334,47860.33833333334,47860.33833333334,47860.33833333334,47860.33833333334]
["10","Estrutura de fixação para módulos fotovoltáicos.",88808.26,7400.6883333333326,7400.6883333333326,7400.6883333333326,7400.6883333333326,7400.6883333333326,7400.6883333333326,7400.6883333333326,7400.6883333333326,7400.6883333333326,7400.6883333333326,7400.6883333333326,7400.6883333333326]
["11","Instalações elétricas e bóia elétrica.",472473.04,39372.753333333334,39372.753333333334,39372.753333333334,39372.753333333334,39372.753333333334,39372.753333333334,39372.753333333334,39372.753333333334,39372.753333333334,39372.753333333334,39372.753333333334,39372.753333333334]
["12","Urbanização.",107871.92,8989.3266666666659,8989.3266666666659,8989.3266666666659,8989.3266666666659,8989.3266666666659,8989.3266666666659,8989.3266666666659,8989.3266666666659,8989.3266666666659,8989.3266666666659,8989.3266666666659,8989.3266666666659]
["13","Outros serviços e insumos excepcionais.",510379.84,42531.653333333335,42531.653333333335,42531.653333333335,42531.653333333335,42531.653333333335,42531.653333333335,42531.653333333335,42531.653333333335,42531.653333333335,42531.653333333335,42531.653333333335,42531.653333333335]
["TOTAL",null,3827961.3099999996,318996.77583333332,318996.77583333332,318996.77583333332,318996.77583333332,318996.77583333332,318996.77583333332,318996.77583333332,318996.77583333332,318996.77583333332,318996.77583333332,318996.77583333332,318996.77583333332]
["PERCENTUAL",null,null,8.3333333333333343E-2,8.3333333333333343E-2,8.3333333333333343E-2,8.3333333333333343E-2,8.3333333333333343E-2,8.3333333333333343E-2,8.3333333333333343E-2,8.3333333333333343E-2,8.3333333333333343E-2,8.3333333333333343E-2,8.3333333333333343E-2,8.3333333333333343E-2]
["CUSTO ACUMULADO",null,null,318996.77583333332,637993.55166666664,956990.3274999999,1275987.1033333333,1594983.8791666667,1913980.655,2232977.4308333332,2551974.2066666665,2870970.9824999999,3189967.7583333333,3508964.5341666667,3827961.31]
["PERCENTUAL ACUMULADO",null,null,8.3333333333333343E-2,0.16666666666666669,0.25,0.33333333333333337,0.41666666666666674,0.50000000000000011,0.58333333333333348,0.66666666666666685,0.75000000000000022,0.83333333333333359,0.91666666666666696,1.0000000000000002]

{"sheet":"Orçamento Sintético - PA - T","index":13,"n_rows":57,"n_cols":12,"rows_kept":57,"cut":false,"hidden":false,"merged":[[0,2,1,5]]}
[null,null,"OBJETO: EXECUÇÃO DE SERVIÇOS DE PERFURAÇÃO E INSTALAÇÃO DE POÇOS TUBULARES EM MUNICÍPIOS LOCALIZADOS NO ESTADO DO PARÁ, NA ÁREA DE ATUAÇÃO DA CODEVASF",{"$nulls":4},"Quantidade de Poços","BDI SERVIÇO","BDI INSUMO","Total","Preço Unitário Por Poço"]
[{"$nulls":7},54,0.26340000000000002,0.15279999999999999,11670912.68,216128.01]
["Item","Código","Banco","TIPO","Descrição.","un.","Mem. calc.","Quanti.","Valor Unit","Valor Unit com BDI","Total","Peso (%)"]
[1,null,null,null,"Serviços preliminares.",{"$nulls":5},180063,1.5428356370840399E-2]
["1.1","COMPOSIÇÃO - 1","Próprio","Serviço","Administração local da obra - poço totalmente revestido.","un.",1,54,1745.2,2204.89,119064.06,1.0201777981257246E-2]
["1.2","COMPOSIÇÃO - 2","Próprio","Serviço","Serviço de locação geológica de campo com relatório hidro geológico e perfil construtivo e geológico esperado. relatório de viabilidade de implantação das estruturas e vistorias preliminares.","un.",1,54,589.5,744.77,40217.58,3.4459670038418967E-3]
["1.3",103689,"SINAPI","Insumo","Fornecimento e instalação de placa de obra com chapa galvanizada e estrutura de madeira. .","m²",0.72,38.880000000000003,463.65,534.5,20781.36,1.7806113857412565E-3]
[2,null,null,null,"Mobilizaçâo e desmobilizaçâo equipe campo.",{"$nulls":5},136080,1.165975650157979E-2]
["2.1","COMPOSIÇÃO - 3","Próprio","Serviço","Transporte de comboio perfuração.","km",150,8100,4.71,5.95,48195,4.1294970943095083E-3]
["2.2","COMPOSIÇÃO - 4","Próprio","Serviço","Transporte de comboio instalação.","km",150,8100,5.97,7.54,61074,5.2330097632090249E-3]
["2.3","COMPOSIÇÃO - 5","Próprio","Serviço","Transporte de equipe teste de vazão.","km",150,8100,2.62,3.31,26811,2.2972496440612561E-3]
[3,null,null,null,"Perfuração e completação de poço tubular.",{"$nulls":5},5655994.7800000003,0.48462317687394441]
["3.1","COMPOSIÇÃO - 6","Próprio","Serviço","Perfuração diâmetro de ø 12 1/4\" em rocha - incluso mão de obra para instalação do revestimento e completação anelar.","m",150,8100,326.51,412.51,3341331,0.28629560443254043]
["3.2",5073,"ORSE","Insumo","Fornecimento de pré-filtro comum m3.","m³",7.5138999999999996,405.75,1619.38,1866.82,757462.22,6.4901712553983401E-2]
["3.3",5091,"ORSE","Insumo","Revestimento filtro pvc geomecânico reforçado dn 150mm.","m",15,810,221.38,255.21,206720.1,1.7712419385524869E-2]
["3.4",5024,"ORSE","Insumo","Centralizador em 6\".","un.",10,540,267.02,307.82,166222.79999999999,1.4242485104429724E-2]
["3.5",9850,"SINAPI","Insumo","Tubo pvc de revestimento geomecanico nervurado reforcado, dn = 150 mm, comprimento = 2 m.","m",134,7236,134.88,155.49,1125125.6399999999,9.6404254821311874E-2]
["3.6","COMPOSIÇÃO - 7","Próprio","Serviço","Serviço de lançamento cimentação anelar, incluso materiais.","m³",1.6,86.4,541.72,684.41,59133.02,5.0667005761540831E-3]
[4,null,null,null,"Pós perfuração.",{"$nulls":5},657914.93999999994,5.6372192821512908E-2]
["4.1",6305,"ORSE","Serviço ","Desenvolvimento com compressor 250psi / 750cfm.","h",2,108,411.16,473.99,51190.92,4.3861968128442886E-3]
["4.2","COMPOSIÇÃO - 8","Próprio","Serviço","Inspeção ótica em poço tubular câmera com rotação de 360º, visada lateral, com fonte própria de luz, entregue vídeo em cores e marcação de profundidades.","m",150,8100,9.42,11.9,96390,8.2589941886190166E-3]
["4.3","COMPOSIÇÃO - 9","Próprio","Serviço","Serviço de coleta e análise físico-química e bacteriológica.","un.",1,54,621.19000000000005,784.81,42379.74,3.6312275793669978E-3]
["4.4","COMPOSIÇÃO - 10","Próprio","Serviço","Serviço de instalação de laje sanitária com dimensões (1,5x1,5x0,3) , incluso material.","un.",1,54,727.86,919.58,49657.32,4.254793207826485E-3]
["4.5","24.80.22","EMBASA","Serviço","Ensaio de bombeamento poço tubular incluso materiais e grupo gerador.","h",24,1296,255.47,322.76,418296.96,3.5840981032856122E-2]
[5,null,null,null,"Reservação.",{"$nulls":5},1584273.17,0.13574543940465844]
["5.1","COMPOSIÇÃO - 11","Próprio","Serviço","Fornecimento e instalação de reservatório e base elevada 10 m³.","un.",0.8,43.2,27433.51,34659.5,1497290.4,0.12829248586238243]
["5.2","COMPOSIÇÃO - 12","Próprio","Serviço","Fornecimento e execução de reservatório apoiado de 5 m³.","un.",0.2,10.8,6374.83,8053.96,86982.77,7.4529535422760106E-3]
[6,null,null,null,"Bebedouro.",{"$nulls":5},113978.88,9.7660639853232121E-3]
["6.1","COMPOSIÇÃO - 13","Próprio","Serviço","Serviço de execução do bebedouro em concreto armado, incluso materiais.","un.",1,54,1670.67,2110.7199999999998,113978.88,9.7660639853232121E-3]
[7,null,null,null,"Chafariz.",{"$nulls":5},65038.14,5.5726695746300455E-3]
["7.1","COMPOSIÇÃO - 14","Próprio","Serviço","Fornecimento de material e instalação do chafariz.","un.",1,54,953.31,1204.4100000000001,65038.14,5.5726695746300455E-3]
[8,null,null,null,"Cavalete.",{"$nulls":5},99589.5,8.5331372730311616E-3]
["8.1","COMPOSIÇÃO - 15","Próprio","Serviço","Fornecimento de conexões e instalação do cavalete com hidrômetro e clorador de pastilhas.","un.",1,54,1459.75,1844.25,99589.5,8.5331372730311616E-3]
[9,null,null,null,"Instalações hidráulicas poço e adutora.",{"$nulls":5},1192826.8899999999,0.10220510792134553]
["9.1","COMPOSIÇÃO - 16","Próprio","Serviço","Fornecimento e instalação da rede adutora poço-reservatório-bebedouro em pn80 e dn50mm.","m",400,21600,30.43,38.450000000000003,830520,7.1161529759641726E-2]
["9.2","COMPOSIÇÃO - 17","Próprio","Serviço","Montagem hidráulica do equipamento de bombeamento.","un.",1,54,144.47999999999999,182.54,9857.16,8.4459204436443446E-4]
["9.3",38200,"SINAPI","Insumo","Corda de poliamida 12 mm tipo bombeiro, para trabalho em altura.","100m",0.93,50.22,840.85,969.33,48679.75,4.1710319779378214E-3]
["9.4",9860,"SINAPI","Insumo","Tubo pvc, roscavel, 2\", para agua fria predial.","m",90,4860,46.64,53.77,261322.2,2.2390896681783762E-2]
["9.5",3912,"SINAPI","Insumo","Luva de ferro galvanizado, com rosca bsp, de 2\".","un.",16,864,35.909999999999997,41.4,35769.599999999999,3.0648502804152588E-3]
["9.6",5128,"ORSE","Insumo","Tampa de poço galvanizada em 6\" un.","un.",1,54,107.28,123.67,6678.18,5.7220717720252883E-4]
[10,null,null,null,"Estrutura de fixação para módulos fotovoltáicos.",{"$nulls":5},276671.89,2.3706105733626311E-2]
["10.1","COMPOSIÇÃO - 18","Próprio","Serviço","Serviço de fixação de estruturas para os módulos fotovoltaicos e suportes de concreto, incluso materiais.","m²",15.18,819.72,267.14999999999998,337.52,276671.89,2.3706105733626311E-2]
[11,null,null,null,"Instalações elétricas.",{"$nulls":5},1109373.8400000001,9.5054591737379027E-2]
["11.1","COMPOSIÇÃO - 19","Próprio","Serviço","Montagem e instalação elétrica do kit de bombeamento e sistema fotovoltaico inclusive sistema de aterramento.","un.",1,54,1142.77,1443.78,77964.12,6.6802076356551063E-3]
["11.2","00034622","SINAPI","Insumo","Fornecimento de cabo flexivel pvc 750 v, 3 condutores de 6,0 mm2.","m",105,5670,23.63,27.24,154450.79999999999,1.3233823629293059E-2]
["11.3","COMPOSIÇÃO - 20","Próprio","Serviço","Fornecimento e instalação de automático de bóia superior e inferior.","un.",1,54,60.95,77,4158,3.5627033754827135E-4]
["11.4","00039257","SINAPI","Insumo","Cabo multipolar de cobre, flexivel, classe 4 ou 5, isolacao em hepr, cobertura em pvc-st2, antichama bwf-b, 0,6/1 kv, 3 condutores de 1,5 mm2.","m",200,10800,6.42,7.4,79920,6.8477935009278127E-3]
["11.5","COTAÇÃO-001","Próprio","Serviço","Fornecimento de kit de bombeamento fotovoltaico, incluindo uma bomba cc de 2200w com controladora de carga externa, caixa de proteção metálica, módulos fotovoltaicos compatíveis com a geração de 3300wp além de componentes elétricos necessários para interligação dos painéis, como cabos, conectores mc4 e presilhas de fixação.","un.",1,54,11621.8,14682.98,792880.92,6.7936496633954777E-2]
[12,null,null,null,"Urbanização.",{"$nulls":5},224041.68,1.9196586089100961E-2]
["12.1","COMPOSIÇÃO - 21","Próprio","Serviço","Cerca com mourões de concreto de 15x15cm, espaçados de 3m e cravados a 0,5m, escoras de 10x10cm nos cantos, e 9 fios de arame de aço ovalado 15x17.","m",28,1512,85.59,108.13,163492.56,1.4008549672398028E-2]
["12.2","COMPOSIÇÃO - 22","Próprio","Serviço","Serviço de instalação de portão de ferro com suporte e batedor conforme projeto, incluso material.","m²",1.5,81,591.66999999999996,747.52,60549.120000000003,5.1880364167029309E-3]
[13,null,null,null,"Outros serviços e insumos excepcionais.",{"$nulls":5},375065.97,3.2136815713027851E-2]
["13.1","COMPOSIÇÃO - 23","Próprio","Serviço","Execução de tamponamento conforme especificação.","m³",0.08,4.32,830.77,1049.5899999999999,4534.2299999999996,3.8850689096236129E-4]
["13.2",13747,"ORSE","Insumo","Revestimento tubo liso aço sch-40 em 12\".","m",6,324,921.04,1061.77,344013.48,2.9476142049243745E-2]
["13.3","M3929","SICRO3","Insumo","Tubo em aço-carbono - e = 3,00 mm e d = 150 mm (6\").","m",1.44,77.760000000000005,171.2287,197.39,15349.05,1.3151542146573579E-3]
["13.4","M039706073","EMBASA","Insumo","Filtro nold em aço galvanizado dn 6\".","m",0.06,3.24,763.9,880.62,2853.21,2.4447188306784591E-4]
["13.5","COMPOSIÇÃO - 24","Próprio","Serviço","Limpeza manual , remoção de cerca, capina e instalação dos equipamentos (área do poço, painéis solares, bebedouro e reservatório).","m²",70,3780,1.74,2.2000000000000002,8316,7.1254067509654269E-4]

{"sheet":"Orçamento Analítico - PA - T","index":14,"n_rows":427,"n_cols":10,"rows_kept":427,"cut":false,"hidden":false,"merged":[[369,4,369,5],[370,4,370,5],[336,7,336,8],[339,4,339,5],[340,4,340,5],[342,7,342,8],[359,7,359,8],[365,7,365,8],[368,5,368,6],[345,4,345,5],[346,4,346,5],[347,4,347,5],[348,4,348,5],[349,4,349,5],[350,4,350,5],[353,7,353,8],[351,4,351,5],[356,4,356,5],[357,4,357,5],[362,4,362,5],[363,4,363,5],[326,4,326,5],[327,4,327,5],[328,4,328,5],[329,4,329,5],[330,4,330,5],[331,4,331,5],[332,4,332,5],[333,4,333,5],[334,4,334,5],[421,4,421,5],[422,4,422,5],[423,4,423,5],[418,7,418,8],[425,7,425,8],[398,4,398,5],[400,7,400,8],[403,4,403,5],[404,4,404,5],[406,7,406,8],[409,4,409,5],[412,7,412,8],[390,7,390,8],[393,5,393,6],[394,4,394,5],[395,4,395,5],[396,4,396,5],[397,4,397,5],[410,4,410,5],[415,4,415,5],[416,4,416,5],[379,7,379,8],[377,4,377,5],[382,4,382,5],[383,4,383,5],[384,4,384,5],[385,4,385,5],[386,4,386,5],[387,4,387,5],[388,4,388,5],[302,4,302,5],[303,4,303,5],[305,7,305,8],[371,4,371,5],[372,4,372,5],[373,4,373,5],[374,4,374,5],[375,4,375,5],[376,4,376,5],[308,5,308,6],[309,4,309,5],[310,4,310,5],[311,4,311,5],[312,4,312,5],[313,4,313,5],[314,4,314,5],[315,4,315,5],[316,4,316,5],[318,7,318,8],[321,5,321,6],[322,4,322,5],[323,4,323,5],[324,4,324,5],[325,4,325,5],[291,4,291,5],[296,4,296,5],[297,4,297,5],[299,7,299,8],[290,4,290,5],[293,7,293,8],[281,7,281,8],[284,4,284,5],[285,4,285,5],[287,7,287,8],[221,4,221,5],[222,4,222,5],[223,4,223,5],[224,4,224,5],[225,4,225,5],[226,4,226,5],[227,4,227,5],[228,4,228,5],[229,4,229,5],[230,4,230,5],[231,4,231,5],[232,4,232,5],[233,4,233,5],[234,4,234,5],[235,4,235,5],[236,4,236,5],[237,4,237,5],[238,4,238,5],[240,7,240,8],[243,5,243,6],[244,4,244,5],[245,4,245,5],[273,7,273,8],[276,4,276,5],[277,4,277,5],[278,4,278,5],[279,4,279,5],[262,7,262,8],[265,5,265,6],[266,4,266,5],[267,4,267,5],[268,4,268,5],[213,7,213,8],[216,5,216,6],[217,4,217,5],[218,4,218,5],[219,4,219,5],[220,4,220,5],[269,4,269,5],[270,4,270,5],[271,4,271,5],[246,4,246,5],[247,4,247,5],[248,4,248,5],[249,4,249,5],[250,4,250,5],[251,4,251,5],[252,4,252,5],[253,4,253,5],[254,4,254,5],[255,4,255,5],[256,4,256,5],[257,4,257,5],[258,4,258,5],[259,4,259,5],[260,4,260,5],[187,7,187,8],[190,5,190,6],[191,4,191,5],[192,4,192,5],[193,4,193,5],[194,4,194,5],[195,4,195,5],[196,4,196,5],[211,4,211,5],[203,4,203,5],[204,4,204,5],[205,4,205,5],[206,4,206,5],[207,4,207,5],[208,4,208,5],[209,4,209,5],[210,4,210,5],[197,4,197,5],[198,4,198,5],[199,4,199,5],[200,4,200,5],[201,4,201,5],[202,4,202,5],[170,7,170,8],[160,4,160,5],[161,4,161,5],[162,4,162,5],[163,4,163,5],[164,4,164,5],[165,4,165,5],[166,4,166,5],[173,4,173,5],[153,4,153,5],[154,4,154,5],[155,4,155,5],[156,4,156,5],[157,4,157,5],[158,4,158,5],[159,4,159,5],[167,4,167,5],[168,4,168,5],[181,4,181,5],[182,4,182,5],[183,4,183,5],[184,4,184,5],[185,4,185,5],[137,4,137,5],[138,4,138,5],[143,5,143,6],[144,4,144,5],[145,4,145,5],[146,4,146,5],[147,4,147,5],[148,4,148,5],[149,4,149,5],[174,4,174,5],[175,4,175,5],[176,4,176,5],[177,4,177,5],[178,4,178,5],[179,4,179,5],[180,4,180,5],[150,4,150,5],[151,4,151,5],[152,4,152,5],[120,4,120,5],[125,4,125,5],[126,4,126,5],[127,4,127,5],[128,4,128,5],[129,4,129,5],[130,4,130,5],[135,4,135,5],[136,4,136,5],[122,7,122,8],[132,7,132,8],[140,7,140,8],[76,4,76,5],[77,4,77,5],[79,7,79,8],[82,4,82,5],[83,4,83,5],[88,4,88,5],[89,4,89,5],[94,4,94,5],[95,4,95,5],[96,4,96,5],[101,5,101,6],[102,4,102,5],[103,4,103,5],[104,4,104,5],[109,4,109,5],[110,4,110,5],[111,4,111,5],[112,4,112,5],[117,4,117,5],[118,4,118,5],[119,4,119,5],[67,7,67,8],[70,4,70,5],[71,4,71,5],[73,7,73,8],[85,7,85,8],[91,7,91,8],[98,7,98,8],[106,7,106,8],[114,7,114,8],[54,4,54,5],[55,4,55,5],[56,4,56,5],[58,7,58,8],[61,5,61,6],[62,4,62,5],[63,4,63,5],[64,4,64,5],[65,4,65,5],[39,4,39,5],[40,4,40,5],[42,7,42,8],[45,4,45,5],[46,4,46,5],[47,4,47,5],[48,4,48,5],[50,7,50,8],[53,4,53,5],[27,4,27,5],[28,4,28,5],[29,4,29,5],[30,4,30,5],[31,4,31,5],[33,7,33,8],[36,5,36,6],[37,4,37,5],[38,4,38,5],[15,4,15,5],[16,4,16,5],[17,4,17,5],[18,4,18,5],[20,7,20,8],[23,4,23,5],[24,4,24,5],[25,4,25,5],[26,4,26,5],[0,2,2,7],[3,0,3,9],[5,5,5,6],[6,4,6,5],[7,4,7,5],[8,4,8,5],[11,7,11,8],[9,4,9,5],[14,4,14,5]]}
[null,null,"OBJETO: EXECUÇÃO DE SERVIÇOS DE PERFURAÇÃO E INSTALAÇÃO DE POÇOS TUBULARES EM MUNICÍPIOS LOCALIZADOS NO ESTADO DO PARÁ, NA ÁREA DE ATUAÇÃO DA CODEVASF"]
[]
[]
["PLANILHA ANALÍTICA - POÇO TOTALMENTE REVESTIDO - PARÁ"]
[]
[1,null,null,"Serviços preliminares.",{"$nulls":5},3371.42]
["1.1","Código","Banco","Descrição.","Tipo",null,"Und","Quant.","Valor Unit","Total"]
["Composição","COMPOSIÇÃO - 1","Próprio","Administração local da obra - poço totalmente revestido.","CANT - CANTEIRO DE OBRAS",null,"un","1.00",1745.2,1745.2]
["Composição Auxiliar",12710,"SBC","Despesas gerais de manutencao canteiro de obras.","INSTALACOES PROVISORIAS",null,"mes","0.23",1805.82,415.34]
["Composição Auxiliar",100321,"SINAPI","Técnico em segurança do trabalho com encargos complementares.","SEDI - SERVIÇOS DIVERSOS",null,"mes","0.23",5781.98,1329.86]
[{"$nulls":4},"MO sem LS =>",571.63,"ls =>","662.01","MO com LS =>",1233.6400000000001]
[{"$nulls":4},"Valor do BDI =>",459.69,null,"Valor com BDI =>",null,2204.89]
[{"$nulls":6},"quant. =>","1.00","Preço Total =>",2204.89]
[]
["1.2","Código","Banco","Descrição.","Tipo",null,"und","Quant.","Valor Unit","Total"]
["Composição","COMPOSIÇÃO - 2","Próprio","Serviço de locação geológica de campo com relatório hidro geológico e perfil construtivo e geológico esperado. relatório de viabilidade de implantação das estruturas e vistorias preliminares.","SERT - SERVIÇOS TÉCNICOS",null,"un","1.00",589.5,589.5]
["Composição Auxiliar","1945-01-30","EMBASA","Geologo senior.",3001,null,"hora","5.00",97.41,487.05]
["Insumo",5896,"ORSE","Veículo tipo sedan ou pick-up capacidade 0,6 ton h.","Equipamento",null,"h","5.00",8.33,41.65]
["Insumo",4222,"SINAPI","Gasolina comum.","Material",null,"l","10.00",6.08,60.8]
[{"$nulls":4},"MO sem LS =>",225.68,"ls =>","261.37","MO com LS =>",487.05]
[{"$nulls":4},"Valor do BDI =>",155.27000000000001,null,"Valor com BDI =>",null,744.77]
[{"$nulls":6},"quant. =>","1.00","Preço Total =>",744.77]
[]
["1.3","Código","Banco","Descrição.","Tipo",null,"und","Quant.","Valor Unit","Total"]
["Composição",103689,"SINAPI","Fornecimento e instalação de placa de obra com chapa galvanizada e estrutura de madeira. af_03/2022_ps.","PAVI - PAVIMENTAÇÃO",null,"m²","1.00",463.65,463.65]
["Composição Auxiliar",102234,"SINAPI","Pintura imunizante para madeira, 2 demãos. af_01/2021.","PINT - PINTURAS",null,"m²","0.50",23.67,11.84]
["Composição Auxiliar",88262,"SINAPI","Carpinteiro de formas com encargos complementares.","SEDI - SERVIÇOS DIVERSOS",null,"h","0.37",26.91,10.029999999999999]
["Composição Auxiliar",88316,"SINAPI","Servente com encargos complementares.","SEDI - SERVIÇOS DIVERSOS",null,"h","2024-12-01",21.78,24.36]
["Insumo",4509,"SINAPI","Sarrafo *2,5 x 10* cm em pinus, mista ou equivalente da regiao - bruta.","Material",null,"m","3.21",5.25,16.84]
["Insumo",4813,"SINAPI","Placa de obra (para construcao civil) em chapa galvanizada *n. 22*, adesivada, de *2,4 x 1,2* m (sem postes para fixacao).","Material",null,"m²","1.00",400,400]
["Insumo",5065,"SINAPI","Prego de aco polido com cabeca 10 x 10 (7/8 x 17).","Material",null,"kg","0.01",31.64,0.36]
["Insumo",5069,"SINAPI","Prego de aco polido com cabeca 17 x 27 (2 1/2 x 11).","Material",null,"kg","0.01",16.95,0.22]
[{"$nulls":4},"MO sem LS =>",12.57,"ls =>","14.57","MO com LS =>",27.14]
[{"$nulls":4},"Valor do BDI =>",122.13,null,"Valor com BDI =>",null,585.78]
[{"$nulls":6},"quant. =>","0.72","Preço Total =>",421.76]
[]
[2,null,null,"Mobilizaçâo e desmobilizaçâo equipe campo.",{"$nulls":5},2520]
["2.1","Código","Banco","Descrição.","Tipo",null,"und","Quant.","Valor Unit","Total"]
["Composição","COMPOSIÇÃO - 3","Próprio","Transporte de comboio perfuração.","TRAN - TRANSPORTES, CARGAS E DESCARGAS",null,"km","1.00",4.71,4.71]
["Composição Auxiliar",5824,"SINAPI","Caminhão toco, pbt 16.000 kg, carga útil máx. 10.685 kg, dist. entre eixos 4,8 m, potência 189 cv, inclusive carroceria fixa aberta de madeira p/ transporte geral de carga seca, dimen. aprox. 2,5 x 7,00 x 0,50 m - chp diurno. af_06/2014.","CHOR - CUSTOS HORÁRIOS DE MÁQUINAS E EQUIPAMENTOS",null,"chp","0.02",223.53,3.72]
["Composição Auxiliar",5826,"SINAPI","Caminhão toco, pbt 16.000 kg, carga útil máx. 10.685 kg, dist. entre eixos 4,8 m, potência 189 cv, inclusive carroceria fixa aberta de madeira p/ transporte geral de carga seca, dimen. aprox. 2,5 x 7,00 x 0,50 m - chi diurno. af_06/2014.","CHOR - CUSTOS HORÁRIOS DE MÁQUINAS E EQUIPAMENTOS",null,"chi","0.02",59.63,0.99]
[{"$nulls":4},"MO sem LS =>",0.31,"ls =>","0.37","MO com LS =>",0.68]
[{"$nulls":4},"Valor do BDI =>",1.24,null,"Valor com BDI =>",null,5.95]
[{"$nulls":6},"quant. =>","150.00","Preço Total =>",892.5]
[]
["2.2","Código","Banco","Descrição.","Tipo",null,"und","Quant.","Valor Unit","Total"]
["Composição","COMPOSIÇÃO - 4","Próprio","Transporte de comboio instalação.","TRAN - TRANSPORTES, CARGAS E DESCARGAS",null,"km","1.00",5.97,5.97]
["Composição Auxiliar",5928,"SINAPI","Guindauto hidráulico, capacidade máxima de carga 6200 kg, momento máximo de carga 11,7 tm, alcance máximo horizontal 9,70 m, inclusive caminhão toco pbt 16.000 kg, potência de 189 cv - chp diurno. af_06/2014.","CHOR - CUSTOS HORÁRIOS DE MÁQUINAS E EQUIPAMENTOS",null,"chp","0.02",287.44,4.79]
["Composição Auxiliar",5930,"SINAPI","Guindauto hidráulico, capacidade máxima de carga 6200 kg, momento máximo de carga 11,7 tm, alcance máximo horizontal 9,70 m, inclusive caminhão toco pbt 16.000 kg, potência de 189 cv - chi diurno. af_06/2014.","CHOR - CUSTOS HORÁRIOS DE MÁQUINAS E EQUIPAMENTOS",null,"chi","0.02",70.86,1.18]
[{"$nulls":4},"MO sem LS =>",0.35,"ls =>","0.41","MO com LS =>",0.76]
[{"$nulls":4},"Valor do BDI =>",1.57,null,"Valor com BDI =>",null,7.54]
[{"$nulls":6},"quant. =>","150.00","Preço Total =>",1131]
[]
["2.3","Código","Banco","Descrição.","Tipo",null,"und","Quant.","Valor Unit","Total"]
["Composição","COMPOSIÇÃO - 5","Próprio","Transporte de equipe teste de vazão.","TRAN - TRANSPORTES, CARGAS E DESCARGAS",null,"km","1.00",2.62,2.62]
["Composição Auxiliar",73467,"SINAPI","Caminhão toco, pbt 14.300 kg, carga útil máx. 9.710 kg, dist. entre eixos 3,56 m, potência 185 cv, inclusive carroceria fixa aberta de madeira p/ transporte geral de carga seca, dimen. aprox. 2,50 x 6,50 x 0,50 m - chp diurno. af_06/2014.","CHOR - CUSTOS HORÁRIOS DE MÁQUINAS E EQUIPAMENTOS",null,"chp","0.01",258.58,2.15]
["Composição Auxiliar",91395,"SINAPI","Caminhão toco, pbt 14.300 kg, carga útil máx. 9.710 kg, dist. entre eixos 3,56 m, potência 185 cv, inclusive carroceria fixa aberta de madeira p/ transporte geral de carga seca, dimen. aprox. 2,50 x 6,50 x 0,50 m - chi diurno. af_06/2014.","CHOR - CUSTOS HORÁRIOS DE MÁQUINAS E EQUIPAMENTOS",null,"chi","0.01",56.77,0.47]
[{"$nulls":4},"MO sem LS =>",0.15,"ls =>","0.19","MO com LS =>",0.34]
[{"$nulls":4},"Valor do BDI =>",0.69,null,"Valor com BDI =>",null,3.31]
[{"$nulls":6},"quant. =>","150.00","Preço Total =>",496.5]
[]
[3,null,null,"Perfuração e completação de poço tubular.",{"$nulls":5},106346.97]
["3.1","Código","Banco","Descrição.","Tipo",null,"und","Quant.","Valor Unit","Total"]
["Composição","COMPOSIÇÃO - 6","Próprio","Perfuração diâmetro de ø 12 1/4\" em rocha - incluso mão de obra para instalação do revestimento e completação anelar.","SERT - SERVIÇOS TÉCNICOS",null,"m","1.00",326.51,326.51]
["Composição Auxiliar",6224,"ORSE","Perfuração em sedimento / camadas inconsolidadas dn 12.1/2\" - poço de 150 a 250m.","Conversão InfoWOrca",null,"m","1.00",318.61,318.61]
["Insumo",43366,"SINAPI","Bentonita, argila constituida por montmorilonita.","Material",null,"kg","5.00",1.58,7.9]
[{"$nulls":4},"MO sem LS =>",0,"ls =>","0.00","MO com LS =>",0]
[{"$nulls":4},"Valor do BDI =>",86,null,"Valor com BDI =>",null,412.51]
[{"$nulls":6},"quant. =>","150.00","Preço Total =>",61876.5]
[]
["3.2","Código","Banco","Descrição.","Tipo",null,"und","Quant.","Valor Unit","Total"]
["Insumo",5073,"ORSE","Fornecimento de pré-filtro comum m3.","Serviços",null,"m³","1.00",1619.38,1619.38]
[{"$nulls":4},"MO sem LS =>",0,"ls =>","0.00","MO com LS =>",0]
[{"$nulls":4},"Valor do BDI =>",247.44,null,"Valor com BDI =>",null,1866.82]
[{"$nulls":6},"quant. =>","6.96","Preço Total =>",12993.07]
[]
["3.3","Código","Banco","Descrição.","Tipo",null,"und","Quant.","Valor Unit","Total"]
["Insumo",5091,"ORSE","Revestimento filtro pvc geomecânico reforçado dn 150mm.","Serviços",null,"m","1.00",221.38,221.38]
[{"$nulls":4},"MO sem LS =>",0,"ls =>","0.00","MO com LS =>",0]
[{"$nulls":4},"Valor do BDI =>",58.31,null,"Valor com BDI =>",null,279.69]
[{"$nulls":6},"quant. =>","16.00","Preço Total =>",4475.04]
[]
["3.4","Código","Banco","Descrição.","Tipo",null,"und","Quant.","Valor Unit","Total"]
["Insumo",5024,"ORSE","Centralizador em 6\".","Serviços",null,"un","1.00",267.02,267.02]
[{"$nulls":4},"MO sem LS =>",0,"ls =>","0.00","MO com LS =>",0]
[{"$nulls":4},"Valor do BDI =>",70.33,null,"Valor com BDI =>",null,337.35]
[{"$nulls":6},"quant. =>","10.00","Preço Total =>",3373.5]
[]
["3.5","Código","Banco","Descrição.","Tipo",null,"und","Quant.","Valor Unit","Total"]
["Insumo",9850,"SINAPI","Tubo pvc de revestimento geomecanico nervurado reforcado, dn = 150 mm, comprimento = 2 m.","Material",null,"m","1.00",134.88,134.88]
[{"$nulls":4},"MO sem LS =>",0,"ls =>","0.00","MO com LS =>",0]
[{"$nulls":4},"Valor do BDI =>",35.53,null,"Valor com BDI =>",null,170.41]
[{"$nulls":6},"quant. =>","134.00","Preço Total =>",22834.94]
[]
["3.6","Código","Banco","Descrição.","Tipo",null,"und","Quant.","Valor Unit","Total"]
["Composição","COMPOSIÇÃO - 7","Próprio","Serviço de lançamento cimentação anelar, incluso materiais.","SEDI - SERVIÇOS DIVERSOS",null,"m³","1.00",541.72,541.72]
["Composição Auxiliar",1903,"ORSE","Argamassa cimento e areia traço t-1 (1:3) - 1 saco cimento 50kg / 3 padiolas areia dim. 0.35 x 0.45 x 0.23 m - confecção mecânica e transporte.","Argamassas",null,"m³","1.00",541.72,541.72]
[{"$nulls":4},"MO sem LS =>",25.3,"ls =>","29.30","MO com LS =>",54.6]
[{"$nulls":4},"Valor do BDI =>",142.69,null,"Valor com BDI =>",null,684.41]
[{"$nulls":6},"quant. =>","1.16","Preço Total =>",793.92]
[]
[4,null,null,"Pós perfuração.",{"$nulls":5},12274.55]
["4.1","Código","Banco","Descrição.","Tipo",null,"und","Quant.","Valor Unit","Total"]
["Composição",6305,"ORSE","Desenvolvimento com compressor 250psi / 750cfm.","Conversão InfoWOrca",null,"h","1.00",411.16,411.16]
["Insumo",5030,"ORSE","Desenvolvimento com compressor 250psi - 750cfm h.","Serviços",null,"h","1.00",411.16,411.16]
[{"$nulls":4},"MO sem LS =>",0,"ls =>","0.00","MO com LS =>",0]
[{"$nulls":4},"Valor do BDI =>",108.3,null,"Valor com BDI =>",null,519.46]
[{"$nulls":6},"quant. =>","2.00","Preço Total =>",1038.92]
[]
["4.2","Código","Banco","Descrição.","Tipo",null,"und","Quant.","Valor Unit","Total"]
["Composição","COMPOSIÇÃO - 8","Próprio","Inspeção ótica em poço tubular câmera com rotação de 360º, visada lateral, com fonte própria de luz, entregue vídeo em cores e marcação de profundidades.","SEES - SERVIÇOS ESPECIAIS",null,"m","1.00",9.42,9.42]
["Insumo","H020050004","EMBASA","Aparelho de perfilagem optica.","Material",null,"m","1.00",4.4000000000000004,4.4000000000000004]
["Insumo","B590000022","EMBASA","Tecnico medio.","Mão de Obra",null,"h","0.08",60.15,5.0199999999999996]
[{"$nulls":4},"MO sem LS =>",2.33,"ls =>","2.69","MO com LS =>",5.0199999999999996]
[{"$nulls":4},"Valor do BDI =>",2.48,null,"Valor com BDI =>",null,11.9]
[{"$nulls":6},"quant. =>","150.00","Preço Total =>",1785]
[]
["4.3","Código","Banco","Descrição.","Tipo",null,"und","Quant.","Valor Unit","Total"]
["Composição","COMPOSIÇÃO - 9","Próprio","Serviço de coleta e análise físico-química e bacteriológica.","SEDI - SERVIÇOS DIVERSOS",null,"un","1.00",621.19000000000005,621.19000000000005]
["Composição Auxiliar",6312,"ORSE","Análise físico-química da água.","Conversão InfoWOrca",null,"un","1.00",565.21,565.21]
["Composição Auxiliar",6313,"ORSE","Análise bacteriológica da água.","Conversão InfoWOrca",null,"un","1.00",55.98,55.98]
[{"$nulls":4},"MO sem LS =>",0,"ls =>","0.00","MO com LS =>",0]
[{"$nulls":4},"Valor do BDI =>",163.62,null,"Valor com BDI =>",null,784.81]
[{"$nulls":6},"quant. =>","1.00","Preço Total =>",784.81]
[]
["4.4","Código","Banco","Descrição.","Tipo",null,"und","Quant.","Valor Unit","Total"]
["Composição","COMPOSIÇÃO - 10","Próprio","Serviço de instalação de laje sanitária com dimensões (1,5x1,5x0,3) , incluso material.","SEDI - SERVIÇOS DIVERSOS",null,"un","1.00",727.86,727.86]
["Composição Auxiliar",92522,"SINAPI","Montagem e desmontagem de fôrma de laje maciça, pé-direito simples, em chapa de madeira compensada resinada, 8 utilizações. af_09/2020.","FUES - FUNDAÇÕES E ESTRUTURAS",null,"m²","1.80",39.31,70.760000000000005]
["Composição Auxiliar",93358,"SINAPI","Escavação manual de vala com profundidade menor ou igual a 1,30 m. af_02/2021.","MOVT - MOVIMENTO DE TERRA",null,"m³","0.23",86.16,19.39]
["Composição Auxiliar",94975,"SINAPI","Concreto fck = 15mpa, traço 1:3,4:3,5 (em massa seca de cimento/ areia média/ brita 1) - preparo manual. af_05/2021.","FUES - FUNDAÇÕES E ESTRUTURAS",null,"m³","0.68",648.73,437.89]
["Composição Auxiliar",103670,"SINAPI","Lançamento com uso de baldes, adensamento e acabamento de concreto em estruturas. af_02/2022.","FUES - FUNDAÇÕES E ESTRUTURAS",null,"m³","0.68",296.02999999999997,199.82]
[{"$nulls":4},"MO sem LS =>",104.78,"ls =>","121.34","MO com LS =>",226.12]
[{"$nulls":4},"Valor do BDI =>",191.72,null,"Valor com BDI =>",null,919.58]
[{"$nulls":6},"quant. =>","1.00","Preço Total =>",919.58]
[]
["4.5","Código","Banco","Descrição.","Tipo",null,"und","Quant.","Valor Unit","Total"]
["Composição","24.80.22","EMBASA","Ensaio de bombeamento poço tubular incluso materiais e grupo gerador.",2480,null,"h","1.00",255.47,255.47]
["Composição Auxiliar","24.00.15","EMBASA","Equipe (3 profissionais campo) - bombeio.",2400,null,"h","1.00",190.55,190.55]
["Insumo","H020050001","EMBASA","Unidade de ensaio e bombeamento - ueb1 ate 150m3 no sedimento.","Material",null,"h","1.00",64.92,64.92]
[{"$nulls":4},"MO sem LS =>",88.3,"ls =>","102.25","MO com LS =>",190.55]
[{"$nulls":4},"Valor do BDI =>",67.290000000000006,null,"Valor com BDI =>",null,322.76]
[{"$nulls":6},"quant. =>","24.00","Preço Total =>",7746.24]
[]
[5,null,null,"Reservação.",{"$nulls":5},29338.39]
["5.1","Código","Banco","Descrição.","Tipo",null,"und","Quant.","Valor Unit","Total"]
["Composição","COMPOSIÇÃO - 11","Próprio","Fornecimento e instalação de reservatório e base elevada 10 m³.","ASTU - ASSENTAMENTO DE TUBOS E PECAS",null,"un","1.00",27433.51,27433.51]
["Composição Auxiliar",92759,"SINAPI","Armação de pilar ou viga de estrutura convencional de concreto armado utilizando aço ca-60 de 5,0 mm - montagem. af_06/2022.","FUES - FUNDAÇÕES E ESTRUTURAS",null,"kg","2024-10-29",14.72,428.35]
["Composição Auxiliar",92761,"SINAPI","Armação de pilar ou viga de estrutura convencional de concreto armado utilizando aço ca-50 de 8,0 mm - montagem. af_06/2022.","FUES - FUNDAÇÕES E ESTRUTURAS",null,"kg","48.00",13.21,634.08000000000004]
["Composição Auxiliar",93358,"SINAPI","Escavação manual de vala com profundidade menor ou igual a 1,30 m. af_02/2021.","MOVT - MOVIMENTO DE TERRA",null,"m³","5.20",86.16,448.03]
["Composição Auxiliar",92763,"SINAPI","Armação de pilar ou viga de estrutura convencional de concreto armado utilizando aço ca-50 de 12,5 mm - montagem. af_06/2022.","FUES - FUNDAÇÕES E ESTRUTURAS",null,"kg","118.40",9.98,1181.6300000000001]
["Composição Auxiliar",94970,"SINAPI","Concreto fck = 20mpa, traço 1:2,7:3 (em massa seca de cimento/ areia média/ brita 1) - preparo mecânico com betoneira 600 l. af_05/2021.","FUES - FUNDAÇÕES E ESTRUTURAS",null,"m³","4.89",640.03,3129.75]
["Composição Auxiliar",103670,"SINAPI","Lançamento com uso de baldes, adensamento e acabamento de concreto em estruturas. af_02/2022.","FUES - FUNDAÇÕES E ESTRUTURAS",null,"m³","6.85",296.02999999999997,2027.81]
["Composição Auxiliar",84651,"SINAPI","Pintura com tinta impermeavel mineral em po, duas demaos.","PINT - PINTURAS",null,"m²","28.66",13.31,381.46]
["Composição Auxiliar",90776,"SINAPI","Encarregado geral com encargos complementares.","SEDI - SERVIÇOS DIVERSOS",null,"h","1.00",24.18,24.18]
["Composição Auxiliar",102482,"SINAPI","Concreto fck = 25mpa, traço 1:2,2:2,5 (em massa seca de cimento/ areia média/ seixo rolado) - preparo mecânico com betoneira 600 l. af_05/2021.","FUES - FUNDAÇÕES E ESTRUTURAS",null,"m³","1.96",991.47,1943.28]
["Composição Auxiliar",92263,"SINAPI","Fabricação de fôrma para pilares e estruturas similares, em chapa de madeira compensada resinada, e = 17 mm. af_09/2020.","FUES - FUNDAÇÕES E ESTRUTURAS",null,"m²","2024-10-18",171.29,3100.35]
["Composição Auxiliar",89272,"SINAPI","Guindaste hidráulico autopropelido, com lança telescópica 28,80 m, capacidade máxima 30 t, potência 97 kw, tração 4 x 4 - chp diurno. af_11/2014.","CHOR - CUSTOS HORÁRIOS DE MÁQUINAS E EQUIPAMENTOS",null,"chp","13.00",222.08,2887.04]
["Composição Auxiliar",5824,"SINAPI","Caminhão toco, pbt 16.000 kg, carga útil máx. 10.685 kg, dist. entre eixos 4,8 m, potência 189 cv, inclusive carroceria fixa aberta de madeira p/ transporte geral de carga seca, dimen. aprox. 2,5 x 7,00 x 0,50 m - chp diurno. af_06/2014.","CHOR - CUSTOS HORÁRIOS DE MÁQUINAS E EQUIPAMENTOS",null,"chp","24.00",223.53,5364.72]
["Composição Auxiliar",88267,"SINAPI","Encanador ou bombeiro hidráulico com encargos complementares.","SEDI - SERVIÇOS DIVERSOS",null,"h","4.00",26.5,106]
["Composição Auxiliar",88248,"SINAPI","Auxiliar de encanador ou bombeiro hidráulico com encargos complementares.","SEDI - SERVIÇOS DIVERSOS",null,"h","4.00",21.66,86.64]
["Insumo",11677,"SINAPI","Registro de esfera, pvc, com volante, vs, soldavel, dn 50 mm, com corpo dividido.","Material",null,"un","1.00",36.61,36.61]
["Insumo",3146,"SINAPI","Fita veda rosca em rolos de 18 mm x 10 m (l x c).","Material",null,"un","0.18",3.25,0.59]
["Insumo",37106,"SINAPI","Caixa d'agua / reservatorio em poliester reforcado com fibra de vidro, 10000 litros, com tampa.","Material",null,"un","1.00",5293.71,5293.71]
["Insumo",9875,"SINAPI","Tubo pvc, soldavel, de 50 mm, agua fria (nbr-5648).","Material",null,"m","15.20",16.059999999999999,244.11]
["Insumo",113,"SINAPI","Adaptador pvc soldavel curto com bolsa e rosca, 60 mm x 2\", para agua fria.","Material",null,"un","1.00",11.62,11.62]
["Insumo",3871,"SINAPI","Luva soldavel com rosca, pvc, 50 mm x 1 1/2\", para agua fria predial.","Material",null,"un","1.00",19,19]
["Insumo",3540,"SINAPI","Joelho pvc, soldavel, 90 graus, 50 mm, cor marrom, para agua fria predial.","Material",null,"un","5.00",5.19,25.95]
["Insumo",99,"SINAPI","Adaptador pvc soldavel, com flange e anel de vedacao, 50 mm x 1 1/2\", para caixa d'agua.","Material",null,"un","2.00",27.28,54.56]
["Insumo",119,"SINAPI","Adesivo plastico para pvc, bisnaga com 75 gr.","Material",null,"un","0.45",8.9700000000000006,4.04]
[{"$nulls":4},"MO sem LS =>",1848.56,"ls =>","2141-06-01","MO com LS =>",3989.62]
[{"$nulls":4},"Valor do BDI =>",7225.99,null,"Valor com BDI =>",null,34659.5]
[{"$nulls":6},"quant. =>","0.80","Preço Total =>",27727.599999999999]
[]
["5.2","Código","Banco","Descrição.","Tipo",null,"und","Quant.","Valor Unit","Total"]
["Composição","COMPOSIÇÃO - 12","Próprio","Fornecimento e execução de reservatório apoiado de 5 m³.","SEDI - SERVIÇOS DIVERSOS",null,"un","1.00",6374.83,6374.83]
["Composição Auxiliar",5928,"SINAPI","Guindauto hidráulico, capacidade máxima de carga 6200 kg, momento máximo de carga 11,7 tm, alcance máximo horizontal 9,70 m, inclusive caminhão toco pbt 16.000 kg, potência de 189 cv - chp diurno. af_06/2014.","CHOR - CUSTOS HORÁRIOS DE MÁQUINAS E EQUIPAMENTOS",null,"chp","4.00",287.44,1149.76]
["Composição Auxiliar",88309,"SINAPI","Pedreiro com encargos complementares.","SEDI - SERVIÇOS DIVERSOS",null,"h","3.00",27.26,81.78]
["Composição Auxiliar",88316,"SINAPI","Servente com encargos complementares.","SEDI - SERVIÇOS DIVERSOS",null,"h","3.00",21.78,65.34]
["Composição Auxiliar",88262,"SINAPI","Carpinteiro de formas com encargos complementares.","SEDI - SERVIÇOS DIVERSOS",null,"h","3.00",26.91,80.73]
["Composição Auxiliar",102617,"SINAPI","Caixa d´água em poliéster reforçado com fibra de vidro, 5000 litros - fornecimento e instalação. af_06/2021.","INHI - INSTALAÇÕES HIDROS SANITÁRIAS",null,"un","1.00",3624.16,3624.16]
["Composição Auxiliar",92783,"SINAPI","Armação de laje de uma estrutura convencional de concreto armado em uma edificação térrea ou sobrado utilizando aço ca-60 de 4,2 mm - montagem. af_12/2015.","FUES - FUNDAÇÕES E ESTRUTURAS",null,"kg","3.20",18.7,59.84]
["Composição Auxiliar",92759,"SINAPI","Armação de pilar ou viga de estrutura convencional de concreto armado utilizando aço ca-60 de 5,0 mm - montagem. af_06/2022.","FUES - FUNDAÇÕES E ESTRUTURAS",null,"kg","5.60",14.72,82.43]
["Composição Auxiliar",94964,"SINAPI","Concreto fck = 20mpa, traço 1:2,7:3 (em massa seca de cimento/ areia média/ brita 1) - preparo mecânico com betoneira 400 l. af_05/2021.","FUES - FUNDAÇÕES E ESTRUTURAS",null,"m³","1.56",651.87,1016.92]
["Composição Auxiliar",84651,"SINAPI","Pintura com tinta impermeavel mineral em po, duas demaos.","PINT - PINTURAS",null,"m²","2.70",13.31,35.94]
["Composição Auxiliar",92783,"SINAPI","Armação de laje de uma estrutura convencional de concreto armado em uma edificação térrea ou sobrado utilizando aço ca-60 de 4,2 mm - montagem. af_12/2015.","FUES - FUNDAÇÕES E ESTRUTURAS",null,"kg","3.20",18.7,59.84]
["Insumo",7155,"SINAPI","Tela de aco soldada nervurada, ca-60, q-138, (2,20 kg/m2), diametro do fio = 4,2 mm, largura = 2,45 m, espacamento da malha = 10 x 10 cm.","Material",null,"m²","6.16",19.170000000000002,118.09]
[{"$nulls":4},"MO sem LS =>",247.92,"ls =>","287.16","MO com LS =>",535.08000000000004]
[{"$nulls":4},"Valor do BDI =>",1679.13,null,"Valor com BDI =>",null,8053.96]
[{"$nulls":6},"quant. =>","0.20","Preço Total =>",1610.79]
[]
[6,null,null,"Bebedouro.",{"$nulls":5},2110.7199999999998]
["6.1","Código","Banco","Descrição.","Tipo",null,"und","Quant.","Valor Unit","Total"]
["Composição","COMPOSIÇÃO - 13","Próprio","Serviço de execução do bebedouro em concreto armado, incluso materiais.","SEDI - SERVIÇOS DIVERSOS",null,"un","1.00",1670.67,1670.67]
["Composição Auxiliar",5928,"SINAPI","Guindauto hidráulico, capacidade máxima de carga 6200 kg, momento máximo de carga 11,7 tm, alcance máximo horizontal 9,70 m, inclusive caminhão toco pbt 16.000 kg, potência de 189 cv - chp diurno. af_06/2014.","CHOR - CUSTOS HORÁRIOS DE MÁQUINAS E EQUIPAMENTOS",null,"chp","2.00",287.44,574.88]
["Composição Auxiliar",87445,"SINAPI","Betoneira capacidade nominal 400 l, capacidade de mistura 310 l, motor a diesel potência 5,0 hp, sem carregador - chp diurno. af_05/2023.","CHOR - CUSTOS HORÁRIOS DE MÁQUINAS E EQUIPAMENTOS",null,"chp","0.50",5.89,2.95]
["Composição Auxiliar",88377,"SINAPI","Operador de betoneira estacionária/misturador com encargos complementares.","SEDI - SERVIÇOS DIVERSOS",null,"h","0.50",23.65,11.83]
["Composição Auxiliar",88310,"SINAPI","Pintor com encargos complementares.","SEDI - SERVIÇOS DIVERSOS",null,"h","0.30",28.76,8.6300000000000008]
["Composição Auxiliar",100301,"SINAPI","Ajudante de pintor com encargos complementares.","SEDI - SERVIÇOS DIVERSOS",null,"h","0.10",23.94,2.39]
["Composição Auxiliar",88245,"SINAPI","Armador com encargos complementares.","SEDI - SERVIÇOS DIVERSOS",null,"h","3.00",27.05,81.150000000000006]
["Composição Auxiliar",88262,"SINAPI","Carpinteiro de formas com encargos complementares.","SEDI - SERVIÇOS DIVERSOS",null,"h","2.00",26.91,53.82]
["Composição Auxiliar",88316,"SINAPI","Servente com encargos complementares.","SEDI - SERVIÇOS DIVERSOS",null,"h","5.00",21.78,108.9]
["Composição Auxiliar",88309,"SINAPI","Pedreiro com encargos complementares.","SEDI - SERVIÇOS DIVERSOS",null,"h","4.00",27.26,109.04]
["Insumo",43055,"SINAPI","Aco ca-50, 12,5 mm ou 16,0 mm, vergalhao.","Material",null,"kg","12.00",7.49,89.88]
["Insumo",43059,"SINAPI","Aco ca-60, 4,2 mm, ou 5,0 mm, ou 6,0 mm, ou 7,0 mm, vergalhao.","Material",null,"kg","13.00",8.18,106.34]
["Insumo",32,"SINAPI","Aco ca-50, 6,3 mm, vergalhao.","Material",null,"kg","6.00",9.1199999999999992,54.72]
["Insumo",370,"SINAPI","Areia media - posto jazida/fornecedor (retirado na jazida, sem transporte).","Material",null,"m³","0.32",100,32]
["Insumo",1379,"SINAPI","Cimento portland composto cp ii-32.","Material",null,"kg","127.00",1.1000000000000001,139.69999999999999]
["Insumo",4718,"SINAPI","Pedra britada n. 2 (19 a 38 mm) posto pedreira/fornecedor, sem frete.","Material",null,"m³","0.08",215,17.2]
["Insumo",4721,"SINAPI","Pedra britada n. 1 (9,5 a 19 mm) posto pedreira/fornecedor, sem frete.","Material",null,"m³","0.23",213.87,49.19]
["Insumo",3767,"SINAPI","Lixa em folha para parede ou madeira, numero 120, cor vermelha.","Material",null,"un","0.12",0.87,0.1]
["Insumo",7356,"SINAPI","Tinta latex acrilica premium, cor branco fosco.","Material",null,"l","0.18",34.72,6.25]
["Insumo",43681,"SINAPI","Chapa/painel de madeira compensada resinada (madeirite resinado rosa) para forma de concreto, de 2200 x 1100 mm, e = 8 a 12 mm.","Material",null,"m²","7.30",30.37,221.7]
[{"$nulls":4},"MO sem LS =>",141.05000000000001,"ls =>","163.35","MO com LS =>",304.39999999999998]
[{"$nulls":4},"Valor do BDI =>",440.05,null,"Valor com BDI =>",null,2110.7199999999998]
[{"$nulls":6},"quant. =>","1.00","Preço Total =>",2110.7199999999998]
[]
[7,null,null,"Chafariz.",{"$nulls":5},1204.4100000000001]
["7.1","Código","Banco","Descrição.","Tipo",null,"und","Quant.","Valor Unit","Total"]
["Composição","COMPOSIÇÃO - 14","Próprio","Fornecimento de material e instalação do chafariz.","ASTU - ASSENTAMENTO DE TUBOS E PECAS",null,"un","1.00",953.31,953.31]
["Composição Auxiliar",88267,"SINAPI","Encanador ou bombeiro hidráulico com encargos complementares.","SEDI - SERVIÇOS DIVERSOS",null,"h","2.00",26.5,53]
["Composição Auxiliar",88248,"SINAPI","Auxiliar de encanador ou bombeiro hidráulico com encargos complementares.","SEDI - SERVIÇOS DIVERSOS",null,"h","2.00",21.66,43.32]
["Composição Auxiliar",93358,"SINAPI","Escavação manual de vala com profundidade menor ou igual a 1,30 m. af_02/2021.","MOVT - MOVIMENTO DE TERRA",null,"m³","0.09",86.16,8.18]
["Composição Auxiliar",92270,"SINAPI","Fabricação de fôrma para vigas, com madeira serrada, e = 25 mm. af_09/2020.","FUES - FUNDAÇÕES E ESTRUTURAS",null,"m²","0.63",160.57,100.84]
["Composição Auxiliar",94975,"SINAPI","Concreto fck = 15mpa, traço 1:3,4:3,5 (em massa seca de cimento/ areia média/ brita 1) - preparo manual. af_05/2021.","FUES - FUNDAÇÕES E ESTRUTURAS",null,"m³","0.16",648.73,101.85]
["Composição Auxiliar",2171,"ORSE","Piso cimentado liso traço 1:5, e = 3 cm, c/ junta plástica 3 x 27 mm.","Pisos : Cimentados, em Concreto Simples, tipo Tech-Stone e de Alta Resistência",null,"m²","0.79",52.58,41.28]
["Composição Auxiliar",87904,"SINAPI","Chapisco aplicado em alvenaria (com presença de vãos) e estruturas de concreto de fachada, com colher de pedreiro. argamassa traço 1:3 com preparo manual. af_10/2022.","REVE - REVESTIMENTO E TRATAMENTO DE SUPERFÍCIES",null,"m²","0.31",8.91,2.8]
["Composição Auxiliar",87529,"SINAPI","Massa única, em argamassa traço 1:2:8, preparo mecânico, aplicada manualmente em paredes internas de ambientes com área entre 5m² e 10m², e = 17,5mm, com taliscas. af_03/2024.","REVE - REVESTIMENTO E TRATAMENTO DE SUPERFÍCIES",null,"m²","0.31",42.04,13.2]
["Composição Auxiliar",84651,"SINAPI","Pintura com tinta impermeavel mineral em po, duas demaos.","PINT - PINTURAS",null,"m²","0.31",13.31,4.18]
["Insumo",765,"SINAPI","Bucha de reducao de ferro galvanizado, com rosca bsp, de 1\" x 3/4\".","Material",null,"un","2.00",10.23,20.46]
["Insumo",9887,"SINAPI","Uniao de ferro galvanizado, com rosca bsp, com assento plano, de 2\".","Material",null,"un","2.00",104.13,208.26]
["Insumo",21013,"SINAPI","Tubo aco galvanizado com costura, classe leve, dn 50 mm ( 2\"), e = 3,00 mm, *4,40* kg/m (nbr 5580).","Material",null,"m","1.80",45.9,82.62]
["Insumo",6298,"SINAPI","Te de ferro galvanizado, de 2\".","Material",null,"un","1.00",67.819999999999993,67.819999999999993]
["Insumo",3471,"SINAPI","Cotovelo 90 graus de ferro galvanizado, com rosca bsp, de 2\".","Material",null,"un","1.00",51.01,51.01]
["Insumo",113,"SINAPI","Adaptador pvc soldavel curto com bolsa e rosca, 60 mm x 2\", para agua fria.","Material",null,"un","1.00",11.62,11.62]
["Insumo",818,"SINAPI","Bucha de reducao de pvc, soldavel, curta, com 60 x 50 mm, para agua fria predial.","Material",null,"un","1.00",7.09,7.09]
["Insumo",7604,"SINAPI","Torneira metalica cromada para tanque / jardim, sem bico , cano longo, de parede, padrao popular / uso geral, 1/2 \" ou 3/4 \" (ref 1126).","Material",null,"un","2.00",33.380000000000003,66.760000000000005]
["Insumo",119,"SINAPI","Adesivo plastico para pvc, bisnaga com 75 gr.","Material",null,"un","1.00",8.9700000000000006,8.9700000000000006]
["Insumo",3146,"SINAPI","Fita veda rosca em rolos de 18 mm x 10 m (l x c).","Material",null,"un","1.00",3.25,3.25]
["Insumo",771,"SINAPI","Bucha de reducao de ferro galvanizado, com rosca bsp, de 2\" x 1\".","Material",null,"un","2.00",28.4,56.8]
[{"$nulls":4},"MO sem LS =>",61.17,"ls =>","70.86","MO com LS =>",132.03]
[{"$nulls":4},"Valor do BDI =>",251.1,null,"Valor com BDI =>",null,1204.4100000000001]
[{"$nulls":6},"quant. =>","1.00","Preço Total =>",1204.4100000000001]
[]
[8,null,null,"Cavalete.",{"$nulls":5},1844.25]
["8.1","Código","Banco","Descrição.","Tipo",null,"und","Quant.","Valor Unit","Total"]
["Composição","COMPOSIÇÃO - 15","Próprio","Fornecimento de conexões e instalação do cavalete com hidrômetro e clorador de pastilhas.","INHI - INSTALAÇÕES HIDROS SANITÁRIAS",null,"un","1.00",1459.75,1459.75]
["Composição Auxiliar",88248,"SINAPI","Auxiliar de encanador ou bombeiro hidráulico com encargos complementares.","SEDI - SERVIÇOS DIVERSOS",null,"h","3.00",21.66,64.98]
["Insumo",791,"SINAPI","Bucha de reducao de ferro galvanizado, com rosca bsp, de 1 1/2\" x 1\".","Material",null,"un","1.00",21.16,21.16]
["Insumo",9862,"SINAPI","Tubo pvc, roscavel, 1 1/2\", agua fria predial.","Material",null,"m","1.50",32.590000000000003,48.89]
["Insumo",11831,"SINAPI","Torneira plastica para tanque 1/2 \" ou 3/4 \" com bico para mangueira.","Material",null,"un","1.00",18.940000000000001,18.940000000000001]
["Insumo",2121,"SBC","Te de reducao ferro galvanizado 1.1/2\" x 1\".","Material",null,"un","1.00",57.49,57.49]
["Insumo",9569,"ORSE","Adaptador pvc bsxrm d= 35mm x 1 1/2\", linha irriga-lf, tigre ou similar un.","Material",null,"un","1.00",3.04,3.04]
["Insumo",3939,"SINAPI","Luva de ferro galvanizado, com rosca bsp, de 1 1/2\".","Material",null,"un","1.00",23.45,23.45]
["Insumo",1798,"SINAPI","Curva 90 graus de ferro galvanizado, com rosca bsp macho, de 2\".","Material",null,"un","1.00",130.71,130.71]
["Insumo",9887,"SINAPI","Uniao de ferro galvanizado, com rosca bsp, com assento plano, de 2\".","Material",null,"un","2.00",104.13,208.26]
["Insumo","00004181/SINAPI","ORSE","Niple de ferro galvanizado, com rosca bsp, de 2\".","Material",null,"un","2.00",39.24,78.48]
["Insumo",6028,"SINAPI","Registro gaveta bruto em latao forjado, bitola 2 \" (ref 1509).","Material",null,"un","1.00",99.24,99.24]
["Insumo",12775,"SINAPI","Hidrometro multijato / medidor de agua, dn 1\", vazao maxima de 7 m3/h, para agua potavel fria, relojoaria plana, classe b, horizontal (sem conexoes).","Material",null,"un","1.00",350.65,350.65]
["Insumo",771,"SINAPI","Bucha de reducao de ferro galvanizado, com rosca bsp, de 2\" x 1\".","Material",null,"un","1.00",28.4,28.4]
["Insumo",6305,"SINAPI","Te de reducao de ferro galvanizado, com rosca bsp, de 2\" x 1\".","Material",null,"un","1.00",75.09,75.09]
["Insumo",12464,"ORSE","Clorador dosador de cloro de pastilhas automático.","Material",null,"un","1.00",250.97,250.97]
[{"$nulls":4},"MO sem LS =>",20.07,"ls =>","23.25","MO com LS =>",43.32]
[{"$nulls":4},"Valor do BDI =>",384.5,null,"Valor com BDI =>",null,1844.25]
[{"$nulls":6},"quant. =>","1.00","Preço Total =>",1844.25]
[]
[9,null,null,"Instalações hidráulicas poço e adutora.",{"$nulls":5},22628.28]
["9.1","Código","Banco","Descrição.","Tipo",null,"und","Quant.","Valor Unit","Total"]
["Composição","COMPOSIÇÃO - 16","Próprio","Fornecimento e instalação da rede adutora poço-reservatório-bebedouro em pn80 e dn50mm.","SEDI - SERVIÇOS DIVERSOS",null,"m","1.00",30.43,30.43]
["Composição Auxiliar",88316,"SINAPI","Servente com encargos complementares.","SEDI - SERVIÇOS DIVERSOS",null,"h","0.05",21.78,1.0900000000000001]
["Composição Auxiliar",93358,"SINAPI","Escavação manual de vala com profundidade menor ou igual a 1,30 m. af_02/2021.","MOVT - MOVIMENTO DE TERRA",null,"m³","0.05",86.16,4.3099999999999996]
["Insumo",9875,"SINAPI","Tubo pvc, soldavel, de 50 mm, agua fria (nbr-5648).","Material",null,"m","1.00",16.059999999999999,16.059999999999999]
["Insumo",119,"SINAPI","Adesivo plastico para pvc, bisnaga com 75 gr.","Material",null,"un","1.00",8.9700000000000006,8.9700000000000006]
[{"$nulls":4},"MO sem LS =>",1.61,"ls =>","1.86","MO com LS =>",3.47]
[{"$nulls":4},"Valor do BDI =>",8.02,null,"Valor com BDI =>",null,38.450000000000003]
[{"$nulls":6},"quant. =>","400.00","Preço Total =>",15380]
[]
["9.2","Código","Banco","Descrição.","Tipo",null,"und","Quant.","Valor Unit","Total"]
["Composição","COMPOSIÇÃO - 17","Próprio","Montagem hidráulica do equipamento de bombeamento.","INHI - INSTALAÇÕES HIDROS SANITÁRIAS",null,"un","1.00",144.47999999999999,144.47999999999999]
["Composição Auxiliar",88267,"SINAPI","Encanador ou bombeiro hidráulico com encargos complementares.","SEDI - SERVIÇOS DIVERSOS",null,"h","3.00",26.5,79.5]
["Composição Auxiliar",88248,"SINAPI","Auxiliar de encanador ou bombeiro hidráulico com encargos complementares.","SEDI - SERVIÇOS DIVERSOS",null,"h","3.00",21.66,64.98]
[{"$nulls":4},"MO sem LS =>",46.87,"ls =>","54.29","MO com LS =>",101.16]
[{"$nulls":4},"Valor do BDI =>",38.06,null,"Valor com BDI =>",null,182.54]
[{"$nulls":6},"quant. =>","1.00","Preço Total =>",182.54]
[]
["9.3","Código","Banco","Descrição.","Tipo",null,"und","Quant.","Valor Unit","Total"]
["Insumo",38200,"SINAPI","Corda de poliamida 12 mm tipo bombeiro, para trabalho em altura.","Material",null,"100m","1.00",840.85,840.85]
[{"$nulls":4},"MO sem LS =>",0,"ls =>","0.00","MO com LS =>",0]
[{"$nulls":4},"Valor do BDI =>",128.47999999999999,null,"Valor com BDI =>",null,969.33]
[{"$nulls":6},"quant. =>","0.93","Preço Total =>",901.48]
[]
["9.4","Código","Banco","Descrição.","Tipo",null,"und","Quant.","Valor Unit","Total"]
["Insumo",9860,"SINAPI","Tubo pvc, roscavel, 2\", para agua fria predial.","Material",null,"m","1.00",46.64,46.64]
[{"$nulls":4},"MO sem LS =>",0,"ls =>","0.00","MO com LS =>",0]
[{"$nulls":4},"Valor do BDI =>",12.28,null,"Valor com BDI =>",null,58.92]
[{"$nulls":6},"quant. =>","90.00","Preço Total =>",5302.8]
[]
["9.5","Código","Banco","Descrição.","Tipo",null,"und","Quant.","Valor Unit","Total"]
["Insumo",3912,"SINAPI","Luva de ferro galvanizado, com rosca bsp, de 2\".","Material",null,"un","1.00",35.909999999999997,35.909999999999997]
[{"$nulls":4},"MO sem LS =>",0,"ls =>","0.00","MO com LS =>",0]
[{"$nulls":4},"Valor do BDI =>",9.4600000000000009,null,"Valor com BDI =>",null,45.37]
[{"$nulls":6},"quant. =>","16.00","Preço Total =>",725.92]
[]
["9.6","Código","Banco","Descrição.","Tipo",null,"und","Quant.","Valor Unit","Total"]
["Insumo",5128,"ORSE","Tampa de poço galvanizada em 6\" un.","Serviços",null,"un","1.00",107.28,107.28]
[{"$nulls":4},"MO sem LS =>",0,"ls =>","0.00","MO com LS =>",0]
[{"$nulls":4},"Valor do BDI =>",28.26,null,"Valor com BDI =>",null,135.54]
[{"$nulls":6},"quant. =>","1.00","Preço Total =>",135.54]
[]
[10,null,null,"Estrutura de fixação para módulos fotovoltáicos.",{"$nulls":5},5400.32]
["10.1","Código","Banco","Descrição.","Tipo",null,"und","Quant.","Valor Unit","Total"]
["Composição","COMPOSIÇÃO - 18","Próprio","Serviço de fixação de estruturas para os módulos fotovoltaicos e suportes de concreto, incluso materiais.","SEDI - SERVIÇOS DIVERSOS",null,"m²","1.00",267.14999999999998,267.14999999999998]
["Composição Auxiliar",94975,"SINAPI","Concreto fck = 15mpa, traço 1:3,4:3,5 (em massa seca de cimento/ areia média/ brita 1) - preparo manual. af_05/2021.","FUES - FUNDAÇÕES E ESTRUTURAS",null,"m³","0.09",648.73,61.3]
["Composição Auxiliar",93358,"SINAPI","Escavação manual de vala com profundidade menor ou igual a 1,30 m. af_02/2021.","MOVT - MOVIMENTO DE TERRA",null,"m³","0.06",86.16,5.39]
["Composição Auxiliar",96534,"SINAPI","Fabricação, montagem e desmontagem de fôrma para bloco de coroamento, em madeira serrada, e=25 mm, 4 utilizações. af_06/2017.","FUES - FUNDAÇÕES E ESTRUTURAS",null,"m²","0.03",81.55,2.61]
["Composição Auxiliar",88316,"SINAPI","Servente com encargos complementares.","SEDI - SERVIÇOS DIVERSOS",null,"h","2.64",21.78,57.43]
["Composição Auxiliar",88278,"SINAPI","Montador de estrutura metálica com encargos complementares.","SEDI - SERVIÇOS DIVERSOS",null,"h","2.64",23.71,62.52]
["Insumo",15690,"SBC","Estrutura metalica tesoura c/coluna 20/35m(24,72kg/m2).","Material",null,"m²","1.00",77.900000000000006,77.900000000000006]
[{"$nulls":4},"MO sem LS =>",43.78,"ls =>","50.70","MO com LS =>",94.48]
[{"$nulls":4},"Valor do BDI =>",70.37,null,"Valor com BDI =>",null,337.52]
[{"$nulls":6},"quant. =>","16.00","Preço Total =>",5400.32]
[]
[11,null,null,"Instalações elétricas.",{"$nulls":5},20685.96]
["11.1","Código","Banco","Descrição.","Tipo",null,"und","Quant.","Valor Unit","Total"]
["Composição","COMPOSIÇÃO - 19","Próprio","Montagem e instalação elétrica do kit de bombeamento e sistema fotovoltaico inclusive sistema de aterramento.","INEL - INSTALAÇÃO ELÉTRICA/ELETRIFICAÇÃO E ILUMINAÇÃO EXTERNA",null,"un","1.00",1142.77,1142.77]
["Composição Auxiliar",88247,"SINAPI","Auxiliar de eletricista com encargos complementares.","SEDI - SERVIÇOS DIVERSOS",null,"h","8.00",22.66,181.28]
["Insumo",20111,"SINAPI","Fita isolante adesiva antichama, uso ate 750 v, em rolo de 19 mm x 20 m.","Material",null,"un","1.00",23.96,23.96]
["Insumo",2674,"SINAPI","Fornecimento de eletroduto de pvc rigido roscavel de 3/4 \", sem luva.","Material",null,"m","15.00",5.65,84.75]
["Insumo",12034,"SINAPI","Fornecimento de curva 180 graus, de pvc rigido roscavel, de 3/4\", para eletroduto.","Material",null,"un","1.00",5.91,5.91]
["Insumo",39272,"SINAPI","Fornecimento de curva 90 graus, curta, de pvc rigido roscavel, de 3/4\", para eletroduto.","Material",null,"un","2.00",3.23,6.46]
["Insumo",3379,"SINAPI","Haste de aterramento em aco com 3,00 m de comprimento e dn = 5/8\", revestida com baixa camada de cobre, sem conector.","Material",null,"un","0.66",68.92,45.49]
["Insumo",1891,"SINAPI","Fornecimento de luva em pvc rigido roscavel, de 3/4\", para eletroduto.","Material",null,"un","9.00",1.49,13.41]
["Insumo",425,"SINAPI","Grampo metalico tipo olhal para haste de aterramento de 5/8'', condutor de *10* a 50 mm2.","Material",null,"un","2.00",6.54,13.08]
["Insumo",34643,"SINAPI","Fornecimento de caixa de inspecao para aterramento e para raios, em polipropileno, diametro = 300 mm x altura = 400 mm.","Material",null,"un","2.00",47.45,94.9]
["Insumo",867,"SINAPI","Cabo de cobre nu 50 mm2 meio-duro.","Material",null,"m","7.50",60.11,450.83]
["Insumo",54581,"SIURB INFRA","Dps - dispositivo de proteção contra surtos – 45ka – 500 volts - corrente contínua - classe ii - p/ sistema fotovoltáico.","Material",null,"un","1.00",222.7,222.7]
[{"$nulls":4},"MO sem LS =>",54.71,"ls =>","63.37","MO com LS =>",118.08]
[{"$nulls":4},"Valor do BDI =>",301.01,null,"Valor com BDI =>",null,1443.78]
[{"$nulls":6},"quant. =>","1.00","Preço Total =>",1443.78]
[]
["11.2","Código","Banco","Descrição.","Tipo",null,"und","Quant.","Valor Unit","Total"]
["Insumo",34622,"SINAPI","Fornecimento de cabo flexivel pvc 750 v, 3 condutores de 6,0 mm2.","Material",null,"m","1.00",23.63,23.63]
[{"$nulls":4},"MO sem LS =>",0,"ls =>","0.00","MO com LS =>",0]
[{"$nulls":4},"Valor do BDI =>",3.61,null,"Valor com BDI =>",null,27.24]
[{"$nulls":6},"quant. =>","105.00","Preço Total =>",2860.2]
[]
["11.3","Código","Banco","Descrição.","Tipo",null,"und","Quant.","Valor Unit","Total"]
["Composição","COMPOSIÇÃO - 20","Próprio","Fornecimento e instalação de automático de bóia superior e inferior.","ASTU - ASSENTAMENTO DE TUBOS E PECAS",null,"un","1.00",60.95,60.95]
["Composição Auxiliar",88264,"SINAPI","Eletricista com encargos complementares.","SEDI - SERVIÇOS DIVERSOS",null,"h","0.20",27.6,5.52]
["Composição Auxiliar",88247,"SINAPI","Auxiliar de eletricista com encargos complementares.","SEDI - SERVIÇOS DIVERSOS",null,"h","0.20",22.66,4.53]
["Insumo",7588,"SINAPI","Automatico de boia superior / inferior, *15* a / 250 v.","Material",null,"un","1.00",49.5,49.5]
["Insumo",21127,"SINAPI","Fita isolante adesiva antichama, uso ate 750 v, em rolo de 19 mm x 5 m.","Material",null,"un","0.10",9.06,0.91]
["Insumo",3146,"SINAPI","Fita veda rosca em rolos de 18 mm x 10 m (l x c).","Material",null,"un","0.15",3.25,0.49]
[{"$nulls":4},"MO sem LS =>",3.19,"ls =>","3.70","MO com LS =>",6.89]
[{"$nulls":4},"Valor do BDI =>",16.05,null,"Valor com BDI =>",null,77]
[{"$nulls":6},"quant. =>","1.00","Preço Total =>",77]
[]
["11.4","Código","Banco","Descrição.","Tipo",null,"und","Quant.","Valor Unit","Total"]
["Insumo",39257,"SINAPI","Cabo multipolar de cobre, flexivel, classe 4 ou 5, isolacao em hepr, cobertura em pvc-st2, antichama bwf-b, 0,6/1 kv, 3 condutores de 1,5 mm2.","Material",null,"m","1.00",6.42,6.42]
[{"$nulls":4},"MO sem LS =>",0,"ls =>","0.00","MO com LS =>",0]
[{"$nulls":4},"Valor do BDI =>",1.69,null,"Valor com BDI =>",null,8.11]
[{"$nulls":6},"quant. =>","200.00","Preço Total =>",1622]
[]
["11.5","Código","Banco","Descrição.","Tipo",null,"und","Quant.","Valor Unit","Total"]
["Insumo","COTAÇÃO-001","Próprio","Fornecimento de kit de bombeamento fotovoltaico, incluindo uma bomba cc de 2200w com controladora de carga externa, caixa de proteção metálica, módulos fotovoltaicos compatíveis com a geração de 3300wp além de componentes elétricos necessários para interligação dos painéis, como cabos, conectores mc4 e presilhas de fixação.","Serviços",null,"un","1.00",11621.8,11621.8]
[{"$nulls":4},"MO sem LS =>",0,"ls =>","0.00","MO com LS =>",0]
[{"$nulls":4},"Valor do BDI =>",3061.18,null,"Valor com BDI =>",null,14682.98]
[{"$nulls":6},"quant. =>","1.00","Preço Total =>",14682.98]
[]
[12,null,null,"Urbanização.",{"$nulls":5},4148.92]
["12.1","Código","Banco","Descrição.","Tipo",null,"und","Quant.","Valor Unit","Total"]
["Composição","COMPOSIÇÃO - 21","Próprio","Cerca com mourões de concreto de 15x15cm, espaçados de 3m e cravados a 0,5m, escoras de 10x10cm nos cantos, e 9 fios de arame de aço ovalado 15x17.","SEDI - SERVIÇOS DIVERSOS",null,"m","1.00",85.59,85.59]
["Composição Auxiliar",88309,"SINAPI","Pedreiro com encargos complementares.","SEDI - SERVIÇOS DIVERSOS",null,"h","0.34",27.26,9.1300000000000008]
["Composição Auxiliar",88316,"SINAPI","Servente com encargos complementares.","SEDI - SERVIÇOS DIVERSOS",null,"h","0.67",21.78,14.61]
["Composição Auxiliar",94975,"SINAPI","Concreto fck = 15mpa, traço 1:3,4:3,5 (em massa seca de cimento/ areia média/ brita 1) - preparo manual. af_05/2021.","FUES - FUNDAÇÕES E ESTRUTURAS",null,"m³","0.03",648.73,18.68]
["Insumo",43130,"SINAPI","Arame galvanizado 12 bwg, d = 2,76 mm (0,048 kg/m) ou 14 bwg, d = 2,11 mm (0,026 kg/m).","Material",null,"kg","0.10",26.13,2.56]
["Insumo",346,"SINAPI","Arame de aco ovalado 15 x 17 ( 45,7 kg, 700 kgf), rolo 1000 m.","Material",null,"kg","0.41",30.95,12.53]
["Insumo",4111,"SINAPI","Escora pre-moldada em concreto, *10 x 10* cm, h = 2,30m.","Material",null,"un","0.16",51.56,8.25]
["Insumo","I1533","SEINFRA","Mourão concreto base 15x15cm h=2.3 c/ 12 furos.","Material",null,"un","0.42",47.22,19.829999999999998]
[{"$nulls":4},"MO sem LS =>",8.51,"ls =>","9.86","MO com LS =>",18.37]
[{"$nulls":4},"Valor do BDI =>",22.54,null,"Valor com BDI =>",null,108.13]
[{"$nulls":6},"quant. =>","28.00","Preço Total =>",3027.64]
[]
["12.2","Código","Banco","Descrição.","Tipo",null,"und","Quant.","Valor Unit","Total"]
["Composição","COMPOSIÇÃO - 22","Próprio","Serviço de instalação de portão de ferro com suporte e batedor conforme projeto, incluso material.","SEDI - SERVIÇOS DIVERSOS",null,"m²","1.00",591.66999999999996,591.66999999999996]
["Composição Auxiliar",88309,"SINAPI","Pedreiro com encargos complementares.","SEDI - SERVIÇOS DIVERSOS",null,"h","1.50",27.26,40.89]
["Composição Auxiliar",88316,"SINAPI","Servente com encargos complementares.","SEDI - SERVIÇOS DIVERSOS",null,"h","1.50",21.78,32.67]
["Insumo",367,"SINAPI","Areia grossa - posto jazida/fornecedor (retirado na jazida, sem transporte).","Material",null,"m³","0.06",101.3,6.18]
["Insumo",1379,"SINAPI","Cimento portland composto cp ii-32.","Material",null,"kg","4.83",1.1000000000000001,5.31]
["Insumo",4948,"SINAPI","Portao de abrir / giro, em gradil de metalon redondo de 3/4\" vertical, com requadro, acabamento natural - completo.","Material",null,"m²","1.00",506.62,506.62]
[{"$nulls":4},"MO sem LS =>",23.17,"ls =>","26.85","MO com LS =>",50.02]
[{"$nulls":4},"Valor do BDI =>",155.85,null,"Valor com BDI =>",null,747.52]
[{"$nulls":6},"quant. =>","1.50","Preço Total =>",1121.28]
[]
[13,null,null,"Outros serviços e insumos excepcionais.",{"$nulls":5},14308.45]
["13.1","Código","Banco","Descrição.","Tipo",null,"und","Quant.","Valor Unit","Total"]
["Composição","COMPOSIÇÃO - 23","Próprio","Execução de tamponamento conforme especificação.","SEDI - SERVIÇOS DIVERSOS",null,"m³","1.00",830.77,830.77]
["Composição Auxiliar",87316,"SINAPI","Argamassa traço 1:4 (em volume de cimento e areia grossa úmida) para chapisco convencional, preparo mecânico com betoneira 400 l. af_08/2019.","SEDI - SERVIÇOS DIVERSOS",null,"m³","1.00",595.12,595.12]
["Composição Auxiliar",88316,"SINAPI","Servente com encargos complementares.","SEDI - SERVIÇOS DIVERSOS",null,"h","1.00",21.78,21.78]
["Insumo",4721,"SINAPI","Pedra britada n. 1 (9,5 a 19 mm) posto pedreira/fornecedor, sem frete.","Material",null,"m³","1.00",213.87,213.87]
[{"$nulls":4},"MO sem LS =>",42.88,"ls =>","49.67","MO com LS =>",92.55]
[{"$nulls":4},"Valor do BDI =>",218.82,null,"Valor com BDI =>",null,1049.5899999999999]
[{"$nulls":6},"quant. =>","0.08","Preço Total =>",83.97]
[]
["13.2","Código","Banco","Descrição.","Tipo",null,"und","Quant.","Valor Unit","Total"]
["Insumo",13747,"ORSE","Revestimento tubo liso aço sch-40 em 12\".","Serviços",null,"m","1.00",921.04,921.04]
[{"$nulls":4},"MO sem LS =>",0,"ls =>","0.00","MO com LS =>",0]
[{"$nulls":4},"Valor do BDI =>",242.6,null,"Valor com BDI =>",null,1163.6400000000001]
[{"$nulls":6},"quant. =>","6.00","Preço Total =>",6981.84]
[]
["13.3","Código","Banco","Descrição.","Tipo",null,"und","Quant.","Valor Unit","Total"]
["Insumo","M3929","SICRO3","Tubo em aço-carbono - e = 3,00 mm e d = 150 mm (6\").","Material",null,"m","1.00",171.2287,171.2287]
[{"$nulls":4},"MO sem LS =>",0,"ls =>","0.00","MO com LS =>",0]
[{"$nulls":4},"Valor do BDI =>",45.1,null,"Valor com BDI =>",null,216.33]
[{"$nulls":6},"quant. =>","6.00","Preço Total =>",1297.98]
[]
["13.4","Código","Banco","Descrição.","Tipo",null,"und","Quant.","Valor Unit","Total"]
["Insumo","M039706073","EMBASA","Filtro nold em aço galvanizado dn 6\".","Material",null,"m","1.00",763.9,763.9]
[{"$nulls":4},"MO sem LS =>",0,"ls =>","0.00","MO com LS =>",0]
[{"$nulls":4},"Valor do BDI =>",201.21,null,"Valor com BDI =>",null,965.11]
[{"$nulls":6},"quant. =>","6.00","Preço Total =>",5790.66]
[]
["13.5","Código","Banco","Descrição.","Tipo",null,"und","Quant.","Valor Unit","Total"]
["Composição","COMPOSIÇÃO - 24","Próprio","Limpeza manual , remoção de cerca, capina e instalação dos equipamentos (área do poço, painéis solares, bebedouro e reservatório).","SEDI - SERVIÇOS DIVERSOS",null,"m²","1.00",1.74,1.74]
["Composição Auxiliar",88316,"SINAPI","Servente com encargos complementares.","SEDI - SERVIÇOS DIVERSOS",null,"h","0.08",21.78,1.74]
[{"$nulls":4},"MO sem LS =>",0.52,"ls =>","0.60","MO com LS =>",1.1200000000000001]
[{"$nulls":4},"Valor do BDI =>",0.46,null,"Valor com BDI =>",null,2.2000000000000002]
[{"$nulls":6},"quant. =>","70.00","Preço Total =>",154]

{"sheet":"Crono. - PA - T","index":15,"n_rows":27,"n_cols":15,"rows_kept":27,"cut":false,"hidden":false,"merged":[[0,0,6,14],[7,0,8,14],[23,0,23,1],[23,2,26,2],[24,0,24,1],[25,0,25,1],[26,0,26,1]]}
["OBJETO: EXECUÇÃO DE SERVIÇOS DE PERFURAÇÃO E INSTALAÇÃO DE POÇOS TUBULARES EM MUNICÍPIOS LOCALIZADOS NO ESTADO DO PARÁ, NA ÁREA DE ATUAÇÃO DA CODEVASF"]
[]
[]
[]
[]
[]
[]
["CRONOGRAMA FÍSICO-FINANCEIRO POÇO TOTALMENTE REVESTIDO"]
[]
["ITEM","ESPECIFICAÇÃO DOS SERVIÇOS","VALOR TOTAL (R$)","Mês 01","Mês 02","Mês 03","Mês 04","Mês 05","Mês 06","Mês 07","Mês 08","Mês 09","Mês 10","Mês 11","Mês 12"]
["1","Serviços preliminares.",180063,15005.25,15005.25,15005.25,15005.25,15005.25,15005.25,15005.25,15005.25,15005.25,15005.25,15005.25,15005.25]
["2","Mobilizaçâo e desmobilizaçâo equipe campo.",136080,11340,11340,11340,11340,11340,11340,11340,11340,11340,11340,11340,11340]
["3","Perfuração e completação de poço tubular.",5655994.7800000003,471332.89833333337,471332.89833333337,471332.89833333337,471332.89833333337,471332.89833333337,471332.89833333337,471332.89833333337,471332.89833333337,471332.89833333337,471332.89833333337,471332.89833333337,471332.89833333337]
["4","Pós perfuração.",657914.93999999994,54826.244999999995,54826.244999999995,54826.244999999995,54826.244999999995,54826.244999999995,54826.244999999995,54826.244999999995,54826.244999999995,54826.244999999995,54826.244999999995,54826.244999999995,54826.244999999995]
["5","Reservação.",1584273.17,132022.76416666666,132022.76416666666,132022.76416666666,132022.76416666666,132022.76416666666,132022.76416666666,132022.76416666666,132022.76416666666,132022.76416666666,132022.76416666666,132022.76416666666,132022.76416666666]
["6","Bebedouro.",113978.88,9498.24,9498.24,9498.24,9498.24,9498.24,9498.24,9498.24,9498.24,9498.24,9498.24,9498.24,9498.24]
["7","Chafariz.",65038.14,5419.8450000000003,5419.8450000000003,5419.8450000000003,5419.8450000000003,5419.8450000000003,5419.8450000000003,5419.8450000000003,5419.8450000000003,5419.8450000000003,5419.8450000000003,5419.8450000000003,5419.8450000000003]
["8","Cavalete.",99589.5,8299.125,8299.125,8299.125,8299.125,8299.125,8299.125,8299.125,8299.125,8299.125,8299.125,8299.125,8299.125]
["9","Instalações hidráulicas poço e adutora.",1192826.8899999999,99402.24083333333,99402.24083333333,99402.24083333333,99402.24083333333,99402.24083333333,99402.24083333333,99402.24083333333,99402.24083333333,99402.24083333333,99402.24083333333,99402.24083333333,99402.24083333333]
["10","Estrutura de fixação para módulos fotovoltáicos.",276671.89,23055.990833333333,23055.990833333333,23055.990833333333,23055.990833333333,23055.990833333333,23055.990833333333,23055.990833333333,23055.990833333333,23055.990833333333,23055.990833333333,23055.990833333333,23055.990833333333]
["11","Instalações elétricas.",1109373.8400000001,92447.82,92447.82,92447.82,92447.82,92447.82,92447.82,92447.82,92447.82,92447.82,92447.82,92447.82,92447.82]
["12","Urbanização.",224041.68,18670.14,18670.14,18670.14,18670.14,18670.14,18670.14,18670.14,18670.14,18670.14,18670.14,18670.14,18670.14]
["13","Outros serviços e insumos excepcionais.",375065.97,31255.497499999998,31255.497499999998,31255.497499999998,31255.497499999998,31255.497499999998,31255.497499999998,31255.497499999998,31255.497499999998,31255.497499999998,31255.497499999998,31255.497499999998,31255.497499999998]
["TOTAL",null,11670912.680000002,972576.05666666664,972576.05666666664,972576.05666666664,972576.05666666664,972576.05666666664,972576.05666666664,972576.05666666664,972576.05666666664,972576.05666666664,972576.05666666664,972576.05666666664,972576.05666666664]
["PERCENTUAL",null,null,8.3333333333333315E-2,8.3333333333333315E-2,8.3333333333333315E-2,8.3333333333333315E-2,8.3333333333333315E-2,8.3333333333333315E-2,8.3333333333333315E-2,8.3333333333333315E-2,8.3333333333333315E-2,8.3333333333333315E-2,8.3333333333333315E-2,8.3333333333333315E-2]
["CUSTO ACUMULADO",null,null,972576.05666666664,1945152.1133333333,2917728.17,3890304.2266666666,4862880.2833333332,5835456.3399999999,6808032.3966666665,7780608.4533333331,8753184.5099999998,9725760.5666666664,10698336.623333333,11670912.68]
["PERCENTUAL ACUMULADO",null,null,8.3333333333333315E-2,0.16666666666666663,0.24999999999999994,0.33333333333333326,0.41666666666666657,0.49999999999999989,0.58333333333333326,0.66666666666666652,0.74999999999999978,0.83333333333333304,0.9166666666666663,0.99999999999999956]